{"text_format":"1","workbook":"xls","n_sheets":1,"sheets":["PCA 2023 Aprovada"],"not_rendered":{"charts":0,"images":0,"macros":0,"external_links":0,"defined_names":0,"comments":0,"pivot_tables":0},"unopened":[],"bounds":{"document_bytes":16777216,"sheet_cells":100000,"rows_first":2000,"rows_last":500,"rows_between":2000,"halvings":0,"cell_chars":16384,"cell_head_chars":4096},"cells_cut":0,"cells_raw":0,"read":"whole","date_system":"1900","formulas":"cached_only"}

{"sheet":"PCA 2023 Aprovada","index":0,"n_rows":494,"n_cols":24,"rows_kept":494,"cut":false,"hidden":false,"merged":[],"flags":["formulas_cached_only"]}
["Número da contratação","Status da contratação","Título da contratação","Categoria da contratação","UASG Atual","Valor total da contratação","Data estimada para o início do processo de contratação","Data estimada para a conclusão do processo de contratação","Prazo estimado de duração do processo de contratação (dias)","Área requisitante","Nº DFD","Nº do Item no DFD","Data da conclusão da Contratação no DFD","Classificação da Contratação","Código Classe/Grupo","Nome Classe/Grupo","Código PDM material","Nome do PDM material","Código material/serviço","Descrição material/serviço","Unidade Fornecimento","Valor Unitário","Quantidade","Valor Total"]
["01/2023","Aprovada","MS.SAES.DAHU.CGURG","BENS",250005,653850000,"2023-02-06","2023-12-29",326,"MS.SAES.DAHU.CGURG","2023-05-01",1,"2023-07-31","Material",2320,"VEÍCULOS SOBRE RODAS",2396,"AMBULÂNCIA",237134,"TIPO: FURGÃO, CAPACIDADE MÍNIMA CARGA: 990, COR: BRANCA, FORMATO SINALIZADOR: ASA DELTA, ESTRUTURA SINALIZADOR: AÇO EXTRUDADO, TIPO SINALIZADOR: GIRATÓRIO / 7 MÓDULOS, ALTURA: 1.881, COMPRIMENTO: 2.860, LARGURA: 1.724, TIPO DIREÇÃO: HIDRÁULICA, COMBUSTÍVEL: DIESEL, QUANTIDADE PORTAS: 5, MATERIAL CARROCERIA: CHAPA AÇO, APLICAÇÃO: REMOÇÃO DE DOENTES","UN",276000,1800,496800000]
["01/2023","Aprovada","MS.SAES.DAHU.CGURG","BENS",250005,653850000,"2023-02-06","2023-12-29",326,"MS.SAES.DAHU.CGURG","2023-05-01",2,"2023-07-31","Material",2320,"VEÍCULOS SOBRE RODAS",2396,"AMBULÂNCIA",237134,"TIPO: FURGÃO, CAPACIDADE MÍNIMA CARGA: 990, COR: BRANCA, FORMATO SINALIZADOR: ASA DELTA, ESTRUTURA SINALIZADOR: AÇO EXTRUDADO, TIPO SINALIZADOR: GIRATÓRIO / 7 MÓDULOS, ALTURA: 1.881, COMPRIMENTO: 2.860, LARGURA: 1.724, TIPO DIREÇÃO: HIDRÁULICA, COMBUSTÍVEL: DIESEL, QUANTIDADE PORTAS: 5, MATERIAL CARROCERIA: CHAPA AÇO, APLICAÇÃO: REMOÇÃO DE DOENTES","UN",435000,250,108750000]
["01/2023","Aprovada","MS.SAES.DAHU.CGURG","BENS",250005,653850000,"2023-02-06","2023-12-29",326,"MS.SAES.DAHU.CGURG","2023-05-01",3,"2023-07-31","Material",2320,"VEÍCULOS SOBRE RODAS",2396,"AMBULÂNCIA",237134,"TIPO: FURGÃO, CAPACIDADE MÍNIMA CARGA: 990, COR: BRANCA, FORMATO SINALIZADOR: ASA DELTA, ESTRUTURA SINALIZADOR: AÇO EXTRUDADO, TIPO SINALIZADOR: GIRATÓRIO / 7 MÓDULOS, ALTURA: 1.881, COMPRIMENTO: 2.860, LARGURA: 1.724, TIPO DIREÇÃO: HIDRÁULICA, COMBUSTÍVEL: DIESEL, QUANTIDADE PORTAS: 5, MATERIAL CARROCERIA: CHAPA AÇO, APLICAÇÃO: REMOÇÃO DE DOENTES","UN",483000,100,48300000]
["02/2023","Aprovada","MS.SCTIE.DAF.CGCEAF","BENS",250005,171681383.7,"2023-02-06","2023-12-29",326,"MS.SCTIE.DAF.CGCEAF","2023-04-01",1,"2023-06-02","Material",6505,"DROGAS E MEDICAMENTOS",19836,"ONASEMNOGENE ABEPARVOVEC-XIOI",469504,"CONCENTRAÇÃO: 2.0 X 10¹³ VG/ML, FORMA FARMACÊUTICA: SUSPENSÃO INJETÁVEL",null,171681383.7,1,171681383.7]
["03/2023","Aprovada","MS.SCTIE.DAF.CGCEAF","BENS",250005,37956239,"2023-02-06","2023-12-29",326,"MS.SCTIE.DAF.CGCEAF","2023-03-01",1,"2023-06-02","Material",6505,"DROGAS E MEDICAMENTOS",17957,"TERIPARATIDA",331223,"CONCENTRAÇÃO: 250, FORMA FARMACÊUTICA: SOLUÇÃO INJETÁVEL, CARACTERÍSTICAS ADICIONAIS: COM SISTEMA DE APLICAÇÃO",null,1,37956239,37956239]
["106/2022","Aprovada","MS.SAES.DAET.CGSH","BENS",250005,3894000,"2023-01-16","2023-06-30",165,"MS.SAES.DAET.CGSH","64/2022",null,"2023-02-01","Material",6505,"DROGAS E MEDICAMENTOS",7363,"FENOXIMETILPENICILINA",272972,"APRESENTAÇÃO: SOLUÇÃO ORAL, COMPOSIÇÃO: POTÁSSICA, CONCENTRAÇÃO: 80.000UI/ML","FR",19.47,200000,3894000]
["107/2022","Aprovada","MS.SAES.DAET.CGSH","BENS",250005,38880000,"2023-01-09","2023-07-31",203,"MS.SAES.DAET.CGSH","63/2022",null,"2023-07-01","Material",6505,"DROGAS E MEDICAMENTOS",2239,"ALBUMINA HUMANA",268376,"USO: INJETÁVEL, CONCENTRAÇÃO: 20%","FR",120,324000,38880000]
["108/2022","Aprovada","MS.SAES.DAET.CGSH","BENS",250005,103297500,"2023-01-02","2023-04-28",116,"MS.SAES.DAET.CGSH","61/2022",null,"2023-04-01","Material",6505,"DROGAS E MEDICAMENTOS",19673,"EMICIZUMABE",457717,"FORMA FARMACÊUTICA: INJETÁVEL, CONCENTRAÇÃO: 30","FR",229.55,55800,12808890]
["108/2022","Aprovada","MS.SAES.DAET.CGSH","BENS",250005,103297500,"2023-01-02","2023-04-28",116,"MS.SAES.DAET.CGSH","61/2022",null,"2023-04-01","Material",6505,"DROGAS E MEDICAMENTOS",19673,"EMICIZUMABE",457718,"FORMA FARMACÊUTICA: INJETÁVEL, CONCENTRAÇÃO: 150","FR",229.55,166950,38323372.5]
["108/2022","Aprovada","MS.SAES.DAET.CGSH","BENS",250005,103297500,"2023-01-02","2023-04-28",116,"MS.SAES.DAET.CGSH","61/2022",null,"2023-04-01","Material",6505,"DROGAS E MEDICAMENTOS",19673,"EMICIZUMABE",457718,"FORMA FARMACÊUTICA: INJETÁVEL, CONCENTRAÇÃO: 150","FR",229.55,134550,30885952.5]
["108/2022","Aprovada","MS.SAES.DAET.CGSH","BENS",250005,103297500,"2023-01-02","2023-04-28",116,"MS.SAES.DAET.CGSH","61/2022",null,"2023-04-01","Material",6505,"DROGAS E MEDICAMENTOS",19673,"EMICIZUMABE",457718,"FORMA FARMACÊUTICA: INJETÁVEL, CONCENTRAÇÃO: 150","FR",229.55,92700,21279285]
["109/2022","Aprovada","MS.SAES.DAET.CGSH","BENS",250005,104500,"2023-03-13","2023-09-29",200,"MS.SAES.DAET.CGSH","60/2022",null,"2023-09-01","Material",6505,"DROGAS E MEDICAMENTOS",2032,"ÁCIDO TRANEXÂMICO",278338,"DOSAGEM: 250","COMPR",0.55,190000,104500]
["110/2022","Aprovada","MS.SAES.DAET.CGSH","BENS",250005,51720,"2023-01-09","2023-07-28",200,"MS.SAES.DAET.CGSH","59/2022",null,"2023-01-02","Material",6505,"DROGAS E MEDICAMENTOS",6106,"DESMOPRESSINA ACETATO",268575,"APRESENTAÇÃO: SOLUÇÃO INJETÁVEL, DOSAGEM: 4","AM",17.24,3000,51720]
["111/2022","Aprovada","MS.SAES.DAET.CGSH","BENS",250005,34920,"2023-01-02","2023-07-28",207,"MS.SAES.DAET.CGSH","58/2022",null,"2023-01-02","Material",6505,"DROGAS E MEDICAMENTOS",6106,"DESMOPRESSINA ACETATO",320796,"FORMA FARMACÊUTICA: SOLUÇÃO INJETÁVEL, DOSAGEM: 15","AM",58.2,600,34920]
["112/2022","Aprovada","MS.SAES.DAET.CGSH","BENS",250005,258032000,"2023-01-02","2023-08-01",211,"MS.SAES.DAET.CGSH","57/2022",null,"2023-08-01","Material",6505,"DROGAS E MEDICAMENTOS",17773,"COMPLEXO PROTROMBÍNICO",450530,"FORMA FARMACÊUTICA: PÓ LIÓFILO P/ INJETÁVEL, TIPO: HUMANO, PARCIALMENTE ATIVADO","UI",3.2254,80000000,258032000]
["113/2022","Aprovada","MS.SAES.DAET.CGSH","BENS",250005,2519220,"2023-01-16","2023-08-11",207,"MS.SAES.DAET.CGSH","56/2022",null,"2023-02-01","Material",6505,"DROGAS E MEDICAMENTOS",17773,"COMPLEXO PROTROMBÍNICO",450291,"ATIVIDADE: 500, FORMA FARMACÊUTICA: PÓ LIÓFILO P/ INJETÁVEL + DILUENTE, TIPO: HUMANO","UI",0.7634,3300000,2519220]
["114/2022","Aprovada","MS.SAES.DAET.CGSH","BENS",250005,748275,"2023-01-16","2023-08-25",221,"MS.SAES.DAET.CGSH","55/2022",null,"2023-02-01","Material",6505,"DROGAS E MEDICAMENTOS",5525,"CONCENTRADO DE FATOR DE COAGULAÇÃO",449221,"FORMA FARMACEUTICA: PÓ LÓIFILO P/ INJETÁVEL + DILUENTE, FATOR: FATOR XIII, CONCENTRAÇÃO: 250","UI",1.3605,550000,748275]
["115/2022","Aprovada","MS.SAES.DAET.CGSH ","BENS",250005,284151500,"2023-01-09","2023-08-18",221,"MS.SAES.DAET.CGSH","54/2022",1,"2023-08-01","Material",6505,"DROGAS E MEDICAMENTOS",5525,"CONCENTRADO DE FATOR DE COAGULAÇÃO",308804,"FATOR: FATOR VII ATIVADO RECOMBINANTE, FORMA FARMACÊUTICA: PÓ LIÓFILO P/ INJETÁVEL","MIL UI",56.8303,5000000,284151500]
["116/2022","Aprovada","MS.SAES.DAET.CGSH ","BENS",250005,63960000,"2023-01-02","2023-08-18",228,"MS.SAES.DAET.CGSH","53/2022",null,"2023-02-01","Material",6505,"DROGAS E MEDICAMENTOS",5525,"CONCENTRADO DE FATOR DE COAGULAÇÃO",450529,"FATOR: FATOR IX, FORMA FARMACÊUTICA: PÓ LIÓFILO P/ INJETÁVEL","UI",0.39,164000000,63960000]
["117/2022","Aprovada","MS.SAES.DAET.CGSH","BENS",250005,15463500,"2023-01-09","2023-08-25",228,"MS.SAES.DAET.CGSH","52/2022",null,"2023-03-01","Material",6505,"DROGAS E MEDICAMENTOS",5525,"CONCENTRADO DE FATOR DE COAGULAÇÃO",450538,"FATOR: FATOR VON WILLEBRAND ASSOCIADO AO FATOR VIII, FORMA FARMACÊUTICA: PÓ LIÓFILO P/ INJETÁVEL","UI",0.3965,39000000,15463500]
["118/2022","Aprovada","MS.SAES.DAET.CGSH","BENS",250005,94944000,"2023-01-16","2023-08-25",221,"MS.SAES.DAET.CGSH","51/2022",1,"2023-02-01","Material",6505,"DROGAS E MEDICAMENTOS",5525,"CONCENTRADO DE FATOR DE COAGULAÇÃO",450528,"FATOR: FATOR VIII, FORMA FARMACÊUTICA: PÓ LIÓFILO P/ INJETÁVEL","UI",0.2967,320000000,94944000]
["119/2022","Aprovada","MS.SAES.DAET.CGSH","BENS",250005,922460000,"2023-01-16","2023-08-31",227,"MS.SAES.DAET.CGSH","50/2022",1,"2023-01-02","Material",6505,"DROGAS E MEDICAMENTOS",5525,"CONCENTRADO DE FATOR DE COAGULAÇÃO",390598,"FATOR: FATOR VIII RECOMBINANTE, FORMA FARMACÊUTICA: PÓ LIÓFILO P/ INJETÁVEL","UI",1.1,838600000,922460000]
["120/2022","Aprovada","MS.SAES.DAET.CGSH","BENS",250005,1950000,"2023-01-02","2023-08-31",241,"MS.SAES.DAET.CGSH","41/2022",null,"2023-08-01","Material",6505,"DROGAS E MEDICAMENTOS",5525,"CONCENTRADO DE FATOR DE COAGULAÇÃO",394681,"FORMA FARMACEUTICA: PÓ LIÓFILO P/ INJETÁVEL, FATOR: FATOR I (FIBRINOGÊNIO), CONCENTRAÇÃO: 1","FR-AM",1300,1500,1950000]
["123/2022","Aprovada","MS.SVS.DEIDT.CGZV","BENS",250005,454540,"2023-01-02","2023-12-29",361,"MS.SVS.DEIDT.CGZV","1343/2022",1,"2023-01-01","Material",3740,"EQUIPAMENTO PARA CONTROLE DE PRAGAS, DOENÇAS E GEADAS",3002,"ARMADILHA ANIMAL",399500,"MATERIAL: PLÁSTICO RESISTENTE, COMPONENTES: LUZ INCADESCENTE, MOTOR 6 VOLTS, HÉLICE 4 PÁS, VEN, TIPO: LUMINOSA CDC, CARACTERÍSTICAS ADICIONAIS: ROTAÇÃO ANTI-HORÁRIO, SUPORTE AÇO INOX, TAMPA PRO","UN",80,1000,80000]
["123/2022","Aprovada","MS.SVS.DEIDT.CGZV","BENS",250005,454540,"2023-01-02","2023-12-29",361,"MS.SVS.DEIDT.CGZV","1344/2022",1,"2023-01-01","Material",3740,"EQUIPAMENTO PARA CONTROLE DE PRAGAS, DOENÇAS E GEADAS",3002,"ARMADILHA ANIMAL",405911,"MATERIAL: CHAPA GALVANIZADA, COMPONENTES: GAIOLA, TIPO: SHERMAN, CARACTERÍSTICAS ADICIONAIS: DOBRÁVEL, DIMENSÕES 7,60X9,50X30,48CM","UN",160,150,24000]
["123/2022","Aprovada","MS.SVS.DEIDT.CGZV","BENS",250005,454540,"2023-01-02","2023-12-29",361,"MS.SVS.DEIDT.CGZV","1345/2022",1,"2023-01-01","Material",3740,"EQUIPAMENTO PARA CONTROLE DE PRAGAS, DOENÇAS E GEADAS",3002,"ARMADILHA ANIMAL",405912,"MATERIAL: CHAPA GALVANIZADA, COMPONENTES: GAIOLA, TIPO: SHERMAN, CARACTERÍSTICAS ADICIONAIS: DOBRÁVEL, DIMENSÕES 10X12X37,50CM","UN",168,150,25200]
["123/2022","Aprovada","MS.SVS.DEIDT.CGZV","BENS",250005,454540,"2023-01-02","2023-12-29",361,"MS.SVS.DEIDT.CGZV","1346/2022",1,"2023-01-01","Material",3740,"EQUIPAMENTO PARA CONTROLE DE PRAGAS, DOENÇAS E GEADAS",3002,"ARMADILHA ANIMAL",401805,"MATERIAL: ARAME GALVANIZADO, COMPONENTES: GAIOLA, TIPO: TOMAHAWK, CARACTERÍSTICAS ADICIONAIS: PEQUENO, DOBRÁVEL, DIMENSÕES 70X40X40CM","UN",181,140,25340]
["123/2022","Aprovada","MS.SVS.DEIDT.CGZV","BENS",250005,454540,"2023-01-02","2023-12-29",361,"MS.SVS.DEIDT.CGZV","1358/2022",1,"2023-01-01","Material",3740,"EQUIPAMENTO PARA CONTROLE DE PRAGAS, DOENÇAS E GEADAS",3002,"ARMADILHA ANIMAL",401271,"MATERIAL: TECIDO, COMPONENTES: TECIDO BRANCO, CORDAS, TIPO: ENTOMOLÓGICA, SHANNON, CARACTERÍSTICAS ADICIONAIS: TAMANHO: 2,50M (COMPRIMENTO) X 2M (ALTURA)","UN",1500,200,300000]
["124/2022","Aprovada","MS.SVS.DEIDT.CGZV","BENS",250005,156000,"2023-01-02","2023-12-22",354,"MS.SVS.DEIDT.CGZV","1357/2022",1,"2023-01-01","Material",3740,"EQUIPAMENTO PARA CONTROLE DE PRAGAS, DOENÇAS E GEADAS",3002,"ARMADILHA ANIMAL",401274,"MATERIAL: PLÁSTICO POLICARBONATO, COMPONENTES: ASPIRADOR BUCAL,ASPIRADOR FILTRO,FILTRO,TUBO,TELA, TIPO: ASPIRADOR SUCÇÃO ORAL CASTRO, CARACTERÍSTICAS ADICIONAIS: FILTRO HEPA 612 0,3UM, TELA LÁTEX, ASPIRADOR 12\";UN\"",195,800,156000]
["125/2022","Aprovada","MS.SVS.DEIDT.CGZV","BENS",250005,577072,"2023-01-02","2023-12-29",361,"MS.SVS.DEIDT.CGZV","1356/2022",1,"2023-01-01","Material",3740,"EQUIPAMENTO PARA CONTROLE DE PRAGAS, DOENÇAS E GEADAS",3002,"ARMADILHA ANIMAL",401272,"MATERIAL: PVC, TELA MALHA FINA, COMPONENTES: TUBO PVC, TELA MALHA FINA, BATERIA 12V, TIPO: ENTOMOLÓGICA, ASPIRADOR ELÉTRICO, CARACTERÍSTICAS ADICIONAIS: CORPO PVC 4,TUBO PVC 3\",ARO PVC TAMPA TIPO FUNIL\"","UN",721.34,800,577072]
["126/2022","Aprovada","MS.SVS.DEIDT.CGZV","BENS",250005,10850,"2023-01-02","2023-12-29",361,"MS.SVS.DEIDT.CGZV","1348/2022",1,"2023-01-01","Material",3740,"EQUIPAMENTO PARA CONTROLE DE PRAGAS, DOENÇAS E GEADAS",3002,"ARMADILHA ANIMAL",405910,"MATERIAL: ARAME GALVANIZADO, COMPONENTES: GAIOLA, TIPO: TOMAHAWK, CARACTERÍSTICAS ADICIONAIS: DIMENSÕES 40,60X12,70X12,70CM","UN",70,155,10850]
["127/2022","Aprovada","MS.SVS.DEIDT.CGZV","BENS",250005,15000,"2023-01-02","2023-12-29",361,"MS.SVS.DEIDT.CGZV","1347/2022",1,"2023-01-01","Material",3740,"EQUIPAMENTO PARA CONTROLE DE PRAGAS, DOENÇAS E GEADAS",3002,"ARMADILHA ANIMAL",401804,"MATERIAL: ARAME GALVANIZADO, COMPONENTES: GAIOLA, TIPO: TOMAHAWK, CARACTERÍSTICAS ADICIONAIS: MÉDIO, DOBRÁVEL, DIMENSÕES 90X21X21CM","UN",150,100,15000]
["130/2022","Aprovada","MS.SVS.DCCI.CGAHV","SERVICOS",250005,1958800,"2023-01-02","2023-12-29",361,"MS.SVS.DCCI.CGAHV","115/2022",null,"2023-01-31","Serviço",931,"SERVIÇOS DE SAÚDE HUMANA",null,null,5487,"ANÁLISE CLÍNICA, ANATOMIA PATOLÓGICA E CITOPATOLOGIA","UN",489.7,4000,1958800]
["131/2022","Aprovada","MS.SVS.DCCI.CGAHV","SERVICOS",250005,9317700,"2023-01-02","2023-11-24",326,"MS.SVS.DCCI.CGAHV","114/2022",null,"2023-01-31","Serviço",931,"SERVIÇOS DE SAÚDE HUMANA",null,null,5487,"ANÁLISE CLÍNICA, ANATOMIA PATOLÓGICA E CITOPATOLOGIA","UN",93.177,100000,9317700]
["132/2022","Aprovada","MS.SVS.DCCI.CGAHV","SERVICOS",250005,12274000,"2023-01-02","2023-12-29",361,"MS.SVS.DCCI.CGAHV","113/2022",null,"2023-01-31","Serviço",931,"SERVIÇOS DE SAÚDE HUMANA",null,null,5487,"ANÁLISE CLÍNICA, ANATOMIA PATOLÓGICA E CITOPATOLOGIA","UN",61.37,200000,12274000]
["133/2022","Aprovada","MS.SVS.DCCI.CGAHV","SERVICOS",250005,1024926,"2023-01-02","2023-12-29",361,"MS.SVS.DCCI.CGAHV","112/2022",null,"2023-01-31","Serviço",931,"SERVIÇOS DE SAÚDE HUMANA",null,null,5487,"ANÁLISE CLÍNICA, ANATOMIA PATOLÓGICA E CITOPATOLOGIA","UN",244.03,4200,1024926]
["134/2022","Aprovada","MS.SVS.DCCI.CGAHV","SERVICOS",250005,7130600,"2023-01-02","2023-12-29",361,"MS.SVS.DCCI.CGAHV","111/2022",null,"2023-01-31","Serviço",931,"SERVIÇOS DE SAÚDE HUMANA",null,null,5487,"ANÁLISE CLÍNICA, ANATOMIA PATOLÓGICA E CITOPATOLOGIA","UN",356.53,20000,7130600]
["135/2022","Aprovada","MS.SVS.DCCI.CGAHV","SERVICOS",250005,13158000,"2023-01-02","2023-12-29",361,"MS.SVS.DCCI.CGAHV","110/2022",null,"2023-01-31","Serviço",931,"SERVIÇOS DE SAÚDE HUMANA",null,null,5487,"ANÁLISE CLÍNICA, ANATOMIA PATOLÓGICA E CITOPATOLOGIA","UN",131.58,100000,13158000]
["136/2022","Aprovada","MS.SVS.DCCI.CGAHV","SERVICOS",250005,53529600,"2023-01-02","2023-12-22",354,"MS.SVS.DCCI.CGAHV","109/2022",null,"2023-01-31","Serviço",931,"SERVIÇOS DE SAÚDE HUMANA",null,null,5487,"ANÁLISE CLÍNICA, ANATOMIA PATOLÓGICA E CITOPATOLOGIA","UN",66.912,800000,53529600]
["137/2022","Aprovada","MS.SVS.DCCI.CGAHV","SERVICOS",250005,3094.56,"2023-01-02","2023-12-29",361,"MS.SVS.DCCI.CGAHV","108/2022",null,"2023-01-31","Serviço",931,"SERVIÇOS DE SAÚDE HUMANA",null,null,5487,"ANÁLISE CLÍNICA, ANATOMIA PATOLÓGICA E CITOPATOLOGIA","UN",128.94,24,3094.56]
["138/2022","Aprovada","MS.SCTIE.DAF.CGAFB","BENS",250005,232000,"2023-01-02","2023-12-29",361,"MS.SCTIE.DAF.CGAFB","1167/2022",10,"2023-03-01","Material",6532,"VESTUÁRIO HOSPITALAR E CIRÚRGICO E ITENS CORRELATOS DE  FINALIDADES ESPECIAIS",421,"LUVA PARA PROCEDIMENTO NÃO CIRÚRGICO",269892,"MATERIAL: LÁTEX NATURAL ÍNTEGRO E UNIFORME, MODELO: FORMATO ANATÔMICO, FINALIDADE: RESISTENTE À TRAÇÃO, TIPO: AMBIDESTRA, TAMANHO: GRANDE, CARACTERÍSTICAS ADICIONAIS: LUBRIFICADA COM PÓ BIOABSORVÍVEL, DESCARTÁVEL, APRESENTAÇÃO: ATÓXICA, TIPO USO: DESCARTÁVEL","UN",0.59,120000,70800]
["138/2022","Aprovada","MS.SCTIE.DAF.CGAFB","BENS",250005,232000,"2023-01-02","2023-12-29",361,"MS.SCTIE.DAF.CGAFB","1167/2022",11,"2023-03-01","Material",6532,"VESTUÁRIO HOSPITALAR E CIRÚRGICO E ITENS CORRELATOS DE  FINALIDADES ESPECIAIS",421,"LUVA PARA PROCEDIMENTO NÃO CIRÚRGICO",269893,"MATERIAL: LÁTEX NATURAL ÍNTEGRO E UNIFORME, MODELO: FORMATO ANATÔMICO, FINALIDADE: RESISTENTE À TRAÇÃO, TIPO: AMBIDESTRA, TAMANHO: MÉDIO, CARACTERÍSTICAS ADICIONAIS: LUBRIFICADA COM PÓ BIOABSORVÍVEL, DESCARTÁVEL, APRESENTAÇÃO: ATÓXICA, TIPO USO: DESCARTÁVEL","UN",0.88,120000,105600]
["138/2022","Aprovada","MS.SCTIE.DAF.CGAFB","BENS",250005,232000,"2023-01-02","2023-12-29",361,"MS.SCTIE.DAF.CGAFB","1167/2022",12,"2023-03-01","Material",6532,"VESTUÁRIO HOSPITALAR E CIRÚRGICO E ITENS CORRELATOS DE  FINALIDADES ESPECIAIS",421,"LUVA PARA PROCEDIMENTO NÃO CIRÚRGICO",269894,"MATERIAL: LÁTEX NATURAL ÍNTEGRO E UNIFORME, MODELO: FORMATO ANATÔMICO, FINALIDADE: RESISTENTE À TRAÇÃO, TIPO: AMBIDESTRA, TAMANHO: PEQUENO, CARACTERÍSTICAS ADICIONAIS: LUBRIFICADA COM PÓ BIOABSORVÍVEL, DESCARTÁVEL, APRESENTAÇÃO: ATÓXICA, TIPO USO: DESCARTÁVEL","UN",0.42,120000,50400]
["138/2022","Aprovada","MS.SCTIE.DAF.CGAFB","BENS",250005,232000,"2023-01-02","2023-12-29",361,"MS.SCTIE.DAF.CGAFB","1167/2022",13,"2023-03-01","Material",6532,"VESTUÁRIO HOSPITALAR E CIRÚRGICO E ITENS CORRELATOS DE  FINALIDADES ESPECIAIS",433,"MÁSCARA CIRÚRGICA",341923,"TIPO: NÃO TECIDO,3 CAMADAS,PREGAS HORIZONTAIS,ATÓXICA, CARACTERÍSTICAS ADICIONAIS: CLIP NASAL EMBUTIDO,HIPOALERGÊNICA, TIPO USO: DESCARTÁVEL, TIPO FIXAÇÃO: COM ELÁSTICO","UN",0.13,40000,5200]
["139/2022","Aprovada","MS.SVS.DCCI.CGAHV","SERVICOS",250005,2018750,"2023-01-02","2023-12-29",361,"MS.SVS.DCCI.CGAHV","107/2022",null,"2023-01-31","Serviço",931,"SERVIÇOS DE SAÚDE HUMANA",null,null,5487,"ANÁLISE CLÍNICA, ANATOMIA PATOLÓGICA E CITOPATOLOGIA","UN",80.75,25000,2018750]
["140/2022","Aprovada","MS.SVS.DCCI.CGAHV","SERVICOS",250005,44406,"2023-01-02","2023-12-29",361,"MS.SVS.DCCI.CGAHV","106/2022",null,"2023-01-31","Serviço",931,"SERVIÇOS DE SAÚDE HUMANA",null,null,5487,"ANÁLISE CLÍNICA, ANATOMIA PATOLÓGICA E CITOPATOLOGIA","UN",148.02,300,44406]
["141/2022","Aprovada","MS.SVS.DCCI.CGAHV","BENS",250005,22814100,"2023-01-02","2023-12-29",361,"MS.SVS.DCCI.CGAHV","105/2022",1,"2023-01-31","Serviço",931,"SERVIÇOS DE SAÚDE HUMANA",null,null,5487,"ANÁLISE CLÍNICA, ANATOMIA PATOLÓGICA E CITOPATOLOGIA","UN",88.077,200000,17615400]
["141/2022","Aprovada","MS.SVS.DCCI.CGAHV","BENS",250005,22814100,"2023-01-02","2023-12-29",361,"MS.SVS.DCCI.CGAHV","105/2022",2,"2023-01-31","Serviço",931,"SERVIÇOS DE SAÚDE HUMANA",null,null,5487,"ANÁLISE CLÍNICA, ANATOMIA PATOLÓGICA E CITOPATOLOGIA","UN",173.29,30000,5198700]
["142/2022","Aprovada","MS.SVS.DEIDT.CGPNI","BENS",250005,26580000,"2023-01-02","2023-12-29",361,"MS.SVS.DEIDT.CGPNI","1336/2022",null,"2023-01-01","Material",6505,"DROGAS E MEDICAMENTOS",15458,"VACINA",453048,"FORMA FARMACEUTICA: PÓ LIÓFILO P/ INJETÁVEL + DILUENTE, TIPO: ATENUADA, COMPOSIÇÃO: FEBRE AMARELA","DOSES",4.43,6000000,26580000]
["143/2022","Aprovada","MS.SVS.DEIDT.CGPNI","BENS",250005,8695.2,"2023-01-02","2023-12-29",361,"MS.SVS.DEIDT.CGPNI","1335/2022",null,"2023-01-01","Material",6505,"DROGAS E MEDICAMENTOS",15458,"VACINA",453049,"FORMA FARMACEUTICA: SOLUÇÃO INJETÁVEL, TIPO: POLISSACARÍDICA, COMPOSIÇÃO: FEBRE TIFOIDE","DOSES",72.46,120,8695.2]
["144/2022","Aprovada","MS.SVS.DEIDT.CGPNI","BENS",250005,1144800,"2023-01-02","2023-12-29",361,"MS.SVS.DEIDT.CGPNI","1334/2022",null,"2023-01-01","Material",6505,"DROGAS E MEDICAMENTOS",15458,"VACINA",453063,"TIPO 1: CONJUGADA, COMPOSIÇÃO 1: H. INFLUENZAE B, FORMA FARMACÊUTICA 1: PÓ LIÓFILO P/ INJETÁVEL + DILUENTE","DOSES",14.31,80000,1144800]
["145/2022","Aprovada","MS.SVS.DEIDT.CGPNI","BENS",250005,29310400,"2023-01-02","2023-12-29",361,"MS.SVS.DEIDT.CGPNI","1333/2022",null,"2023-01-01","Material",6505,"DROGAS E MEDICAMENTOS",15458,"VACINA",453082,"FORMA FARMACEUTICA: SOLUÇÃO INJETÁVEL, TIPO: POLISSACARÍDICA, COMPOSIÇÃO: PNEUMOCÓCICA 23-VALENTE","DOSES",52.34,560000,29310400]
["146/2022","Aprovada","MS.SVS.DEIDT.CGPNI","BENS",250005,147735000,"2023-01-02","2023-12-29",361,"MS.SVS.DEIDT.CGPNI","1332/2022",null,"2023-01-01","Material",6505,"DROGAS E MEDICAMENTOS",15458,"VACINA",453084,"FORMA FARMACEUTICA: INJETÁVEL, TIPO: INATIVADA, COMPOSIÇÃO: POLIOMIELITE 1, 2 E 3","DOSES",14.07,10500000,147735000]
["147/2022","Aprovada","MS.SVS.DEIDT.CGPNI","BENS",250005,34450000,"2023-01-02","2023-12-29",361,"MS.SVS.DEIDT.CGPNI","1331/2022",null,"2023-01-01","Material",6505,"DROGAS E MEDICAMENTOS",15458,"VACINA",453085,"FORMA FARMACEUTICA: SOLUÇÃO ORAL, TIPO: ATENUADA, COMPOSIÇÃO: POLIOMIELITE 1 E 3","DOSES",1.3,26500000,34450000]
["148/2022","Aprovada","MS.SVS.DEIDT.CGPNI","BENS",250005,152040000,"2023-01-02","2023-12-29",361,"MS.SVS.DEIDT.CGPNI","1330/2022",null,"2023-01-01","Material",6505,"DROGAS E MEDICAMENTOS",15458,"VACINA",453091,"FORMA FARMACEUTICA: PÓ LIÓFILO P/ INJETÁVEL + DILUENTE, TIPO: ATENUADA, COMPOSIÇÃO: SARAMPO, CAXUMBA E RUBÉULA","DOSES",10.86,14000000,152040000]
["149/2022","Aprovada","MS.SVS.DEIDT.CGPNI","BENS",250005,255990000,"2023-01-02","2023-12-29",361,"MS.SVS.DEIDT.CGPNI","1329/2022",null,"2023-01-01","Material",6505,"DROGAS E MEDICAMENTOS",15458,"VACINA",453090,"FORMA FARMACEUTICA: PÓ LIÓFILO P/ INJETÁVEL + DILUENTE, TIPO: ATENUADA, COMPOSIÇÃO: SARAMPO, CAXUMBA, RUBÉULA E VARICELA","DOSES",73.14,3500000,255990000]
["150/2022","Aprovada","MS.SVS.DEIDT.CGPNI","BENS",250005,239260000,"2023-01-02","2023-12-29",361,"MS.SVS.DEIDT.CGPNI","1328/2022",null,"2023-01-01","Material",6505,"DROGAS E MEDICAMENTOS",15458,"VACINA",453088,"FORMA FARMACEUTICA: SUSPENSÃO ORAL, TIPO: ATENUADA, COMPOSIÇÃO: ROTAVÍRUS HUMANO G1 PÝ8¨","DOSES",34.18,7000000,239260000]
["151/2022","Aprovada","MS.SVS.DEIDT.CGPNI","BENS",250005,2295000,"2023-01-02","2023-12-29",361,"MS.SVS.DEIDT.CGPNI","1327/2022",null,"2023-01-01","Material",6505,"DROGAS E MEDICAMENTOS",15458,"VACINA",453079,"FORMA FARMACEUTICA: SUSPENSÃO INJETÁVEL, TIPO: CONJUGADA, COMPOSIÇÃO: PNEUMOCÓCICA 13-VALENTE","DOSES",76.5,30000,2295000]
["152/2022","Aprovada","MS.SVS.DEIDT.CGPNI","BENS",250005,513360000,"2023-01-02","2023-12-29",361,"MS.SVS.DEIDT.CGPNI","1326/2022",null,"2023-01-01","Material",6505,"DROGAS E MEDICAMENTOS",15458,"VACINA",453075,"FORMA FARMACEUTICA: SUSPENSÃO INJETÁVEL, TIPO: CONJUGADA, COMPOSIÇÃO: PNEUMOCÓCICA 10-VALENTE","DOSES",64.17,8000000,513360000]
["153/2022","Aprovada","MS.SVS.DEIDT.CGPNI","BENS",250005,5168000,"2023-01-02","2023-12-29",361,"MS.SVS.DEIDT.CGPNI","1325/2022",null,"2023-01-01","Material",6505,"DROGAS E MEDICAMENTOS",15458,"VACINA",462303,"COMPOSIÇÃO: DIFTERIA, TÉTANO, PERTUSSIS, HEPATITE B, OUTROS COMPONENTES: POLIOMIELITE 1, 2 E 3, H. INFLUENZAE B, FORMA FARMACÊUTICA 1: INJETÁVEL","DOSES",64.6,80000,5168000]
["154/2022","Aprovada","MS.SVS.DEIDT.CGPNI","BENS",250005,14670000,"2023-01-02","2023-12-29",361,"MS.SVS.DEIDT.CGPNI","1324/2022",null,"2023-01-01","Material",6505,"DROGAS E MEDICAMENTOS",15458,"VACINA",453065,"TIPO 1: RECOMBINANTE, CONJUGADA, COMPOSIÇÃO 1: H. INFLUENZAE B, FORMA FARMACÊUTICA 1: SUSPENSÃO INJETÁVEL, COMPOSIÇÃO: DIFTERIA, TÉTANO, PERTUSSIS, HEPATITE B","DOSES",4.89,3000000,14670000]
["155/2022","Aprovada","MS.SVS.DEIDT.CGPNI","BENS",250005,332735000,"2023-01-02","2023-12-29",361,"MS.SVS.DEIDT.CGPNI","1323/2022",null,"2023-01-01","Material",6505,"DROGAS E MEDICAMENTOS",15458,"VACINA",453058,"FORMA FARMACEUTICA: SUSPENSÃO INJETÁVEL, TIPO: RECOMBINANTE, COMPOSIÇÃO: HPV - PAPILOMA VÍRUS HUMANO (6, 11, 16, 18)","DOSES",51.19,6500000,332735000]
["156/2022","Aprovada","MS.SVS.DEIDT.CGPNI","BENS",250005,380700000,"2023-01-02","2023-12-29",361,"MS.SVS.DEIDT.CGPNI","1322/2022",null,"2023-01-01","Material",6505,"DROGAS E MEDICAMENTOS",15458,"VACINA",453069,"FORMA FARMACEUTICA: INJETÁVEL, TIPO: CONJUGADA, COMPOSIÇÃO: MENINGOCÓCICA ACWY","DOSES",70.5,5400000,380700000]
["157/2022","Aprovada","MS.SVS.DEIDT.CGPNI","BENS",250005,188560000,"2023-01-02","2023-12-08",340,"MS.SVS.DEIDT.CGPNI","1321/2022",null,"2023-01-01","Material",6505,"DROGAS E MEDICAMENTOS",15458,"VACINA",453071,"FORMA FARMACEUTICA: INJETÁVEL, TIPO: CONJUGADA, COMPOSIÇÃO: MENINGOCÓCICA C","DOSES",47.14,4000000,188560000]
["158/2022","Aprovada","MS.SVS.DEIDT.CGPNI","BENS",250005,1232000000,"2023-01-02","2023-12-29",361,"MS.SVS.DEIDT.CGPNI","1320/2022",null,"2023-01-01","Material",6505,"DROGAS E MEDICAMENTOS",15458,"VACINA",453061,"FORMA FARMACEUTICA: SUSPENSÃO INJETÁVEL, TIPO: FRAGMENTADA, INATIVADA, COMPOSIÇÃO: INFLUENZA TRIVALENTE","DOSES",15.4,80000000,1232000000]
["159/2022","Aprovada","MS.SVS.DEIDT.CGPNI","BENS",250005,46260000,"2023-01-02","2023-12-29",361,"MS.SVS.DEIDT.CGPNI","1319/2022",null,"2023-01-01","Material",6505,"DROGAS E MEDICAMENTOS",15458,"VACINA",444008,"FORMA FARMACEUTICA: SUSPENSÃO INJETÁVEL, TIPO: RECOMBINANTE, COMPOSIÇÃO: HEPATITE B","DOSES",2.57,18000000,46260000]
["160/2022","Aprovada","MS.SVS.DEIDT.CGPNI","BENS",250005,3450000,"2023-01-02","2023-12-29",361,"MS.SVS.DEIDT.CGPNI","1318/2022",null,"2023-01-01","Material",6505,"DROGAS E MEDICAMENTOS",15458,"VACINA",443622,"FORMA FARMACEUTICA: SUSPENSÃO INJETÁVEL, TIPO: INATIVADA, COMPOSIÇÃO: HEPATITE A","DOSES",69,50000,3450000]
["161/2022","Aprovada","MS.SVS.DEIDT.CGPNI","BENS",250005,167195000,"2023-01-02","2023-12-29",361,"MS.SVS.DEIDT.CGPNI","1317/2022",null,"2023-01-01","Material",6505,"DROGAS E MEDICAMENTOS",15458,"VACINA",443622,"FORMA FARMACEUTICA: SUSPENSÃO INJETÁVEL, TIPO: INATIVADA, COMPOSIÇÃO: HEPATITE A","DOSES",47.77,3500000,167195000]
["162/2022","Aprovada","MS.SVS.DEIDT.CGPNI","BENS",250005,32333,"2023-01-02","2023-12-29",361,"MS.SVS.DEIDT.CGPNI","1316/2022",null,"2023-01-01","Material",6505,"DROGAS E MEDICAMENTOS",15458,"VACINA",453045,"FORMA FARMACEUTICA: SUSPENSÃO INJETÁVEL, COMPOSIÇÃO: DIFTERIA E TÉTANO","DOSES",32.333,1000,32333]
["163/2022","Aprovada","MS.SVS.DEIDT.CGPNI","BENS",250005,3040000,"2023-01-02","2023-12-29",361,"MS.SVS.DEIDT.CGPNI","1315/2022",null,"2023-01-01","Material",6505,"DROGAS E MEDICAMENTOS",15458,"VACINA",453045,"FORMA FARMACEUTICA: SUSPENSÃO INJETÁVEL, COMPOSIÇÃO: DIFTERIA E TÉTANO","DOSES",0.76,4000000,3040000]
["164/2022","Aprovada","MS.SVS.DEIDT.CGPNI","BENS",250005,220160000,"2023-01-02","2023-12-29",361,"MS.SVS.DEIDT.CGPNI","1314/2022",null,"2023-01-01","Material",6505,"DROGAS E MEDICAMENTOS",15458,"VACINA",453046,"FORMA FARMACEUTICA: SUSPENSÃO INJETÁVEL, TIPO: ACELULAR, COMPOSIÇÃO: DIFTERIA, TÉTANO E PERTUSSIS","DOSES",55.04,4000000,220160000]
["165/2022","Aprovada","MS.SVS.DEIDT.CGPNI","BENS",250005,5596200,"2023-01-02","2023-12-29",361,"MS.SVS.DEIDT.CGPNI","1313/2022",null,"2023-01-01","Material",6505,"DROGAS E MEDICAMENTOS",15458,"VACINA",453046,"FORMA FARMACEUTICA: SUSPENSÃO INJETÁVEL, TIPO: ACELULAR, COMPOSIÇÃO: DIFTERIA, TÉTANO E PERTUSSIS","DOSES",93.27,60000,5596200]
["166/2022","Aprovada","MS.SVS.DEIDT.CGPNI","BENS",250005,1672380,"2023-01-02","2023-12-29",361,"MS.SVS.DEIDT.CGPNI","1312/2022",null,"2023-01-01","Material",6505,"DROGAS E MEDICAMENTOS",8325,"IMUNOGLOBULINA HUMANA",273567,"TIPO: HIPER IMUNI PARA HEPATITE B, APRESENTAÇÃO: SOLUÇÃO INJETÁVEL, DOSAGEM: 200","AM",92.91,18000,1672380]
["167/2022","Aprovada","MS.SVS.DEIDT.CGPNI","BENS",250005,6380000,"2023-01-02","2023-12-29",361,"MS.SVS.DEIDT.CGPNI","1311/2022",null,"2023-01-01","Material",6505,"DROGAS E MEDICAMENTOS",15458,"VACINA",453047,"FORMA FARMACEUTICA: SUSPENSÃO INJETÁVEL, COMPOSIÇÃO: DIFTERIA, TÉTANO E PERTUSSIS","DOSES",1.16,5500000,6380000]
["168/2022","Aprovada","MS.SVS.DEIDT.CGPNI","BENS",250005,27720000,"2023-01-02","2023-12-29",361,"MS.SVS.DEIDT.CGPNI","1310/2022",null,"2023-01-01","Material",6505,"DROGAS E MEDICAMENTOS",15458,"VACINA",453044,"FORMA FARMACEUTICA: PÓ LIÓFILO P/ INJETÁVEL + DILUENTE, COMPOSIÇÃO: BCG","DOSES",1.98,14000000,27720000]
["169/2022","Aprovada","MS.SVS.DEIDT.CGPNI","BENS",250005,1803.6,"2023-01-02","2023-12-29",361,"MS.SVS.DEIDT.CGPNI","1309/2022",null,"2023-01-01","Material",6505,"DROGAS E MEDICAMENTOS",15458,"VACINA",456019,"FORMA FARMACEUTICA: SUSPENSÃO ORAL, TIPO: INATIVADA, COMPOSIÇÃO: CÓLERA","DOSES",15.03,120,1803.6]
["170/2022","Aprovada","MS.SVS.DEIDT.CGPNI","BENS",250005,147800000,"2023-01-02","2023-12-29",361,"MS.SVS.DEIDT.CGPNI","1307/2022",null,"2023-01-01","Material",6505,"DROGAS E MEDICAMENTOS",15458,"VACINA",453086,"FORMA FARMACEUTICA: PÓ LIÓFILO P/ INJETÁVEL + DILUENTE, TIPO: INATIVADA, COMPOSIÇÃO: RAIVA (CULTIVADO EM CÉLULAS VERO)","DOSES",73.9,2000000,147800000]
["171/2022","Aprovada","MS.SVS.DEIDT.CGPNI","BENS",250005,959600,"2023-01-02","2023-12-29",361,"MS.SVS.DEIDT.CGPNI","1306/2022",null,"2023-01-01","Material",6505,"DROGAS E MEDICAMENTOS",8325,"IMUNOGLOBULINA HUMANA",448985,"TIPO: ANTITETÂNICA, CONCENTRAÇÃO: 250, FORMA FARMACEUTICA: SOLUÇÃO INJETÁVEL, CARACTERÍSTICAS ADICIONAIS: SERINGA PREENCHIDA","FR-AM",47.98,20000,959600]
["172/2022","Aprovada","MS.SVS.DEIDT.CGPNI","BENS",250005,6291700,"2023-01-02","2023-12-29",361,"MS.SVS.DEIDT.CGPNI","1305/2022",null,"2023-01-01","Material",6505,"DROGAS E MEDICAMENTOS",8325,"IMUNOGLOBULINA HUMANA",266833,"TIPO: ANTI VARICELA ZOSTER, DOSAGEM: 100, APRESENTAÇÃO: SOLUÇÃO INJETÁVEL","FR-AM",629.17,10000,6291700]
["173/2022","Aprovada","MS.SVS.DEIDT.CGPNI","BENS",250005,29730240,"2023-01-02","2023-12-29",361,"MS.SVS.DEIDT.CGPNI","1304/2022",null,"2023-01-01","Material",6505,"DROGAS E MEDICAMENTOS",8325,"IMUNOGLOBULINA HUMANA",433105,"TIPO: HIPERIMUNE PARA HEPATITE B, CONCENTRAÇÃO: 200, FORMA FARMACEUTICA: SOLUÇÃO INJETÁVEL, CARACTERÍSTICA ADICIONAL: COM SISTEMA DE APLICAÇÃO","AM",929.07,32000,29730240]
["174/2022","Aprovada","MS.SVS.DEIDT.CGPNI","BENS",250005,12760092,"2023-01-02","2023-12-29",361,"MS.SVS.DEIDT.CGPNI","1303/2022",null,"2023-01-01","Material",6505,"DROGAS E MEDICAMENTOS",8325,"IMUNOGLOBULINA HUMANA",450102,"CONCENTRAÇÃO: 2,5, FORMA FARMACEUTICA: PÓ LIÓFILO P/ INJETÁVEL + DILUENTE","FR-AM",283.5576,45000,12760092]
["175/2022","Aprovada","MS.SVS.DEIDT.CGPNI","BENS",250005,252096,"2023-01-02","2023-12-29",361,"MS.SVS.DEIDT.CGPNI","1302/2022",null,"2023-01-01","Material",6505,"DROGAS E MEDICAMENTOS",1289,"SORO",348659,"TIPO: ANTI-DIFTÉRICO, CONCENTRAÇÃO: 1.000, FORMA FARMACÊUTICA: SOLUÇÃO INJETÁVEL","FR-AM",210.08,1200,252096]
["176/2022","Aprovada","MS.SVS.DEIDT.CGPNI","BENS",250005,12680800,"2023-01-02","2023-12-29",361,"MS.SVS.DEIDT.CGPNI","1301/2022",null,"2023-01-01","Material",6505,"DROGAS E MEDICAMENTOS",1289,"SORO",348654,"TIPO: ANTI-TETÂNICO, CONCENTRAÇÃO: 1.000, FORMA FARMACÊUTICA: SOLUÇÃO INJETÁVEL","FR-AM",115.28,110000,12680800]
["177/2022","Aprovada","MS.SVS.DEIDT.CGPNI","BENS",250005,40956000,"2023-01-02","2023-12-29",361,"MS.SVS.DEIDT.CGPNI","1300/2022",null,"2023-01-01","Material",6505,"DROGAS E MEDICAMENTOS",1289,"SORO",348672,"TIPO: ANTI-BOTRÓPICO, CONCENTRAÇÃO: 5, FORMA FARMACÊUTICA: SOLUÇÃO INJETÁVEL","FR-AM",136.52,300000,40956000]
["178/2022","Aprovada","MS.SVS.DEIDT.CGPNI","BENS",250005,17508000,"2023-01-02","2023-12-29",361,"MS.SVS.DEIDT.CGPNI","1299/2022",null,"2023-01-01","Material",6505,"DROGAS E MEDICAMENTOS",1289,"SORO",405901,"TIPO: ANTI-RÁBICO, CARACTERÍSTICAS ADICIONAIS: IMUNOGLOBULINA EQÜINA + IMUNOGLOBULINA HUMANA, CONCENTRAÇÃO: 200, FORMA FARMACÊUTICA: SOLUÇÃO INJETÁVEL","FR-AM",87.54,200000,17508000]
["179/2022","Aprovada","MS.SVS.DEIDT.CGPNI","BENS",250005,7730240,"2023-01-02","2023-12-29",361,"MS.SVS.DEIDT.CGPNI","1298/2022",null,"2023-01-01","Material",6505,"DROGAS E MEDICAMENTOS",1289,"SORO",400312,"TIPO: ANTIARACNÍDICO (LOXOSCELES E PHONEUTRIA), CARACTERÍSTICAS ADICIONAIS: E ANTIESCORPIÔNICO, FORMA FARMACÊUTICA: SOLUÇÃO INJETÁVEL","FR-AM",276.08,28000,7730240]
["180/2022","Aprovada","MS.SVS.DEIDT.CGPNI","BENS",250005,3010000,"2023-01-02","2023-12-29",361,"MS.SVS.DEIDT.CGPNI","1297/2022",null,"2023-01-01","Material",6505,"DROGAS E MEDICAMENTOS",1289,"SORO",394810,"TIPO: ANTIBOTRÓPICO-CROTÁLICO, CONCENTRAÇÃO: 5 MG + 1,5, FORMA FARMACÊUTICA: SOLUÇÃO INJETÁVEL","FR-AM",301,10000,3010000]
["181/2022","Aprovada","MS.SVS.DEIDT.CGPNI","BENS",250005,5587340,"2023-01-02","2023-12-29",361,"MS.SVS.DEIDT.CGPNI","1296/2022",null,"2023-01-01","Material",6505,"DROGAS E MEDICAMENTOS",1289,"SORO",394811,"TIPO: ANTIBOTRÓPICO-LAQUÉTICO, CONCENTRAÇÃO: 5 MG + 3, FORMA FARMACÊUTICA: SOLUÇÃO INJETÁVEL","FR-AM",253.97,22000,5587340]
["182/2022","Aprovada","MS.SVS.DEIDT.CGPNI","BENS",250005,10916400,"2023-01-02","2023-12-29",361,"MS.SVS.DEIDT.CGPNI","1295/2022",null,"2023-01-01","Material",6505,"DROGAS E MEDICAMENTOS",1289,"SORO",348670,"TIPO: ANTI-CROTÁLICO, CONCENTRAÇÃO: 1,5, FORMA FARMACÊUTICA: SOLUÇÃO INJETÁVEL","FR-AM",181.94,60000,10916400]
["183/2022","Aprovada","MS.SVS.DEIDT.CGPNI","BENS",250005,34840000,"2023-01-02","2023-12-29",361,"MS.SVS.DEIDT.CGPNI","1308/2022",null,"2023-01-01","Material",6509,"DROGAS E PRODUTOS BIOLÓGICOS DE USO VETERINÁRIO",17919,"VACINA",439541,"FORMA FARMACÊUTICA: SUSPENSÃO INJETÁVEL, APLICAÇÃO*: USO VETERINÁRIO, TIPO: INATIVADA, COMPOSIÇÃO: VÍRUS RÁBICO, CEPA PV","DOSES",1.34,26000000,34840000]
["184/2022","Aprovada","MS.SCTIE.DAF.CGAFME","BENS",250005,46746000,"2023-01-02","2023-12-29",361,"MS.SCTIE.DAF.CGAFME","1241/2022",null,"2023-10-30","Material",6810,"PRODUTOS QUÍMICOS",790,"HIPOCLORITO DE SÓDIO",437156,"ASPECTO FÍSICO: SOLUÇÃO AQUOSA, CONCENTRAÇÃO: ATÉ 2,5% DE CLORO ATIVO","UN",0.742,63000000,46746000]
["185/2022","Aprovada","MS.SCTIE.DAF.CGAFB","BENS",250005,75720,"2023-01-02","2023-12-29",361,"MS.SCTIE.DAF.CGAFB","1167/2022",1,"2023-03-01","Material",6510,"MATERIAIS CIRÚRGICOS PARA CURATIVOS",3104,"ATADURA",444365,"EMBALAGEM: EMBALAGEM INDIVIDUAL, TIPO 1: CREPOM, MATERIAL 1: 100% ALGODÃO, GRAMATURA 1: CERCA DE 13 FIOS/, DIMENSÕES: 15","RO",0.42,4000,1680]
["185/2022","Aprovada","MS.SCTIE.DAF.CGAFB","BENS",250005,75720,"2023-01-02","2023-12-29",361,"MS.SCTIE.DAF.CGAFB","1167/2022",2,"2023-03-01","Material",6510,"MATERIAIS CIRÚRGICOS PARA CURATIVOS",3104,"ATADURA",444375,"EMBALAGEM: EMBALAGEM INDIVIDUAL, TIPO 1: CREPOM, MATERIAL 1: 100% ALGODÃO, GRAMATURA 1: CERCA DE 13 FIOS/, DIMENSÕES: 30","RO",0.77,4000,3080]
["185/2022","Aprovada","MS.SCTIE.DAF.CGAFB","BENS",250005,75720,"2023-01-02","2023-12-29",361,"MS.SCTIE.DAF.CGAFB","1167/2022",6,"2023-03-01","Material",6510,"MATERIAIS CIRÚRGICOS PARA CURATIVOS",373,"COMPRESSA GAZE",269971,"MATERIAL: TECIDO 100% ALGODÃO, MODELO: COR BRANCA,ISENTA DE IMPUREZAS, DOBRAS: 5 DOBRAS, COMPRIMENTO: 7,50, TIPO: 13 FIOS/CM2, LARGURA: 7,50, CARACTERÍSTICAS ADICIONAIS: DESCARTÁVEL, CAMADAS: 8 CAMADAS","UN",0.32,200000,64000]
["185/2022","Aprovada","MS.SCTIE.DAF.CGAFB","BENS",250005,75720,"2023-01-02","2023-12-29",361,"MS.SCTIE.DAF.CGAFB","1167/2022",9,"2023-03-01","Material",6510,"MATERIAIS CIRÚRGICOS PARA CURATIVOS",17139,"FITA HOSPITALAR",437863,"MATERIAL: DORSO EM ALGODÃO, COMPONENTES: ADESIVO À BASE DE ZINCO, COR: COM COR, DIMENSÕES: CERCA DE 100, TIPO: ESPARADRAPO, IMPERMEÁVEL","RO",2.9,2400,6960]
["186/2022","Aprovada","MS.SCTIE.DAF.CGAFB","BENS",250005,4343328,"2023-01-02","2023-12-29",361,"MS.SCTIE.DAF.CGAFB","1176/2022",1,"2023-08-01","Material",6515,"INSTRUMENTOS, EQUIPAMENTOS E SUPRIMENTOS MÉDICOS  E  CIRÚRGICOS",6325,"DISPOSITIVO INTRA-UTERINO (DIU)",297746,"MATERIAL: POLETILENO, TIPO: FLEXÍVEL, CARACTERÍSTICAS ADICIONAIS: 2 FIOS POLIETILENO BRANCO 2 A 3CM, ESTRUTURA: FIO COBRE ENROLADO HASTE,CONE COBRE NOS BRAÇOS T\", FORMATO: EM \"T\"\"","UN",8,542916,4343328]
["187/2022","Aprovada","MS.SCTIE.DAF.CGAFB","BENS",250005,106282737.68,"2023-01-02","2023-12-29",361,"MS.SCTIE.DAF.CGAFB","1175/2022",1,"2023-12-01","Material",6515,"INSTRUMENTOS, EQUIPAMENTOS E SUPRIMENTOS MÉDICOS  E  CIRÚRGICOS",3847,"AGULHA",439908,"MATERIAL: AÇO INOXIDÁVEL, APLICAÇÃO: P/ CANETA APLICADORA, CONECTOR: CONECTOR LUER LOCK OU SLIP, PROTETOR C/ LACRE, DIMENSÕES: CERCA DE 32 G X 4, TIPO USO: DESCARTÁVEL, ESTÉRIL","UN",0.14,759162412,106282737.68]
["188/2022","Aprovada","MS.SCTIE.DAF.CGAFB","BENS",250005,1613257.6,"2023-01-02","2023-12-29",361,"MS.SCTIE.DAF.CGAFB","1171/2022",1,"2023-12-01","Material",6515,"INSTRUMENTOS, EQUIPAMENTOS E SUPRIMENTOS MÉDICOS  E  CIRÚRGICOS",6155,"DIAFRAGMA CONTRACEPTIVO",287600,"MATERIAL: CONJUNTO DE ANÉIS MEDIDORES DE DIAFRÁGMA, SILICONE, TIPO EMBALAGEM: CX C/6 UNIDADES, TAMANHOS: 60,65,70,75,80 E 85MM","UN",232.48,1228,285485.44]
["188/2022","Aprovada","MS.SCTIE.DAF.CGAFB","BENS",250005,1613257.6,"2023-01-02","2023-12-29",361,"MS.SCTIE.DAF.CGAFB","1171/2022",2,"2023-12-01","Material",6515,"INSTRUMENTOS, EQUIPAMENTOS E SUPRIMENTOS MÉDICOS  E  CIRÚRGICOS",6155,"DIAFRAGMA CONTRACEPTIVO",287595,"MATERIAL: SILICONE, TIPO EMBALAGEM: EMBALADO INDIVIDUALMENTE, USO: USO GINECOLÓGICO, CARACTERÍSTICA ADICIONAL: COM ARO ESPIRAL EM METAL TRATADO, DIÂMETRO: 65","UN",108.16,2706,292680.96]
["188/2022","Aprovada","MS.SCTIE.DAF.CGAFB","BENS",250005,1613257.6,"2023-01-02","2023-12-29",361,"MS.SCTIE.DAF.CGAFB","1171/2022",3,"2023-12-01","Material",6515,"INSTRUMENTOS, EQUIPAMENTOS E SUPRIMENTOS MÉDICOS  E  CIRÚRGICOS",6155,"DIAFRAGMA CONTRACEPTIVO",287593,"MATERIAL: SILICONE, TIPO EMBALAGEM: EMBALADO INDIVIDUALMENTE, USO: USO GINECOLÓGICO, CARACTERÍSTICA ADICIONAL: COM ARO ESPIRAL EM METAL TRATADO, DIÂMETRO: 70","UN",108.16,3102,335512.32]
["188/2022","Aprovada","MS.SCTIE.DAF.CGAFB","BENS",250005,1613257.6,"2023-01-02","2023-12-29",361,"MS.SCTIE.DAF.CGAFB","1171/2022",4,"2023-12-01","Material",6515,"INSTRUMENTOS, EQUIPAMENTOS E SUPRIMENTOS MÉDICOS  E  CIRÚRGICOS",6155,"DIAFRAGMA CONTRACEPTIVO",287594,"MATERIAL: SILICONE, TIPO EMBALAGEM: EMBALADO INDIVIDUALMENTE, USO: USO GINECOLÓGICO, CARACTERÍSTICA ADICIONAL: COM ARO ESPIRAL EM METAL TRATADO, DIÂMETRO: 75","UN",108.16,3366,364066.56]
["188/2022","Aprovada","MS.SCTIE.DAF.CGAFB","BENS",250005,1613257.6,"2023-01-02","2023-12-29",361,"MS.SCTIE.DAF.CGAFB","1171/2022",5,"2023-12-01","Material",6515,"INSTRUMENTOS, EQUIPAMENTOS E SUPRIMENTOS MÉDICOS  E  CIRÚRGICOS",6155,"DIAFRAGMA CONTRACEPTIVO",287592,"MATERIAL: SILICONE, TIPO EMBALAGEM: EMBALADO INDIVIDUALMENTE, USO: USO GINECOLÓGICO, CARACTERÍSTICA ADICIONAL: COM ARO ESPIRAL EM METAL TRATADO, DIÂMETRO: 80","UN",108.16,3102,335512.32]
["189/2022","Aprovada","MS.SCTIE.DAF.CGAFB","BENS",250005,167400,"2023-01-02","2023-12-29",361,"MS.SCTIE.DAF.CGAFB","1167/2022",3,"2023-03-01","Material",6515,"INSTRUMENTOS, EQUIPAMENTOS E SUPRIMENTOS MÉDICOS  E  CIRÚRGICOS",3701,"CATETER PERIFÉRICO",437177,"APLICAÇÃO: VENOSO, MATERIAL CATETER: POLÍMERO RADIOPACO, CONECTOR: CONECTOR PADRÃO, DIAMETRO: 18, COMPRIMENTO: CERCA 45, COMPONENTE 1: CÂMARA REFLUXO C/ FILTRO, COMPONENTE 2: C/ SISTEMA SEGURANÇA SEGUNDO NR/32, TIPO USO: ESTÉRIL, DESCARTÁVEL, EMBALAGEM INDIVIDUAL, MATERIAL AGULHA: AGULHA AÇO INOX","UN",0.57,20000,11400]
["189/2022","Aprovada","MS.SCTIE.DAF.CGAFB","BENS",250005,167400,"2023-01-02","2023-12-29",361,"MS.SCTIE.DAF.CGAFB","1167/2022",4,"2023-03-01","Material",6515,"INSTRUMENTOS, EQUIPAMENTOS E SUPRIMENTOS MÉDICOS  E  CIRÚRGICOS",3701,"CATETER PERIFÉRICO",437178,"APLICAÇÃO: VENOSO, MATERIAL CATETER: POLÍMERO RADIOPACO, CONECTOR: CONECTOR PADRÃO, DIAMETRO: 20, COMPRIMENTO: CERCA 30, COMPONENTE 1: CÂMARA REFLUXO C/ FILTRO, COMPONENTE 2: C/ SISTEMA SEGURANÇA SEGUNDO NR/32, TIPO USO: ESTÉRIL, DESCARTÁVEL, EMBALAGEM INDIVIDUAL, MATERIAL AGULHA: AGULHA AÇO INOX","UN",0.51,20000,10200]
["189/2022","Aprovada","MS.SCTIE.DAF.CGAFB","BENS",250005,167400,"2023-01-02","2023-12-29",361,"MS.SCTIE.DAF.CGAFB","1167/2022",5,"2023-03-01","Material",6515,"INSTRUMENTOS, EQUIPAMENTOS E SUPRIMENTOS MÉDICOS  E  CIRÚRGICOS",3701,"CATETER PERIFÉRICO",437180,"APLICAÇÃO: VENOSO, MATERIAL CATETER: POLÍMERO RADIOPACO, CONECTOR: CONECTOR PADRÃO, DIAMETRO: 24, COMPRIMENTO: CERCA 20, COMPONENTE 1: CÂMARA REFLUXO C/ FILTRO, COMPONENTE 2: C/ SISTEMA SEGURANÇA SEGUNDO NR/32, TIPO USO: ESTÉRIL, DESCARTÁVEL, EMBALAGEM INDIVIDUAL, MATERIAL AGULHA: AGULHA AÇO INOX","UN",0.53,20000,10600]
["189/2022","Aprovada","MS.SCTIE.DAF.CGAFB","BENS",250005,167400,"2023-01-02","2023-12-29",361,"MS.SCTIE.DAF.CGAFB","1167/2022",7,"2023-03-01","Material",6515,"INSTRUMENTOS, EQUIPAMENTOS E SUPRIMENTOS MÉDICOS  E  CIRÚRGICOS",6864,"EQUIPO",385704,"MATERIAL: PVC CRISTAL, TIPO GOTEJADOR: GOTA PADRÃO, TIPO PINÇA: REGULADOR DE FLUXO, TIPO CONECTOR: LUER C/ TAMPA, TIPO CÂMARA: CÂMARA FLEXÍVEL C/FILTRO AR, COMPRIMENTO: MÍN. 120, TIPO DE EQUIPO: DE INFUSÃO, ESTERILIDADE: ESTÉRIL,DESCARTÁVEL","UN",1.19,40000,47600]
["189/2022","Aprovada","MS.SCTIE.DAF.CGAFB","BENS",250005,167400,"2023-01-02","2023-12-29",361,"MS.SCTIE.DAF.CGAFB","1167/2022",8,"2023-03-01","Material",6515,"INSTRUMENTOS, EQUIPAMENTOS E SUPRIMENTOS MÉDICOS  E  CIRÚRGICOS",6864,"EQUIPO",386113,"MATERIAL: PVC CRISTAL, TIPO GOTEJADOR: MICROGOTAS, TIPO PINÇA: REGULADOR DE FLUXO E CORTA FLUXO, TIPO CONECTOR: LUER ROTATIVO C/ TAMPA, CARACTERÍSTICA ADICIONAL: FOTOSSENSÍVEL, TIPO CÂMARA: CÂMARA FLEXÍVEL C/FILTRO AR, COMPRIMENTO: MÍN. 120, TIPO DE EQUIPO: DE INFUSÃO, TIPO BURETA: BURETA RÍGIDA C/ALÇA, C/INJETOR, VOLUME BURETA: MÍN.150, ESTERILIDADE: ESTÉRIL,DESCARTÁVEL","UN",1.29,20000,25800]
["189/2022","Aprovada","MS.SCTIE.DAF.CGAFB","BENS",250005,167400,"2023-01-02","2023-12-29",361,"MS.SCTIE.DAF.CGAFB","1167/2022",14,"2023-03-01","Material",6515,"INSTRUMENTOS, EQUIPAMENTOS E SUPRIMENTOS MÉDICOS  E  CIRÚRGICOS",17428,"SERINGA",439702,"MATERIAL: POLIPROPILENO, TIPO VEDAÇÃO: ÊMBOLO DE BORRACHA, CAPACIDADE: 10, TIPO BICO: BICO CENTRAL LUER LOCK OU SLIP, ADICIONAL: GRADUADA, NUMERADA, APRESENTAÇÃO: EMBALAGEM INDIVIDUAL, TIPO AGULHA: C/ AGULHA 22 G X 1, ESTERILIDADE: ESTÉRIL, DESCARTÁVEL\"","UN",0.24,100000,24000]
["189/2022","Aprovada","MS.SCTIE.DAF.CGAFB","BENS",250005,167400,"2023-01-02","2023-12-29",361,"MS.SCTIE.DAF.CGAFB","1167/2022",15,"2023-03-01","Material",6515,"INSTRUMENTOS, EQUIPAMENTOS E SUPRIMENTOS MÉDICOS  E  CIRÚRGICOS",17428,"SERINGA",439688,"MATERIAL: POLIPROPILENO, TIPO VEDAÇÃO: ÊMBOLO DE BORRACHA, CAPACIDADE: 5, TIPO BICO: BICO CENTRAL LUER LOCK OU SLIP, ADICIONAL: GRADUADA, NUMERADA, APRESENTAÇÃO: EMBALAGEM INDIVIDUAL, TIPO AGULHA: C/ AGULHA 22 G X 1, ESTERILIDADE: ESTÉRIL, DESCARTÁVEL\"","UN",0.27,140000,37800]
["190/2022","Aprovada","MS.SAPS.DSMI.CGMINF","BENS",250005,5296011.04,"2023-01-02","2023-12-29",361,"MS.SAPS.DSMI.CGMINF","1164/2022",null,"2023-11-29","Material",6515,"INSTRUMENTOS, EQUIPAMENTOS E SUPRIMENTOS MÉDICOS  E  CIRÚRGICOS",19877,"CÂNULA ASPIRAÇÃO MANUAL INTRA-UTERINA",474822,"MATERIAL: POLÍMERO, CONECTOR: CONECTOR PADRÃO, HASTE: HASTE SEMIRRÍGIDA, GRADUADA, PONTA: PONTA DISTAL FECHADA, C/ ORIFÍCIOS LATERAIS, CALIBRE: CERCA DE 5, ESTERILIDADE: ESTÉRIL, USO ÚNICO","UN",27.9,25039,698588.1]
["190/2022","Aprovada","MS.SAPS.DSMI.CGMINF","BENS",250005,5296011.04,"2023-01-02","2023-12-29",361,"MS.SAPS.DSMI.CGMINF","1164/2022",null,"2023-11-29","Material",6515,"INSTRUMENTOS, EQUIPAMENTOS E SUPRIMENTOS MÉDICOS  E  CIRÚRGICOS",19877,"CÂNULA ASPIRAÇÃO MANUAL INTRA-UTERINA",474823,"MATERIAL: POLÍMERO, CONECTOR: CONECTOR PADRÃO, HASTE: HASTE SEMIRRÍGIDA, GRADUADA, PONTA: PONTA DISTAL FECHADA, C/ ORIFÍCIOS LATERAIS, CALIBRE: CERCA DE 6, ESTERILIDADE: ESTÉRIL, USO ÚNICO","UN",27.9,25039,698588.1]
["190/2022","Aprovada","MS.SAPS.DSMI.CGMINF","BENS",250005,5296011.04,"2023-01-02","2023-12-29",361,"MS.SAPS.DSMI.CGMINF","1164/2022",null,"2023-11-29","Material",6515,"INSTRUMENTOS, EQUIPAMENTOS E SUPRIMENTOS MÉDICOS  E  CIRÚRGICOS",19877,"CÂNULA ASPIRAÇÃO MANUAL INTRA-UTERINA",474824,"MATERIAL: POLÍMERO, CONECTOR: CONECTOR PADRÃO, HASTE: HASTE SEMIRRÍGIDA, GRADUADA, PONTA: PONTA DISTAL FECHADA, C/ ORIFÍCIOS LATERAIS, CALIBRE: CERCA DE 7, ESTERILIDADE: ESTÉRIL, USO ÚNICO","UN",29.04,25039,727132.56]
["190/2022","Aprovada","MS.SAPS.DSMI.CGMINF","BENS",250005,5296011.04,"2023-01-02","2023-12-29",361,"MS.SAPS.DSMI.CGMINF","1164/2022",null,"2023-11-29","Material",6515,"INSTRUMENTOS, EQUIPAMENTOS E SUPRIMENTOS MÉDICOS  E  CIRÚRGICOS",19877,"CÂNULA ASPIRAÇÃO MANUAL INTRA-UTERINA",474825,"MATERIAL: POLÍMERO, CONECTOR: CONECTOR PADRÃO, HASTE: HASTE SEMIRRÍGIDA, GRADUADA, PONTA: PONTA DISTAL FECHADA, C/ ORIFÍCIOS LATERAIS, CALIBRE: CERCA DE 8, ESTERILIDADE: ESTÉRIL, USO ÚNICO","UN",28.72,25039,719120.08]
["190/2022","Aprovada","MS.SAPS.DSMI.CGMINF","BENS",250005,5296011.04,"2023-01-02","2023-12-29",361,"MS.SAPS.DSMI.CGMINF","1164/2022",null,"2023-11-29","Material",6515,"INSTRUMENTOS, EQUIPAMENTOS E SUPRIMENTOS MÉDICOS  E  CIRÚRGICOS",19877,"CÂNULA ASPIRAÇÃO MANUAL INTRA-UTERINA",474826,"MATERIAL: POLÍMERO, CONECTOR: CONECTOR PADRÃO, HASTE: HASTE SEMIRRÍGIDA, GRADUADA, PONTA: PONTA DISTAL FECHADA, C/ ORIFÍCIO LATERAL, CALIBRE: CERCA DE 9, ESTERILIDADE: ESTÉRIL, USO ÚNICO","UN",28.59,25039,715865.01]
["190/2022","Aprovada","MS.SAPS.DSMI.CGMINF","BENS",250005,5296011.04,"2023-01-02","2023-12-29",361,"MS.SAPS.DSMI.CGMINF","1164/2022",null,"2023-11-29","Material",6515,"INSTRUMENTOS, EQUIPAMENTOS E SUPRIMENTOS MÉDICOS  E  CIRÚRGICOS",19877,"CÂNULA ASPIRAÇÃO MANUAL INTRA-UTERINA",474827,"MATERIAL: POLÍMERO, CONECTOR: CONECTOR PADRÃO, HASTE: HASTE SEMIRRÍGIDA, GRADUADA, PONTA: PONTA DISTAL FECHADA, C/ ORIFÍCIO LATERAL, CALIBRE: CERCA DE 10, ESTERILIDADE: ESTÉRIL, USO ÚNICO","UN",28.62,25039,716616.18]
["190/2022","Aprovada","MS.SAPS.DSMI.CGMINF","BENS",250005,5296011.04,"2023-01-02","2023-12-29",361,"MS.SAPS.DSMI.CGMINF","1164/2022",null,"2023-11-29","Material",6515,"INSTRUMENTOS, EQUIPAMENTOS E SUPRIMENTOS MÉDICOS  E  CIRÚRGICOS",19877,"CÂNULA ASPIRAÇÃO MANUAL INTRA-UTERINA",474828,"MATERIAL: POLÍMERO, CONECTOR: CONECTOR PADRÃO, HASTE: HASTE SEMIRRÍGIDA, GRADUADA, PONTA: PONTA DISTAL FECHADA, C/ ORIFÍCIO LATERAL, CALIBRE: CERCA DE 12, ESTERILIDADE: ESTÉRIL, USO ÚNICO","UN",28.59,25039,715865.01]
["190/2022","Aprovada","MS.SAPS.DSMI.CGMINF","BENS",250005,5296011.04,"2023-01-02","2023-12-29",361,"MS.SAPS.DSMI.CGMINF","1164/2022",null,"2023-11-29","Material",6515,"INSTRUMENTOS, EQUIPAMENTOS E SUPRIMENTOS MÉDICOS  E  CIRÚRGICOS",19700,"ASPIRADOR MANUAL",459178,"MODELO: INTRAUTERINO, COMPONENTE: VÁLVULA DUPLA, TIPO: SERINGA, VOLUME: CERCA DE 60 ML, ESTERILIDADE: ESTERILIZÁVEL","UN",243,1252,304236]
["191/2022","Aprovada","MS.SVS.DEIDT.CGPNI","BENS",250005,1316800,"2023-01-02","2023-12-29",361,"MS.SVS.DEIDT.CGPNI","149/2022",null,"2023-02-28","Material",6515,"INSTRUMENTOS, EQUIPAMENTOS E SUPRIMENTOS MÉDICOS  E  CIRÚRGICOS",17428,"SERINGA",455658,"MATERIAL: POLIPROPILENO, TIPO VEDAÇÃO: ÊMBOLO DE BORRACHA, CAPACIDADE: 1, TIPO BICO: BICO CENTRAL LUER LOCK OU SLIP, ADICIONAL: GRADUADA (ESCALA UI), NUMERADA, APRESENTAÇÃO: EMBALAGEM INDIVIDUAL, TIPO AGULHA: C/ AGULHA 30 G X 3/8, ESTERILIDADE: ESTÉRIL, DESCARTÁVEL\"","UN",0.3292,4000000,1316800]
["192/2022","Aprovada","MS.SVS.DCCI.CGAHV","BENS",250005,28350000,"2023-01-02","2023-12-29",361,"MS.SVS.DCCI.CGAHV","135/2022",null,"2023-01-31","Material",6515,"INSTRUMENTOS, EQUIPAMENTOS E SUPRIMENTOS MÉDICOS  E  CIRÚRGICOS",18893,"PRESERVATIVO FEMININO",440306,"MATERIAL: POLIURETANO OU LÁTEX OU BORRACHA NITRÍLICA, COMPRIMENTO: ATÉ 25, CARACTERÍSTICAS ADICIONAIS: LUBRIFICADA,LISA,TRANSPARENTE, ACESSÓRIOS: PORÇÃO FINAL EM ANEL OU ESPONJA","UN",3.15,9000000,28350000]
["193/2022","Aprovada","MS.SVS.DCCI.CGAHV","BENS",250005,40410000,"2023-01-02","2023-12-29",361,"MS.SVS.DCCI.CGAHV","134/2022",null,"2023-01-31","Material",6515,"INSTRUMENTOS, EQUIPAMENTOS E SUPRIMENTOS MÉDICOS  E  CIRÚRGICOS",18893,"PRESERVATIVO FEMININO",441639,"MATERIAL: POLIURETANO OU BORRACHA NITRÍLICA, COMPRIMENTO: ATÉ 25, CARACTERÍSTICAS ADICIONAIS: LUBRIFICADA,LISA,TRANSPARENTE, ACESSÓRIOS: PORÇÃO FINAL EM ANEL OU ESPONJA","UN",4.49,9000000,40410000]
["194/2022","Aprovada","MS.SVS.DCCI.CGAHV","BENS",250005,32000000,"2023-01-02","2023-12-29",361,"MS.SVS.DCCI.CGAHV","133/2022",null,"2023-01-31","Material",6515,"INSTRUMENTOS, EQUIPAMENTOS E SUPRIMENTOS MÉDICOS  E  CIRÚRGICOS",1268,"PRESERVATIVO MASCULINO",325431,"MATERIAL: BORRACHA NATURAL, ESPESSURA MÍNIMA: ESPESSURA MÍN. 0,03MM, COMPRIMENTO MÍNIMO: COMPRIMENTO MÍNIMO DE 160, ADICIONAIS: QUANTIDADE DE LUBRIFICANTE ENTRE 400 E 700MG, LARGURA: LARGURA NOMINAL 52, CARACTERÍSTICAS ADICIONAIS: LUBRIFICADO, S/ ESPERMICIDA ,S/ ODOR, FORMATO: C/ RESERVATÓRIO, TRANSLÚCIDO, TRANSPARENTE","UN",0.32,100000000,32000000]
["195/2022","Aprovada","MS.SVS.DCCI.CGAHV","BENS",250005,71960000,"2023-01-02","2023-12-29",361,"MS.SVS.DCCI.CGAHV","132/2022",null,"2023-01-31","Material",6515,"INSTRUMENTOS, EQUIPAMENTOS E SUPRIMENTOS MÉDICOS  E  CIRÚRGICOS",1268,"PRESERVATIVO MASCULINO",325430,"MATERIAL: BORRACHA NATURAL, ESPESSURA MÍNIMA: ESPESSURA MÍN. 0,03MM, COMPRIMENTO MÍNIMO: COMPRIMENTO MÍNIMO DE 160, ADICIONAIS: QUANTIDADE DE LUBRIFICANTE ENTRE 400 E 700MG, LARGURA: LARGURA NOMINAL 49, CARACTERÍSTICAS ADICIONAIS: LUBRIFICADO, S/ ESPERMICIDA ,S/ ODOR, FORMATO: C/ RESERVATÓRIO, TRANSLÚCIDO, TRANSPARENTE","UN",0.1799,400000000,71960000]
["196/2022","Aprovada","MS.SVS.DEIDT.CGZV","BENS",250005,454110.8,"2023-01-02","2023-12-29",361,"MS.SVS.DEIDT.CGZV","1355/2022",1,"2023-01-01","Material",6840,"PESTICIDAS E DESINFETANTES",2608,"ALFACIPERMETRINA",380137,"NÚMERO DE REFERÊNCIA QUÍMICA: CAS 67375-30-8, APRESENTAÇÃO: SUSPENSÃO CONCENTRADA, CONCENTRAÇÃO: 20% P/V","L",24.31,18680,454110.8]
["197/2022","Aprovada","MS.SVS.DEIDT.CGZV","BENS",250005,21000000,"2023-01-02","2023-12-29",361,"MS.SVS.DEIDT.CGZV","1354/2022",1,"2023-01-01","Material",6840,"PESTICIDAS E DESINFETANTES",19398,"INSETICIDA",462541,"COMPONENTES: C/ MANGAS, APLICAÇÃO: P/ REDE, DIMENSÕES: MÍNIMO DE 0,80 M X 1,80 M X 1,50, TIPO: TIPO PIRETRÓIDE, APRESENTAÇÃO: IMPREGNADO EM REDE DE MATERIAL SINTÉTICO","UN",70,300000,21000000]
["198/2022","Aprovada","MS.SVS.DEIDT.CGZV","BENS",250005,14400000,"2023-01-02","2023-12-29",361,"MS.SVS.DEIDT.CGZV","1353/2022",1,"2023-01-01","Material",6840,"PESTICIDAS E DESINFETANTES",19398,"INSETICIDA",462542,"COMPONENTES: C/ SUPORTE METÁLICO, APLICAÇÃO: P/ CAMA, CÔNICO, DIMENSÕES: MÍNIMO DE 10 M X 0,50 M X 2, TIPO: TIPO PIRETRÓIDE, APRESENTAÇÃO: IMPREGNADO EM REDE DE MATERIAL SINTÉTICO","UN",72,200000,14400000]
["199/2022","Aprovada","MS.SVS.DEIDT.CGZV","BENS",250005,34948800,"2023-01-02","2023-12-29",361,"MS.SVS.DEIDT.CGZV","1352/2022",1,"2023-01-01","Material",6840,"PESTICIDAS E DESINFETANTES",5169,"ETOFENPROXI",380132,"NÚMERO DE REFERÊNCIA QUÍMICA: CAS 80844-07-1, APRESENTAÇÃO: CONCENTRADO EMULSIONÁVEL, CONCENTRAÇÃO: 20% P/V","KG",194.16,180000,34948800]
["200/2022","Aprovada","MS.SVS.DEIDT.CGZV","BENS",250005,2100000,"2023-01-02","2023-12-29",361,"MS.SVS.DEIDT.CGZV","1350/2022",1,"2023-01-01","Material",6840,"PESTICIDAS E DESINFETANTES",19398,"INSETICIDA",435222,"COMPONENTES: C/ MANGAS, APLICAÇÃO: P/ REDE, DIMENSÕES: CERCA DE 200 X 80 X 200, TIPO: TIPO PIRETRÓIDE, APRESENTAÇÃO: IMPREGNADA EM REDE DE POLIÉSTER","UN",210,10000,2100000]
["201/2022","Aprovada","MS.SVS.DEIDT.CGZV","BENS",250005,670000,"2023-01-02","2023-12-29",361,"MS.SVS.DEIDT.CGZV","1349/2022",1,"2023-01-01","Material",6840,"PESTICIDAS E DESINFETANTES",9039,"BENDIOCARBE",380120,"NÚMERO DE REFERÊNCIA QUÍMICA: CAS 22781-23-3, APRESENTAÇÃO: PÓ MOLHÁVEL, CONCENTRAÇÃO: 80% P/P","KG",1675,400,670000]
["202/2022","Aprovada","MS.SVS.DEIDT.CGZV","BENS",250005,220000,"2023-01-02","2023-12-29",361,"MS.SVS.DEIDT.CGZV","1342/2022",1,"2023-01-01","Material",6840,"PESTICIDAS E DESINFETANTES",12714,"LAMBDA-CIALOTRINA",388757,"NÚMERO DE REFERÊNCIA QUÍMICA: CAS 91465-08-6, APRESENTAÇÃO: CONCENTRADO EMULSIONÁVEL, CONCENTRAÇÃO: 5% P/V","L",44,5000,220000]
["203/2022","Aprovada","MS.SVS.DEIDT.CGARB","BENS",250005,47200000,"2023-01-02","2023-12-29",361,"MS.SVS.DEIDT.CGARB","1341/2022",1,"2023-02-01","Material",6840,"PESTICIDAS E DESINFETANTES",30038,"TRANSFLUTRINA",486691,"APRESENTAÇÃO: EMULSÃO AQUOSA, COMPOSIÇÃO: ASSOCIADA À FLUPIRADIFURONA, CONCENTRAÇÃO: 5,25% P/V + 2,63% P/V","L",236,200000,47200000]
["204/2022","Aprovada","MS.SVS.DEIDT.CGARB","BENS",250005,104625600,"2023-01-02","2023-12-29",361,"MS.SVS.DEIDT.CGARB","1340/2022",1,"2023-02-01","Material",6840,"PESTICIDAS E DESINFETANTES",12313,"BIOPESTICIDA",417136,"CARACTERÍSTICA ADICIONAL: ATIVIDADE MÍN. 3.000 BTI/MG, FORMA FÍSICA: GRANULADO DISPERSÍVEL, COMPOSIÇÃO: DE BACILLUS THURINGIENSIS SUBESPÉCIE ISRAELENSIS, CONCENTRAÇÃO: MÍNIMO DE 35% P/P","KG",217.97,480000,104625600]
["205/2022","Aprovada","MS.SVS.DEIDT.CGARB","BENS",250005,437500000,"2023-01-02","2023-12-29",361,"MS.SVS.DEIDT.CGARB","1339/2022",1,"2023-02-01","Material",6840,"PESTICIDAS E DESINFETANTES",1986,"ESPINOSADE",461690,"APRESENTAÇÃO: PASTILHA, CONCENTRAÇÃO: ATÉ 10%","PAST",3.5,125000000,437500000]
["206/2022","Aprovada","MS.SVS.DEIDT.CGARB","BENS",250005,9275742,"2023-01-02","2023-12-29",361,"MS.SVS.DEIDT.CGARB","1338/2022",1,"2023-02-01","Material",6840,"PESTICIDAS E DESINFETANTES",7997,"CLOTIANIDINA",400397,"FORMA FÍSICA: PÓ MOLHÁVEL, NÚMERO DE REFERÊNCIA QUÍMICA: CAS 210880-92-5, CONCENTRAÇÃO: 50% P/P","KG",736.17,12600,9275742]
["207/2022","Aprovada","MS.SVS.DEIDT.CGZV","BENS",250005,34948800,"2023-01-02","2023-12-29",361,"MS.SVS.DEIDT.CGZV","70/2022",1,"2023-01-01","Material",6840,"PESTICIDAS E DESINFETANTES",5169,"ETOFENPROXI",380133,"NÚMERO DE REFERÊNCIA QUÍMICA: CAS 80844-07-1, APRESENTAÇÃO: PÓ MOLHÁVEL, CONCENTRAÇÃO: 20% P/P","KG",194.16,180000,34948800]
["208/2022","Aprovada","MS.SVS.DEIDT.CGARB","BENS",250005,69492600,"2023-01-02","2023-12-29",361,"MS.SVS.DEIDT.CGARB","66/2022",1,"2023-02-01","Material",6840,"PESTICIDAS E DESINFETANTES",17266,"PRALETRINA",397299,"FORMA FÍSICA: CONCENTRADO EMULSIONÁVEL, NÚMERO DE REFERÊNCIA QUÍMICA: CAS 23031-36-9, CONCENTRAÇÃO: 1,25% P/V","L",463.284,150000,69492600]
["209/2022","Aprovada","MS.SVS.DEIDT.CGZV","BENS",250005,1085025,"2023-01-02","2023-12-29",361,"MS.SVS.DEIDT.CGZV","1351/2022",1,"2023-01-01","Material",6550,"SUBSTÂNCIAS PARA DIAGNÓSTICO \"IN VITRO\",  REAGENTES,  CONJUNTOS E JOGOS PARA TESTE",11426,"REAGENTE PARA DIAGNÓSTICO CLÍNICO 3",368340,"MÉTODO: IMUNOCROMATOGRAFIA, TIPO DE ANÁLISE: QUALITATIVO DE ANTI PLASMODIUM SP, TIPO: CONJUNTO COMPLETO, APRESENTAÇÃO: TESTE","UN",3.91,277500,1085025]
["210/2022","Aprovada","MS.SVS.DAEVS.CGLAB","BENS",250005,317306.88,"2023-01-02","2023-12-29",361,"MS.SVS.DAEVS.CGLAB","1283/2022",null,"2023-03-01","Material",6550,"SUBSTÂNCIAS PARA DIAGNÓSTICO \"IN VITRO\",  REAGENTES,  CONJUNTOS E JOGOS PARA TESTE",19105,"REAGENTE PARA DIAGNÓSTICO CLÍNICO 7",485546,"APRESENTAÇÃO*: TESTE, TIPO DE ANÁLISE*: QUALITATIVO DE MYCOBACTERIUM LEPRAE, MÉTODO*: PCR TEMPO REAL, TIPO: CONJUNTO COMPLETO PARA AUTOMAÇÃO","TESTE",206.58,1536,317306.88]
["211/2022","Aprovada","MS.SVS.DAEVS.CGLAB","BENS",250005,483336,"2023-01-02","2023-12-29",361,"MS.SVS.DAEVS.CGLAB","1282/2022",null,"2023-03-01","Material",6550,"SUBSTÂNCIAS PARA DIAGNÓSTICO \"IN VITRO\",  REAGENTES,  CONJUNTOS E JOGOS PARA TESTE",7172,"REAGENTE PARA DIAGNÓSTICO CLÍNICO 2",485314,"TIPO DE ANÁLISE 1: P/ IDENTIFICAÇÃO E RESISTÊNCIA DE M. LEPRAE, APRESENTAÇÃO 1: TESTE, ADICIONAL 1: P/ RIFAMPICINA, OFLOXACINA E DAPSONA, MÉTODO 1: POR HIBRIDIZAÇÃO, TIPO: CONJUNTO COMPLETO","TESTE",294,1644,483336]
["212/2022","Aprovada","MS.SVS.DAEVS.CGLAB","BENS",250005,548160,"2023-01-02","2023-12-29",361,"MS.SVS.DAEVS.CGLAB","1281/2022",null,"2023-03-01","Material",6550,"SUBSTÂNCIAS PARA DIAGNÓSTICO \"IN VITRO\",  REAGENTES,  CONJUNTOS E JOGOS PARA TESTE",11521,"REAGENTE PARA DIAGNÓSTICO CLÍNICO 4",402930,"MÉTODO: ELISA, TIPO DE ANÁLISE: QUALITATIVO ANTI LEPTOSPIRA INTERROGANS IGM, TIPO: CONJUNTO COMPLETO, APRESENTAÇÃO: TESTE","TESTE",10,54816,548160]
["213/2022","Aprovada","MS.SVS.DAEVS.CGLAB","BENS",250005,16491246.86,"2023-01-02","2023-12-29",361,"MS.SVS.DAEVS.CGLAB","1279/2022",null,"2023-03-01","Material",6550,"SUBSTÂNCIAS PARA DIAGNÓSTICO \"IN VITRO\",  REAGENTES,  CONJUNTOS E JOGOS PARA TESTE",19105,"REAGENTE PARA DIAGNÓSTICO CLÍNICO 7",402310,"MÉTODO: IMUNOFLUORESCÊNCIA INDIRETA, TIPO DE ANÁLISE: QUALITATIVO DE ANTI TRYPANOSSOMA CRUZY, TIPO: CONJUNTO COMPLETO, APRESENTAÇÃO: TESTE","TESTE",4.15,114000,473100]
["213/2022","Aprovada","MS.SVS.DAEVS.CGLAB","BENS",250005,16491246.86,"2023-01-02","2023-12-29",361,"MS.SVS.DAEVS.CGLAB","1279/2022",null,"2023-03-01","Material",6550,"SUBSTÂNCIAS PARA DIAGNÓSTICO \"IN VITRO\",  REAGENTES,  CONJUNTOS E JOGOS PARA TESTE",11521,"REAGENTE PARA DIAGNÓSTICO CLÍNICO 4",403353,"COMPOSIÇÃO BÁSICA: ASCARIS SP,SCHISTOSOMA SP,ANCILOSTOMIDEOS,TAENIA, MÉTODO: KATO-KATZ, OUTROS COMPONENTES: TRICHURIS SP, ENTEROBIUS SP, STRONGYLOIDES SP, TIPO DE ANÁLISE: QUANTITATIVO DE HELMINTOS EM FEZES, TIPO: CONJUNTO COMPLETO, APRESENTAÇÃO: TESTE","TESTE",1.5,900000,1350000]
["213/2022","Aprovada","MS.SVS.DAEVS.CGLAB","BENS",250005,16491246.86,"2023-01-02","2023-12-29",361,"MS.SVS.DAEVS.CGLAB","1279/2022",null,"2023-03-01","Material",6550,"SUBSTÂNCIAS PARA DIAGNÓSTICO \"IN VITRO\",  REAGENTES,  CONJUNTOS E JOGOS PARA TESTE",11521,"REAGENTE PARA DIAGNÓSTICO CLÍNICO 4",403393,"MÉTODO: IMUNOCROMATOGRAFIA, TIPO DE ANÁLISE: QUALITATIVO ANTI LEISHMANIA CHAGASI, TIPO: CONJUNTO COMPLETO, CARACTERÍSTICAS ADICIONAIS: CANINA, APRESENTAÇÃO: TESTE","TESTE",13.5,900000,12150000]
["213/2022","Aprovada","MS.SVS.DAEVS.CGLAB","BENS",250005,16491246.86,"2023-01-02","2023-12-29",361,"MS.SVS.DAEVS.CGLAB","1279/2022",null,"2023-03-01","Material",6550,"SUBSTÂNCIAS PARA DIAGNÓSTICO \"IN VITRO\",  REAGENTES,  CONJUNTOS E JOGOS PARA TESTE",11521,"REAGENTE PARA DIAGNÓSTICO CLÍNICO 4",402875,"MÉTODO: ELISA, TIPO DE ANÁLISE: QUALITATIVO ANTI LEISHMANIA MAJOR LIKE (CANINA), TIPO: CONJUNTO COMPLETO, APRESENTAÇÃO: TESTE","TESTE",7.9,230400,1820160]
["213/2022","Aprovada","MS.SVS.DAEVS.CGLAB","BENS",250005,16491246.86,"2023-01-02","2023-12-29",361,"MS.SVS.DAEVS.CGLAB","1279/2022",null,"2023-03-01","Material",6550,"SUBSTÂNCIAS PARA DIAGNÓSTICO \"IN VITRO\",  REAGENTES,  CONJUNTOS E JOGOS PARA TESTE",11521,"REAGENTE PARA DIAGNÓSTICO CLÍNICO 4",403363,"MÉTODO: ELISA, TIPO DE ANÁLISE: QUALITATIVO ANTI HANTAVÍRUS IGM, TIPO: CONJUNTO COMPLETO, APRESENTAÇÃO: TESTE","TESTE",71.25,5649,402491.25]
["213/2022","Aprovada","MS.SVS.DAEVS.CGLAB","BENS",250005,16491246.86,"2023-01-02","2023-12-29",361,"MS.SVS.DAEVS.CGLAB","1279/2022",null,"2023-03-01","Material",6550,"SUBSTÂNCIAS PARA DIAGNÓSTICO \"IN VITRO\",  REAGENTES,  CONJUNTOS E JOGOS PARA TESTE",11521,"REAGENTE PARA DIAGNÓSTICO CLÍNICO 4",403362,"MÉTODO: ELISA, TIPO DE ANÁLISE: QUALITATIVO ANTI HANTAVÍRUS IGG, TIPO: CONJUNTO COMPLETO, APRESENTAÇÃO: TESTE","TESTE",53.33,2817,150230.61]
["213/2022","Aprovada","MS.SVS.DAEVS.CGLAB","BENS",250005,16491246.86,"2023-01-02","2023-12-29",361,"MS.SVS.DAEVS.CGLAB","1279/2022",null,"2023-03-01","Material",6550,"SUBSTÂNCIAS PARA DIAGNÓSTICO \"IN VITRO\",  REAGENTES,  CONJUNTOS E JOGOS PARA TESTE",19105,"REAGENTE PARA DIAGNÓSTICO CLÍNICO 7",479377,"TIPO*: CONJUNTO COMPLETO, APRESENTAÇÃO*: CONTROLE, TIPO DE ANÁLISE*: RNA PURIFICADO DO VÍRUS DA FEBRE AMARELA, MÉTODO*: AMPLIFICAÇÃO DE ÁCIDOS NUCLEICOS","TESTE",80,1224,97920]
["213/2022","Aprovada","MS.SVS.DAEVS.CGLAB","BENS",250005,16491246.86,"2023-01-02","2023-12-29",361,"MS.SVS.DAEVS.CGLAB","1279/2022",null,"2023-03-01","Material",6550,"SUBSTÂNCIAS PARA DIAGNÓSTICO \"IN VITRO\",  REAGENTES,  CONJUNTOS E JOGOS PARA TESTE",19105,"REAGENTE PARA DIAGNÓSTICO CLÍNICO 7",479377,"TIPO*: CONJUNTO COMPLETO, APRESENTAÇÃO*: CONTROLE, TIPO DE ANÁLISE*: RNA PURIFICADO DO VÍRUS DA FEBRE AMARELA, MÉTODO*: AMPLIFICAÇÃO DE ÁCIDOS NUCLEICOS","TESTE",94.69,500,47345]
["214/2022","Aprovada","MS.SVS.DAEVS.CGLAB","BENS",250005,1866240,"2023-01-02","2023-12-29",361,"MS.SVS.DAEVS.CGLAB","1278/2022",null,"2023-03-01","Material",6550,"SUBSTÂNCIAS PARA DIAGNÓSTICO \"IN VITRO\",  REAGENTES,  CONJUNTOS E JOGOS PARA TESTE",19105,"REAGENTE PARA DIAGNÓSTICO CLÍNICO 7",348302,"MÉTODO: ELFA, TIPO DE ANÁLISE: QUALITATIVO ANTI TOXOPLASMA GONDII IGM, TIPO: CONJUNTO COMPLETO PARA AUTOMAÇÃO, APRESENTAÇÃO: TESTE","TESTE",16,38880,622080]
["214/2022","Aprovada","MS.SVS.DAEVS.CGLAB","BENS",250005,1866240,"2023-01-02","2023-12-29",361,"MS.SVS.DAEVS.CGLAB","1278/2022",null,"2023-03-01","Material",6550,"SUBSTÂNCIAS PARA DIAGNÓSTICO \"IN VITRO\",  REAGENTES,  CONJUNTOS E JOGOS PARA TESTE",19027,"REAGENTE PARA DIAGNÓSTICO CLÍNICO 6",354453,"MÉTODO: ELFA, TIPO DE ANÁLISE: QUANTITATIVO DE ANTI TOXOPLASMA GONDII IGG, TIPO: CONJUNTO COMPLETO PARA AUTOMAÇÃO, APRESENTAÇÃO: TESTE","TESTE",16,38880,622080]
["214/2022","Aprovada","MS.SVS.DAEVS.CGLAB","BENS",250005,1866240,"2023-01-02","2023-12-29",361,"MS.SVS.DAEVS.CGLAB","1278/2022",null,"2023-03-01","Material",6550,"SUBSTÂNCIAS PARA DIAGNÓSTICO \"IN VITRO\",  REAGENTES,  CONJUNTOS E JOGOS PARA TESTE",19027,"REAGENTE PARA DIAGNÓSTICO CLÍNICO 6",354453,"MÉTODO: ELFA, TIPO DE ANÁLISE: QUANTITATIVO DE ANTI TOXOPLASMA GONDII IGG, TIPO: CONJUNTO COMPLETO PARA AUTOMAÇÃO, APRESENTAÇÃO: TESTE","TESTE",16,38880,622080]
["215/2022","Aprovada","MS.SCTIE.DAF.CGAFME","BENS",250005,489778.2,"2023-01-02","2023-12-29",361,"MS.SCTIE.DAF.CGAFME","1273/2022",null,"2023-11-30","Material",6550,"SUBSTÂNCIAS PARA DIAGNÓSTICO \"IN VITRO\",  REAGENTES,  CONJUNTOS E JOGOS PARA TESTE",17682,"PPD - DERIVADO PROTÊICO PURIFICADO",301956,"USO: INTRADÉRMICA, PRINCÍPIO ATIVO: BACILO VIVO ATENUADO DE MYCOBACTERIUM TUBERCULOSIS, FORMA FARMACÊUTICA: SOLUÇÃO INJETÁVEL, DOSAGEM: 2 UT/ 0,1ML","FR",14.321,34200,489778.2]
["216/2022","Aprovada","MS.SVS.DAEVS.CGLAB","BENS",250005,25200000,"2023-01-02","2023-12-29",361,"MS.SVS.DAEVS.CGLAB","1268/2022",null,"2023-03-01","Material",6550,"SUBSTÂNCIAS PARA DIAGNÓSTICO \"IN VITRO\",  REAGENTES,  CONJUNTOS E JOGOS PARA TESTE",15618,"CONJUNTO PARA ANÁLISE",476016,"COMPOSIÇÃO BÁSICA: PARA CONSTRUÇÃO BIBLIOTECA RNA MENSAGEIRO, APLICAÇÃO: PARA SEQUENCIAMENTO NOVA GERAÇÃO, APRESENTAÇÃO: TESTE","TESTE",1500,3360,5040000]
["216/2022","Aprovada","MS.SVS.DAEVS.CGLAB","BENS",250005,25200000,"2023-01-02","2023-12-29",361,"MS.SVS.DAEVS.CGLAB","1268/2022",null,"2023-03-01","Material",6550,"SUBSTÂNCIAS PARA DIAGNÓSTICO \"IN VITRO\",  REAGENTES,  CONJUNTOS E JOGOS PARA TESTE",15618,"CONJUNTO PARA ANÁLISE",476016,"COMPOSIÇÃO BÁSICA: PARA CONSTRUÇÃO BIBLIOTECA RNA MENSAGEIRO, APLICAÇÃO: PARA SEQUENCIAMENTO NOVA GERAÇÃO, APRESENTAÇÃO: TESTE","TESTE",1500,5040,7560000]
["216/2022","Aprovada","MS.SVS.DAEVS.CGLAB","BENS",250005,25200000,"2023-01-02","2023-12-29",361,"MS.SVS.DAEVS.CGLAB","1268/2022",null,"2023-03-01","Material",6550,"SUBSTÂNCIAS PARA DIAGNÓSTICO \"IN VITRO\",  REAGENTES,  CONJUNTOS E JOGOS PARA TESTE",15618,"CONJUNTO PARA ANÁLISE",476016,"COMPOSIÇÃO BÁSICA: PARA CONSTRUÇÃO BIBLIOTECA RNA MENSAGEIRO, APLICAÇÃO: PARA SEQUENCIAMENTO NOVA GERAÇÃO, APRESENTAÇÃO: TESTE","TESTE",1500,5040,7560000]
["216/2022","Aprovada","MS.SVS.DAEVS.CGLAB","BENS",250005,25200000,"2023-01-02","2023-12-29",361,"MS.SVS.DAEVS.CGLAB","1268/2022",null,"2023-03-01","Material",6550,"SUBSTÂNCIAS PARA DIAGNÓSTICO \"IN VITRO\",  REAGENTES,  CONJUNTOS E JOGOS PARA TESTE",15618,"CONJUNTO PARA ANÁLISE",476016,"COMPOSIÇÃO BÁSICA: PARA CONSTRUÇÃO BIBLIOTECA RNA MENSAGEIRO, APLICAÇÃO: PARA SEQUENCIAMENTO NOVA GERAÇÃO, APRESENTAÇÃO: TESTE","TESTE",1500,3360,5040000]
["217/2022","Aprovada","MS.SVS.DAEVS.CGLAB","BENS",250005,4613169.6,"2023-01-02","2023-12-29",361,"MS.SVS.DAEVS.CGLAB","1267/2022",null,"2023-03-01","Material",6550,"SUBSTÂNCIAS PARA DIAGNÓSTICO \"IN VITRO\",  REAGENTES,  CONJUNTOS E JOGOS PARA TESTE",7172,"REAGENTE PARA DIAGNÓSTICO CLÍNICO 2",482171,"MÉTODO: POR HIBRIDIZAÇÃO, ADICIONAL: P/ RIFAMPICINA E ISONIAZIDA, TIPO DE ANÁLISE: P/ IDENTIFICAÇÃO E RESISTÊNCIA DE M. TUBERCULOSIS, TIPO: CONJUNTO COMPLETO, APRESENTAÇÃO: TESTE","TESTE",136.35,32544,4437374.4]
["217/2022","Aprovada","MS.SVS.DAEVS.CGLAB","BENS",250005,4613169.6,"2023-01-02","2023-12-29",361,"MS.SVS.DAEVS.CGLAB","1267/2022",null,"2023-03-01","Material",6550,"SUBSTÂNCIAS PARA DIAGNÓSTICO \"IN VITRO\",  REAGENTES,  CONJUNTOS E JOGOS PARA TESTE",7172,"REAGENTE PARA DIAGNÓSTICO CLÍNICO 2",482172,"MÉTODO: POR HIBRIDIZAÇÃO, ADICIONAL: P/ FLUOROQUINOLONAS, ETAMBUTOL, TIPO DE ANÁLISE: P/ IDENTIFICAÇÃO E RESISTÊNCIA DE M. TUBERCULOSIS, ADICIONAL 1: AMINOGLICOSIDEOS/PEPTIDEOS CÍCLICOS, TIPO: CONJUNTO COMPLETO, APRESENTAÇÃO: TESTE","TESTE",130.8,1344,175795.2]
["218/2022","Aprovada","MS.SVS.DAEVS.CGLAB","BENS",250005,4743960,"2023-01-02","2023-12-29",361,"MS.SVS.DAEVS.CGLAB","1266/2022",null,"2023-03-01","Material",6550,"SUBSTÂNCIAS PARA DIAGNÓSTICO \"IN VITRO\",  REAGENTES,  CONJUNTOS E JOGOS PARA TESTE",14801,"REAGENTE ANALÍTICO 4",415257,"CARACTERÍSTICA ADICIONAL: ELISA, TIPO DE ANÁLISE: QUANTITATIVO INTERFERON GAMA HUMANO, APRESENTAÇÃO*: TESTE, TIPO: CONJUNTO COMPLETO","TESTE",91.23,52000,4743960]
["219/2022","Aprovada","MS.SVS.DAEVS.CGLAB","BENS",250005,10292000,"2023-01-02","2023-12-29",361,"MS.SVS.DAEVS.CGLAB","1265/2022",null,"2023-03-01","Material",6550,"SUBSTÂNCIAS PARA DIAGNÓSTICO \"IN VITRO\",  REAGENTES,  CONJUNTOS E JOGOS PARA TESTE",18984,"REAGENTE PARA DIAGNÓSTICO CLÍNICO 5",332952,"COMPOSIÇÃO BÁSICA: C/MEIO MIDDLEBROOK 7H9 ADICIONADO DE CO2,02 E N2, OUTROS COMPONENTES: C/ SUPLEMENTO ANTIBIÓTICO, TIPO DE ANÁLISE: CULTURA BACTERIANA, TIPO: CONJUNTO COMPLETO PARA AUTOMAÇÃO, APRESENTAÇÃO: TESTE","TESTE",46,109500,5037000]
["219/2022","Aprovada","MS.SVS.DAEVS.CGLAB","BENS",250005,10292000,"2023-01-02","2023-12-29",361,"MS.SVS.DAEVS.CGLAB","1265/2022",null,"2023-03-01","Material",6550,"SUBSTÂNCIAS PARA DIAGNÓSTICO \"IN VITRO\",  REAGENTES,  CONJUNTOS E JOGOS PARA TESTE",5778,"REAGENTE PARA DIAGNÓSTICO CLÍNICO 1",442573,"TIPO DE ANÁLISE: SENSIBILIDADE MYCOBACTERIUM TUBERCULOSIS, TIPO: CONJUNTO COMPLETO PARA AUTOMAÇÃO, CARACTERÍSTICAS ADICIONAIS: P/ ESTREPTOMICINA,ISONIAZIDA,RIFAMPICINA,ETAMBUTOL, APRESENTAÇÃO: TESTE","TESTE",185,17000,3145000]
["219/2022","Aprovada","MS.SVS.DAEVS.CGLAB","BENS",250005,10292000,"2023-01-02","2023-12-29",361,"MS.SVS.DAEVS.CGLAB","1265/2022",null,"2023-03-01","Material",6550,"SUBSTÂNCIAS PARA DIAGNÓSTICO \"IN VITRO\",  REAGENTES,  CONJUNTOS E JOGOS PARA TESTE",5778,"REAGENTE PARA DIAGNÓSTICO CLÍNICO 1",412128,"TIPO DE ANÁLISE: SENSIBILIDADE MYCOBACTERIUM TUBERCULOSIS, TIPO: SISTEMA IDENTIFICAÇÃO BIOQUÍMICA, CARACTERÍSTICAS ADICIONAIS: PARA PIRAZINAMIDA, APRESENTAÇÃO: TESTE","TESTE",80,17000,1360000]
["219/2022","Aprovada","MS.SVS.DAEVS.CGLAB","BENS",250005,10292000,"2023-01-02","2023-12-29",361,"MS.SVS.DAEVS.CGLAB","1265/2022",null,"2023-03-01","Material",6550,"SUBSTÂNCIAS PARA DIAGNÓSTICO \"IN VITRO\",  REAGENTES,  CONJUNTOS E JOGOS PARA TESTE",18947,"SUPLEMENTO PARA MEIO DE CULTURA",428689,"COMPONENTES: C/ SOLUÇÃO DE ENRIQUECIMENTO, COMPONENTES ADICIONAIS: MISTURA DE ANTIBIÓTICOS, TIPO: PARA MICOBACTÉRIAS","UN",35,3000,105000]
["219/2022","Aprovada","MS.SVS.DAEVS.CGLAB","BENS",250005,10292000,"2023-01-02","2023-12-29",361,"MS.SVS.DAEVS.CGLAB","1265/2022",null,"2023-03-01","Material",6550,"SUBSTÂNCIAS PARA DIAGNÓSTICO \"IN VITRO\",  REAGENTES,  CONJUNTOS E JOGOS PARA TESTE",18947,"SUPLEMENTO PARA MEIO DE CULTURA",428689,"COMPONENTES: C/ SOLUÇÃO DE ENRIQUECIMENTO, COMPONENTES ADICIONAIS: MISTURA DE ANTIBIÓTICOS, TIPO: PARA MICOBACTÉRIAS","UN",35,3000,105000]
["219/2022","Aprovada","MS.SVS.DAEVS.CGLAB","BENS",250005,10292000,"2023-01-02","2023-12-29",361,"MS.SVS.DAEVS.CGLAB","1265/2022",null,"2023-03-01","Material",6550,"SUBSTÂNCIAS PARA DIAGNÓSTICO \"IN VITRO\",  REAGENTES,  CONJUNTOS E JOGOS PARA TESTE",19042,"MEIO DE CULTURA.",357158,"ASPECTO FÍSICO: LÍQUIDO, ADITIVOS: COM CO2, ADICIONAL: INDICADOR FLUORESCENTE, TIPO: MEIO MIDDLEBROOK 7H9 MODIFICADO","UN",30,18000,540000]
["220/2022","Aprovada","MS.SVS.DAEVS.CGLAB","BENS",250005,37672938,"2023-01-02","2023-12-29",361,"MS.SVS.DAEVS.CGLAB","1264/2022",null,"2023-03-01","Material",6550,"SUBSTÂNCIAS PARA DIAGNÓSTICO \"IN VITRO\",  REAGENTES,  CONJUNTOS E JOGOS PARA TESTE",11521,"REAGENTE PARA DIAGNÓSTICO CLÍNICO 4",384385,"MÉTODO: PCR TEMPO REAL, TIPO DE ANÁLISE: QUALITATIVO M.TUBERCULOSIS RESISTÊNCIA RIFAMPICINA, TIPO: CONJUNTO COMPLETO PARA AUTOMAÇÃO, APRESENTAÇÃO: TESTE","TESTE",57.08,647660,36968432.8]
["220/2022","Aprovada","MS.SVS.DAEVS.CGLAB","BENS",250005,37672938,"2023-01-02","2023-12-29",361,"MS.SVS.DAEVS.CGLAB","1264/2022",null,"2023-03-01","Material",6550,"SUBSTÂNCIAS PARA DIAGNÓSTICO \"IN VITRO\",  REAGENTES,  CONJUNTOS E JOGOS PARA TESTE",15618,"CONJUNTO PARA ANÁLISE",402520,"COMPONENTES: COM PLACA PARA RUÍDO DE FUNDO, COMPOSIÇÃO BÁSICA: PARA CALIBRAÇÃO, APLICAÇÃO: PARA PCR EM TEMPO REAL, OUTROS COMPONENTES: CALIBRADORES PARA CORANTES FLUORESCENTES","UN",2516.09,280,704505.2]
["221/2022","Aprovada","MS.SVS.DAEVS.CGLAB","BENS",250005,123136605,"2023-01-02","2023-12-29",361,"MS.SVS.DAEVS.CGLAB","1253/2022",null,"2023-03-01","Material",6550,"SUBSTÂNCIAS PARA DIAGNÓSTICO \"IN VITRO\",  REAGENTES,  CONJUNTOS E JOGOS PARA TESTE",11424,"REAGENTE ANALÍTICO 2",368441,"APLICAÇÃO: PURIFICAÇÃO DE ÁCIDOS NUCLEICOS VIRAIS, REAGENTE: CONJUNTO DE REAGENTES, APRESENTAÇÃO: TESTE","TESTE",11.25,10945476,123136605]
["222/2022","Aprovada","MS.SVS.DAEVS.CGLAB","BENS",250005,59714187.28,"2023-01-02","2023-12-29",361,"MS.SVS.DAEVS.CGLAB","1252/2022",null,"2023-03-01","Material",6550,"SUBSTÂNCIAS PARA DIAGNÓSTICO \"IN VITRO\",  REAGENTES,  CONJUNTOS E JOGOS PARA TESTE",15618,"CONJUNTO PARA ANÁLISE",477119,"COMPONENTES 1: MISTURA P/ REAÇÃO DE RNA VIRAL, 4X, TAMPÕES, CARACTERÍSTICAS ADICIONAIS 1: INICIADORES, RNA SINTÉTICO, COMPOSIÇÃO BÁSICA 1: PREPARO E DETECÇÃO DE RNA VIRAL, OUTROS COMPONENTES 1: CORANTE REFERÊNCIA, ÁGUA LIVRE DE RNASE, METODOLOGIA APLICADA 1: RT-PCR","TESTE",13.94,2061445,28736543.3]
["222/2022","Aprovada","MS.SVS.DAEVS.CGLAB","BENS",250005,59714187.28,"2023-01-02","2023-12-29",361,"MS.SVS.DAEVS.CGLAB","1252/2022",null,"2023-03-01","Material",6550,"SUBSTÂNCIAS PARA DIAGNÓSTICO \"IN VITRO\",  REAGENTES,  CONJUNTOS E JOGOS PARA TESTE",15618,"CONJUNTO PARA ANÁLISE",375703,"COMPONENTES: COLUNAS DE CENTRIFUGAÇÃO, TUBOS DE COLETA, APLICAÇÃO: EXTRAÇÃO DE RNA VIRAL DE FLUIDOS CORPORAIS, OUTROS COMPONENTES: SOLUÇÕES TAMPÃO, RNA CARREADOR","TESTE",22.33,1341500,29955695]
["222/2022","Aprovada","MS.SVS.DAEVS.CGLAB","BENS",250005,59714187.28,"2023-01-02","2023-12-29",361,"MS.SVS.DAEVS.CGLAB","1252/2022",null,"2023-03-01","Material",6550,"SUBSTÂNCIAS PARA DIAGNÓSTICO \"IN VITRO\",  REAGENTES,  CONJUNTOS E JOGOS PARA TESTE",15618,"CONJUNTO PARA ANÁLISE",423990,"COMPONENTES: MISTURA REAÇÃO, TAQ POLIMERASE, APLICAÇÃO: PARA PCR EM TEMPO REAL, OUTROS COMPONENTES: CORANTE CIANINA, CORANTE REFERÊNCIA, CARACTERÍSTICAS ADICIONAIS: DNTPS, SOLUÇÕES TAMPÃO, 2X","TESTE",5.76,79440,457574.4]
["222/2022","Aprovada","MS.SVS.DAEVS.CGLAB","BENS",250005,59714187.28,"2023-01-02","2023-12-29",361,"MS.SVS.DAEVS.CGLAB","1252/2022",null,"2023-03-01","Material",6550,"SUBSTÂNCIAS PARA DIAGNÓSTICO \"IN VITRO\",  REAGENTES,  CONJUNTOS E JOGOS PARA TESTE",15618,"CONJUNTO PARA ANÁLISE",422239,"COMPONENTES: SOLUÇÕES LISE, SOLUÇÕES TAMPÃO, RNASE A, APLICAÇÃO: EXTRAÇÃO DNA GENÔMICO SANGUE, TECIDOS, BACTÉRIAS, COMPONENTES ADICIONAIS: PROTEINASE K, TUBOS DE CENTRIFUGAÇÃO E COLETA","TESTE",10.57,53394,564374.58]
["223/2022","Aprovada","MS.SVS.DAEVS.CGLAB","BENS",250005,7649613,"2023-01-02","2023-12-29",361,"MS.SVS.DAEVS.CGLAB","1251/2022",null,"2023-03-01","Material",6550,"SUBSTÂNCIAS PARA DIAGNÓSTICO \"IN VITRO\",  REAGENTES,  CONJUNTOS E JOGOS PARA TESTE",18549,"OLIGONUCLEOTÍDEOS",419075,"APLICAÇÃO: REAÇÃO DE PCR, ESCALA: ESCALA 250 NMOL, CARACTERÍSTICAS ADICIONAIS: ESPECIALMENTE PREPARADO","UN",1893,4041,7649613]
["224/2022","Aprovada","MS.SVS.DAEVS.CGLAB","BENS",250005,24000,"2023-01-02","2023-12-29",361,"MS.SVS.DAEVS.CGLAB","1250/2022",null,"2023-03-01","Material",6550,"SUBSTÂNCIAS PARA DIAGNÓSTICO \"IN VITRO\",  REAGENTES,  CONJUNTOS E JOGOS PARA TESTE",18549,"OLIGONUCLEOTÍDEOS",354229,"APLICAÇÃO: REAÇÃO DE PCR, CARACTERÍSTICA ADICIONAIS: ESCALA 25 NMOL, CARACTERÍSTICAS ADICIONAIS: ESPECIALMENTE PREPARADO","UN",100,240,24000]
["225/2022","Aprovada","MS.SVS.DAEVS.CGLAB","BENS",250005,993173.16,"2023-01-02","2023-12-29",361,"MS.SVS.DAEVS.CGLAB","1249/2022",null,"2023-03-01","Material",6550,"SUBSTÂNCIAS PARA DIAGNÓSTICO \"IN VITRO\",  REAGENTES,  CONJUNTOS E JOGOS PARA TESTE",18549,"OLIGONUCLEOTÍDEOS",354228,"APLICAÇÃO: REAÇÃO DE PCR, CARACTERÍSTICA ADICIONAIS: ESCALA 200 NMOL, CARACTERÍSTICAS ADICIONAIS: ESPECIALMENTE PREPARADO","UN",705.88,1407,993173.16]
["226/2022","Aprovada","MS.SVS.DAEVS.CGLAB","BENS",250005,162615,"2023-01-02","2023-12-29",361,"MS.SVS.DAEVS.CGLAB","1246/2022",null,"2023-03-01","Material",6550,"SUBSTÂNCIAS PARA DIAGNÓSTICO \"IN VITRO\",  REAGENTES,  CONJUNTOS E JOGOS PARA TESTE",18549,"OLIGONUCLEOTÍDEOS",354228,"APLICAÇÃO: REAÇÃO DE PCR, CARACTERÍSTICA ADICIONAIS: ESCALA 200 NMOL, CARACTERÍSTICAS ADICIONAIS: ESPECIALMENTE PREPARADO","UN",293,555,162615]
["227/2022","Aprovada","MS.SVS.DAEVS.CGLAB","BENS",250005,69720.48,"2023-01-02","2023-12-29",361,"MS.SVS.DAEVS.CGLAB","1245/2022",null,"2023-03-01","Material",6550,"SUBSTÂNCIAS PARA DIAGNÓSTICO \"IN VITRO\",  REAGENTES,  CONJUNTOS E JOGOS PARA TESTE",18549,"OLIGONUCLEOTÍDEOS",354228,"APLICAÇÃO: REAÇÃO DE PCR, CARACTERÍSTICA ADICIONAIS: ESCALA 200 NMOL, CARACTERÍSTICAS ADICIONAIS: ESPECIALMENTE PREPARADO","UN",645.56,108,69720.48]
["228/2022","Aprovada","MS.SVS.DAEVS.CGLAB","BENS",250005,696441.6,"2023-01-02","2023-12-29",361,"MS.SVS.DAEVS.CGLAB","1200/2022",null,"2023-03-01","Material",6550,"SUBSTÂNCIAS PARA DIAGNÓSTICO \"IN VITRO\",  REAGENTES,  CONJUNTOS E JOGOS PARA TESTE",19027,"REAGENTE PARA DIAGNÓSTICO CLÍNICO 6",335447,"MÉTODO: ELISA, TIPO DE ANÁLISE: QUALITATIVO DE ROTAVÍRUS, TIPO: CONJUNTO COMPLETO PARA AUTOMAÇÃO, CARACTERÍSTICAS ADICIONAIS: EM AMOSTRAS FECAIS, APRESENTAÇÃO: TESTE","TESTE",32.1,21696,696441.6]
["229/2022","Aprovada","MS.SVS.DAEVS.CGLAB","BENS",250005,457730000,"2023-01-02","2023-12-29",361,"MS.SVS.DAEVS.CGLAB","1199/2022",null,"2023-03-01","Material",6550,"SUBSTÂNCIAS PARA DIAGNÓSTICO \"IN VITRO\",  REAGENTES,  CONJUNTOS E JOGOS PARA TESTE",19105,"REAGENTE PARA DIAGNÓSTICO CLÍNICO 7",483823,"APRESENTAÇÃO*: TESTE, TIPO DE ANÁLISE*: QUALITATIVO SARS-COV-2, INFLUENZA A/B, MÉTODO*: RT-PCR TEMPO REAL, TIPO: CONJUNTO COMPLETO PARA AUTOMAÇÃO","TESTE",35.21,13000000,457730000]
["230/2022","Aprovada","MS.SVS.DAEVS.CGLAB","BENS",250005,1426059,"2023-01-02","2023-12-29",361,"MS.SVS.DAEVS.CGLAB","1198/2022",null,"2023-03-01","Material",6550,"SUBSTÂNCIAS PARA DIAGNÓSTICO \"IN VITRO\",  REAGENTES,  CONJUNTOS E JOGOS PARA TESTE",5778,"REAGENTE PARA DIAGNÓSTICO CLÍNICO 1",435681,"MÉTODO: ELISA, TIPO DE ANÁLISE: QUANTITATIVO DE ANTI CHIKUNGUNYA VÍRUS IGM, TIPO: CONJUNTO COMPLETO, APRESENTAÇÃO: TESTE","TESTE",5.5,216162,1188891]
["230/2022","Aprovada","MS.SVS.DAEVS.CGLAB","BENS",250005,1426059,"2023-01-02","2023-12-29",361,"MS.SVS.DAEVS.CGLAB","1198/2022",null,"2023-03-01","Material",6550,"SUBSTÂNCIAS PARA DIAGNÓSTICO \"IN VITRO\",  REAGENTES,  CONJUNTOS E JOGOS PARA TESTE",5778,"REAGENTE PARA DIAGNÓSTICO CLÍNICO 1",436329,"MÉTODO: ELISA, TIPO DE ANÁLISE: QUANTITATIVO DE ANTI CHIKUNGUNYA VÍRUS IGG, TIPO: CONJUNTO COMPLETO, APRESENTAÇÃO: TESTE","TESTE",4.5,52704,237168]
["231/2022","Aprovada","MS.SVS.DAEVS.CGLAB","BENS",250005,799466.88,"2023-01-02","2023-12-29",361,"MS.SVS.DAEVS.CGLAB","1197/2022",null,"2023-03-01","Material",6550,"SUBSTÂNCIAS PARA DIAGNÓSTICO \"IN VITRO\",  REAGENTES,  CONJUNTOS E JOGOS PARA TESTE",5778,"REAGENTE PARA DIAGNÓSTICO CLÍNICO 1",436740,"MÉTODO: ELISA, TIPO DE ANÁLISE: QUANTITATIVO ANTI ZIKA VÍRUS IGM, TIPO: CONJUNTO COMPLETO, APRESENTAÇÃO: TESTE","TESTE",7.15,76224,545001.6]
["231/2022","Aprovada","MS.SVS.DAEVS.CGLAB","BENS",250005,799466.88,"2023-01-02","2023-12-29",361,"MS.SVS.DAEVS.CGLAB","1197/2022",null,"2023-03-01","Material",6550,"SUBSTÂNCIAS PARA DIAGNÓSTICO \"IN VITRO\",  REAGENTES,  CONJUNTOS E JOGOS PARA TESTE",5778,"REAGENTE PARA DIAGNÓSTICO CLÍNICO 1",436739,"MÉTODO: ELISA, TIPO DE ANÁLISE: QUANTITATIVO ANTI ZIKA VÍRUS IGG, TIPO: CONJUNTO COMPLETO, APRESENTAÇÃO: TESTE","TESTE",5.97,42624,254465.28]
["232/2022","Aprovada","MS.SVS.DAEVS.CGLAB","BENS",250005,2564722.64,"2023-01-02","2023-12-29",361,"MS.SVS.DAEVS.CGLAB","1195/2022",null,"2023-03-01","Material",6550,"SUBSTÂNCIAS PARA DIAGNÓSTICO \"IN VITRO\",  REAGENTES,  CONJUNTOS E JOGOS PARA TESTE",11426,"REAGENTE PARA DIAGNÓSTICO CLÍNICO 3",360150,"MÉTODO: ELISA, TIPO DE ANÁLISE: QUALITATIVO ANTÍGENO NS1 DE DENGUE VÍRUS, TIPO: CONJUNTO COMPLETO, APRESENTAÇÃO: TESTE","TESTE",7.15,87840,628056]
["232/2022","Aprovada","MS.SVS.DAEVS.CGLAB","BENS",250005,2564722.64,"2023-01-02","2023-12-29",361,"MS.SVS.DAEVS.CGLAB","1195/2022",null,"2023-03-01","Material",6550,"SUBSTÂNCIAS PARA DIAGNÓSTICO \"IN VITRO\",  REAGENTES,  CONJUNTOS E JOGOS PARA TESTE",19027,"REAGENTE PARA DIAGNÓSTICO CLÍNICO 6",336500,"MÉTODO: ELISA, TIPO DE ANÁLISE: QUANTITATIVO DE ANTI DENGUE VÍRUS IGM, TIPO: CONJUNTO COMPLETO PARA AUTOMAÇÃO, APRESENTAÇÃO: TESTE","TESTE",4.24,456761,1936666.64]
["233/2022","Aprovada","MS.SVS.DAEVS.CGLAB","BENS",250005,10437292.8,"2023-01-02","2023-12-29",361,"MS.SVS.DAEVS.CGLAB","1194/2022",null,"2023-03-01","Material",6550,"SUBSTÂNCIAS PARA DIAGNÓSTICO \"IN VITRO\",  REAGENTES,  CONJUNTOS E JOGOS PARA TESTE",5778,"REAGENTE PARA DIAGNÓSTICO CLÍNICO 1",483346,"CARACTERÍSTICAS ADICIONAIS 1: DENGUE SOROTIPO (1 A 4), TIPO DE ANÁLISE 1: QUALITATIVO RNA VÍRUS ZICA, DENGUE, CHIKUNGUNYA, APRESENTAÇÃO 1: TESTE, MÉTODO 1: RT-PCR EM TEMPO REAL, TIPO: CONJUNTO COMPLETO","TESTE",83.6,124848,10437292.8]
["234/2022","Aprovada","MS.SVS.DAEVS.CGLAB","BENS",250005,163020.48,"2023-01-02","2023-12-29",361,"MS.SVS.DAEVS.CGLAB","1193/2022",null,"2023-03-01","Material",6550,"SUBSTÂNCIAS PARA DIAGNÓSTICO \"IN VITRO\",  REAGENTES,  CONJUNTOS E JOGOS PARA TESTE",19027,"REAGENTE PARA DIAGNÓSTICO CLÍNICO 6",336504,"MÉTODO: ELISA, TIPO DE ANÁLISE: QUANTITATIVO DE ANTI RUBÉOLA VÍRUS IGM, TIPO: CONJUNTO COMPLETO PARA AUTOMAÇÃO, APRESENTAÇÃO: TESTE","TESTE",2.36,35904,84733.44]
["234/2022","Aprovada","MS.SVS.DAEVS.CGLAB","BENS",250005,163020.48,"2023-01-02","2023-12-29",361,"MS.SVS.DAEVS.CGLAB","1193/2022",null,"2023-03-01","Material",6550,"SUBSTÂNCIAS PARA DIAGNÓSTICO \"IN VITRO\",  REAGENTES,  CONJUNTOS E JOGOS PARA TESTE",19027,"REAGENTE PARA DIAGNÓSTICO CLÍNICO 6",336503,"MÉTODO: ELISA, TIPO DE ANÁLISE: QUANTITATIVO DE ANTI RUBÉOLA VÍRUS IGG, TIPO: CONJUNTO COMPLETO PARA AUTOMAÇÃO, APRESENTAÇÃO: TESTE","TESTE",2.21,35424,78287.04]
["235/2022","Aprovada","MS.SVS.DAEVS.CGLAB","BENS",250005,784425.6,"2023-01-02","2023-12-29",361,"MS.SVS.DAEVS.CGLAB","1192/2022",null,"2023-03-01","Material",6550,"SUBSTÂNCIAS PARA DIAGNÓSTICO \"IN VITRO\",  REAGENTES,  CONJUNTOS E JOGOS PARA TESTE",19027,"REAGENTE PARA DIAGNÓSTICO CLÍNICO 6",336506,"MÉTODO: ELISA, TIPO DE ANÁLISE: QUANTITATIVO DE ANTI SARAMPO VÍRUS IGM, TIPO: CONJUNTO COMPLETO PARA AUTOMAÇÃO, APRESENTAÇÃO: TESTE","TESTE",3.58,112320,402105.6]
["235/2022","Aprovada","MS.SVS.DAEVS.CGLAB","BENS",250005,784425.6,"2023-01-02","2023-12-29",361,"MS.SVS.DAEVS.CGLAB","1192/2022",null,"2023-03-01","Material",6550,"SUBSTÂNCIAS PARA DIAGNÓSTICO \"IN VITRO\",  REAGENTES,  CONJUNTOS E JOGOS PARA TESTE",19027,"REAGENTE PARA DIAGNÓSTICO CLÍNICO 6",336505,"MÉTODO: ELISA, TIPO DE ANÁLISE: QUANTITATIVO DE ANTI SARAMPO VÍRUS IGG, TIPO: CONJUNTO COMPLETO PARA AUTOMAÇÃO, APRESENTAÇÃO: TESTE","TESTE",4.5,84960,382320]
["236/2022","Aprovada","MS.SVS.DAEVS.CGLAB","BENS",250005,884902.7,"2023-01-02","2023-12-29",361,"MS.SVS.DAEVS.CGLAB","1173/2022",null,"2023-03-01","Material",6550,"SUBSTÂNCIAS PARA DIAGNÓSTICO \"IN VITRO\",  REAGENTES,  CONJUNTOS E JOGOS PARA TESTE",14801,"REAGENTE ANALÍTICO 4",403480,"CARACTERÍSTICA ADICIONAL: IMUNOCROMATOGRAFIA, ADICIONAL: HUMANA, TIPO DE ANÁLISE: QUALITATIVO ANTI LEISHMANIA DONOVANI, APRESENTAÇÃO*: TESTE, TIPO: CONJUNTO COMPLETO","TESTE",11.98,73865,884902.7]
["237/2022","Aprovada","MS.SVS.DCCI.CGAHV","BENS",250005,6248286,"2023-01-02","2023-12-29",361,"MS.SVS.DCCI.CGAHV","131/2022",null,"2023-01-31","Material",6550,"SUBSTÂNCIAS PARA DIAGNÓSTICO \"IN VITRO\",  REAGENTES,  CONJUNTOS E JOGOS PARA TESTE",5778,"REAGENTE PARA DIAGNÓSTICO CLÍNICO 1",480481,"TIPO DE ANÁLISE 1: QUALITATIVO DE CRYPTOCOCCUS SP, APRESENTAÇÃO 1: TESTE, MÉTODO 1: IMUNOCROMATOGRAFIA, TIPO: CONJUNTO COMPLETO","TESTE",88.44,70650,6248286]
["238/2022","Aprovada","MS.SVS.DCCI.CGAHV","BENS",250005,4200000,"2023-01-02","2023-12-29",361,"MS.SVS.DCCI.CGAHV","130/2022",null,"2023-01-31","Material",6550,"SUBSTÂNCIAS PARA DIAGNÓSTICO \"IN VITRO\",  REAGENTES,  CONJUNTOS E JOGOS PARA TESTE",5778,"REAGENTE PARA DIAGNÓSTICO CLÍNICO 1",484133,"TIPO DE ANÁLISE 1: QUALITATIVO DE ANTI MYCOBACTERIUM LEPRAE IGM, APRESENTAÇÃO 1: TESTE, MÉTODO 1: IMUNOCROMATOGRAFIA, TIPO: CONJUNTO COMPLETO","TESTE",28,150000,4200000]
["239/2022","Aprovada","MS.SVS.DCCI.CGAHV","BENS",250005,1647712,"2023-01-02","2023-12-29",361,"MS.SVS.DCCI.CGAHV","129/2022",null,"2023-01-31","Material",6550,"SUBSTÂNCIAS PARA DIAGNÓSTICO \"IN VITRO\",  REAGENTES,  CONJUNTOS E JOGOS PARA TESTE",17555,"PADRÃO REFERÊNCIA 1",442237,"TIPO**: FÓRMULA INFANTIL À BASE DE LEITE, APRESENTAÇÃO**: PÓ","G",0.04,41192800,1647712]
["240/2022","Aprovada","MS.SVS.DCCI.CGAHV","BENS",250005,1434000,"2023-01-02","2023-12-29",361,"MS.SVS.DCCI.CGAHV","128/2022",null,"2023-01-31","Material",6550,"SUBSTÂNCIAS PARA DIAGNÓSTICO \"IN VITRO\",  REAGENTES,  CONJUNTOS E JOGOS PARA TESTE",19105,"REAGENTE PARA DIAGNÓSTICO CLÍNICO 7",479150,"TIPO*: CONJUNTO COMPLETO, APRESENTAÇÃO*: TESTE, TIPO DE ANÁLISE*: QUALITATIVO ANTÍGENO LIPOARABINOMANANO (LAM), MÉTODO*: IMUNOCROMATOGRAFIA","TESTE",30,47800,1434000]
["241/2022","Aprovada","MS.SVS.DCCI.CGAHV","BENS",250005,11400000,"2023-01-02","2023-12-29",361,"MS.SVS.DCCI.CGAHV","127/2022",null,"2023-01-31","Material",6550,"SUBSTÂNCIAS PARA DIAGNÓSTICO \"IN VITRO\",  REAGENTES,  CONJUNTOS E JOGOS PARA TESTE",19027,"REAGENTE PARA DIAGNÓSTICO CLÍNICO 6",466098,"MÉTODO: IMUNOCROMATOGRAFIA, TIPO DE ANÁLISE: QUANTITATIVO DE HIV I E II, TIPO: CONJUNTO COMPLETO, APRESENTAÇÃO: AUTOTESTE","TESTE",19,600000,11400000]
["242/2022","Aprovada","MS.SVS.DCCI.CGAHV","BENS",250005,1205100,"2023-01-02","2023-12-29",361,"MS.SVS.DCCI.CGAHV","126/2022",null,"2023-01-31","Material",6550,"SUBSTÂNCIAS PARA DIAGNÓSTICO \"IN VITRO\",  REAGENTES,  CONJUNTOS E JOGOS PARA TESTE",19105,"REAGENTE PARA DIAGNÓSTICO CLÍNICO 7",464032,"TIPO*: CONJUNTO COMPLETO PARA AUTOMAÇÃO, APRESENTAÇÃO*: TESTE, TIPO DE ANÁLISE*: QUANTITATIVO DNA VIRAL HBV, MÉTODO*: RT-PCR TEMPO REAL, COMPONENTES ADICIONAIS 1: COMPATÍVEL C/ PREPARO E ANÁLISE EM CARTUCHOS","TESTE",160.68,7500,1205100]
["243/2022","Aprovada","MS.SVS.DCCI.CGAHV","BENS",250005,23680000,"2023-01-02","2023-12-29",361,"MS.SVS.DCCI.CGAHV","125/2022",null,"2023-01-31","Material",6550,"SUBSTÂNCIAS PARA DIAGNÓSTICO \"IN VITRO\",  REAGENTES,  CONJUNTOS E JOGOS PARA TESTE",19105,"REAGENTE PARA DIAGNÓSTICO CLÍNICO 7",357783,"MÉTODO: IMUNOCROMATOGRAFIA, TIPO DE ANÁLISE: QUALITATIVO DE ANTI-HCV, TIPO: CONJUNTO COMPLETO, APRESENTAÇÃO: TESTE","TESTE",1.48,16000000,23680000]
["244/2022","Aprovada","MS.SVS.DCCI.CGAHV","BENS",250005,24784000,"2023-01-02","2023-12-29",361,"MS.SVS.DCCI.CGAHV","124/2022",null,"2023-01-31","Material",6550,"SUBSTÂNCIAS PARA DIAGNÓSTICO \"IN VITRO\",  REAGENTES,  CONJUNTOS E JOGOS PARA TESTE",19105,"REAGENTE PARA DIAGNÓSTICO CLÍNICO 7",368252,"MÉTODO: IMUNOCROMATOGRAFIA, TIPO DE ANÁLISE: QUALITATIVO HBSAG, TIPO: CONJUNTO COMPLETO, APRESENTAÇÃO: TESTE","TESTE",1.549,16000000,24784000]
["245/2022","Aprovada","MS.SVS.DCCI.CGAHV","BENS",250005,2250000,"2023-01-02","2023-12-29",361,"MS.SVS.DCCI.CGAHV","123/2022",null,"2023-01-31","Material",6550,"SUBSTÂNCIAS PARA DIAGNÓSTICO \"IN VITRO\",  REAGENTES,  CONJUNTOS E JOGOS PARA TESTE",19027,"REAGENTE PARA DIAGNÓSTICO CLÍNICO 6",403943,"MÉTODO: IMUNOBLOT, TIPO DE ANÁLISE: QUALITATIVO DE HIV I E II, TIPO: CONJUNTO COMPLETO, APRESENTAÇÃO: TESTE","TESTE",45,50000,2250000]
["246/2022","Aprovada","MS.SVS.DCCI.CGAHV","BENS",250005,423000,"2023-01-02","2023-12-29",361,"MS.SVS.DCCI.CGAHV","122/2022",null,"2023-01-31","Material",6550,"SUBSTÂNCIAS PARA DIAGNÓSTICO \"IN VITRO\",  REAGENTES,  CONJUNTOS E JOGOS PARA TESTE",19027,"REAGENTE PARA DIAGNÓSTICO CLÍNICO 6",430725,"MÉTODO: IMUNOCROMATOGRAFIA, TIPO DE ANÁLISE: QUALITATIVO DE HIV I E II, TIPO: CONJUNTO COMPLETO, CARACTERÍSTICAS ADICIONAIS: COMPATÍVEL COM AMOSTRAS DE FLUIDO ORAL, APRESENTAÇÃO: TESTE","TESTE",8.46,50000,423000]
["247/2022","Aprovada","MS.SVS.DCCI.CGAHV","BENS",250005,35370000,"2023-01-02","2023-12-29",361,"MS.SVS.DCCI.CGAHV","121/2022",null,"2023-01-31","Material",6550,"SUBSTÂNCIAS PARA DIAGNÓSTICO \"IN VITRO\",  REAGENTES,  CONJUNTOS E JOGOS PARA TESTE",19027,"REAGENTE PARA DIAGNÓSTICO CLÍNICO 6",403893,"MÉTODO: IMUNOCROMATOGRAFIA, TIPO DE ANÁLISE: QUALITATIVO DE HIV I E II, TIPO: CONJUNTO COMPLETO, CARACTERÍSTICAS ADICIONAIS: DUPLO PERCURSO, APRESENTAÇÃO: TESTE","TESTE",11.79,3000000,35370000]
["248/2022","Aprovada","MS.SVS.DCCI.CGAHV","BENS",250005,21472000,"2023-01-02","2023-12-29",361,"MS.SVS.DCCI.CGAHV","120/2022",null,"2023-01-31","Material",6550,"SUBSTÂNCIAS PARA DIAGNÓSTICO \"IN VITRO\",  REAGENTES,  CONJUNTOS E JOGOS PARA TESTE",19027,"REAGENTE PARA DIAGNÓSTICO CLÍNICO 6",334484,"MÉTODO: IMUNOCROMATOGRAFIA, TIPO DE ANÁLISE: QUALITATIVO DE HIV I E II, TIPO: CONJUNTO COMPLETO, APRESENTAÇÃO: TESTE","TESTE",1.342,16000000,21472000]
["249/2022","Aprovada","MS.SVS.DCCI.CGAHV","BENS",250005,4820400,"2023-01-02","2023-12-29",361,"MS.SVS.DCCI.CGAHV","119/2022",null,"2023-01-31","Material",6550,"SUBSTÂNCIAS PARA DIAGNÓSTICO \"IN VITRO\",  REAGENTES,  CONJUNTOS E JOGOS PARA TESTE",19105,"REAGENTE PARA DIAGNÓSTICO CLÍNICO 7",442763,"MÉTODO: RT-PCR TEMPO REAL, ADICIONAL: COMPATÍVEL C/ PREPARO E ANÁLISE EM CARTUCHOS, TIPO DE ANÁLISE: QUANTITATIVO RNA VIRAL HIV I, TIPO: CONJUNTO COMPLETO PARA AUTOMAÇÃO, APRESENTAÇÃO: TESTE","TESTE",160.68,30000,4820400]
["250/2022","Aprovada","MS.SVS.DCCI.CGAHV","BENS",250005,883740,"2023-01-02","2023-12-29",361,"MS.SVS.DCCI.CGAHV","118/2022",null,"2023-01-31","Material",6550,"SUBSTÂNCIAS PARA DIAGNÓSTICO \"IN VITRO\",  REAGENTES,  CONJUNTOS E JOGOS PARA TESTE",19105,"REAGENTE PARA DIAGNÓSTICO CLÍNICO 7",442764,"TIPO*: CONJUNTO COMPLETO PARA AUTOMAÇÃO, APRESENTAÇÃO*: TESTE, TIPO DE ANÁLISE*: QUANTITATIVO RNA VIRAL HCV, MÉTODO*: RT-PCR TEMPO REAL, COMPONENTES ADICIONAIS 1: COMPATÍVEL C/ PREPARO E ANÁLISE EM CARTUCHOS","TESTE",160.68,5500,883740]
["251/2022","Aprovada","MS.SVS.DCCI.CGAHV","BENS",250005,37400000,"2023-01-02","2023-12-29",361,"MS.SVS.DCCI.CGAHV","117/2022",null,"2023-01-31","Material",6550,"SUBSTÂNCIAS PARA DIAGNÓSTICO \"IN VITRO\",  REAGENTES,  CONJUNTOS E JOGOS PARA TESTE",19027,"REAGENTE PARA DIAGNÓSTICO CLÍNICO 6",455634,"TIPO 1: CONJUNTO COMPLETO, TIPO DE ANÁLISE 1: QUALITATIVO ANTICORPOS ANTI T. PALLIDUM E HIV I/II, APRESENTAÇÃO 1: TESTE, MÉTODO 1: IMUNOCROMATOGRAFIA","TESTE",9.35,4000000,37400000]
["252/2022","Aprovada","MS.SVS.DCCI.CGAHV","BENS",250005,24300000,"2023-01-02","2023-12-29",361,"MS.SVS.DCCI.CGAHV","116/2022",null,"2023-01-31","Material",6550,"SUBSTÂNCIAS PARA DIAGNÓSTICO \"IN VITRO\",  REAGENTES,  CONJUNTOS E JOGOS PARA TESTE",19027,"REAGENTE PARA DIAGNÓSTICO CLÍNICO 6",361446,"MÉTODO: IMUNOCROMATOGRAFIA, TIPO DE ANÁLISE: QUALITATIVO DE ANTICORPOS ANTI-TREPONEMA PALLIDUM, TIPO: CONJUNTO COMPLETO, APRESENTAÇÃO: TESTE","UN",1.35,18000000,24300000]
["253/2022","Aprovada","MS.SVS.DEIDT.CGPNI","BENS",250005,640000000,"2023-01-02","2023-12-29",361,"MS.SVS.DEIDT.CGPNI","42/2022",null,"2023-02-28","Material",6550,"SUBSTÂNCIAS PARA DIAGNÓSTICO \"IN VITRO\",  REAGENTES,  CONJUNTOS E JOGOS PARA TESTE",19105,"REAGENTE PARA DIAGNÓSTICO CLÍNICO 7",467047,"APRESENTAÇÃO*: TESTE, TIPO DE ANÁLISE*: QUALITATIVO ANTÍGENO CORONAVÍRUS COVID-19, MÉTODO*: IMUNOCROMATOGRAFIA, TIPO: CONJUNTO COMPLETO","UN",20,32000000,640000000]
["254/2022","Aprovada","MS.SVS.DAEVS.CGLAB","BENS",250005,149783.04,"2023-01-02","2023-12-29",361,"MS.SVS.DAEVS.CGLAB","15/2022",null,"2023-02-01","Material",6550,"SUBSTÂNCIAS PARA DIAGNÓSTICO \"IN VITRO\",  REAGENTES,  CONJUNTOS E JOGOS PARA TESTE",19105,"REAGENTE PARA DIAGNÓSTICO CLÍNICO 7",350206,"MÉTODO: ELISA, TIPO DE ANÁLISE: QUALITATIVO DE ANTI TRYPANOSSOMA CRUZY, TIPO: CONJUNTO COMPLETO PARA AUTOMAÇÃO, APRESENTAÇÃO: TESTE","TESTE",1.97,76032,149783.04]
["255/2022","Aprovada","MS.SVS.DEIDT.CGPNI","BENS",250005,922950,"2023-01-02","2023-12-29",361,"MS.SVS.DEIDT.CGPNI","1294/2022",null,"2023-01-01","Material",6505,"DROGAS E MEDICAMENTOS",1289,"SORO",348669,"TIPO: ANTI-ELAPÍDICO, CONCENTRAÇÃO: 1,5, FORMA FARMACÊUTICA: SOLUÇÃO INJETÁVEL","FR-AM",131.85,7000,922950]
["256/2022","Aprovada","MS.SVS.DEIDT.CGPNI","BENS",250005,8270100,"2023-01-02","2023-12-29",361,"MS.SVS.DEIDT.CGPNI","1293/2022",null,"2023-01-01","Material",6505,"DROGAS E MEDICAMENTOS",1289,"SORO",394807,"TIPO: ANTIESCORPIÔNICO, CONCENTRAÇÃO: 1, FORMA FARMACÊUTICA: SOLUÇÃO INJETÁVEL","FR-AM",91.89,90000,8270100]
["257/2022","Aprovada","MS.SVS.DEIDT.CGPNI","BENS",250005,1021150,"2023-01-02","2023-12-29",361,"MS.SVS.DEIDT.CGPNI","1292/2022",null,"2023-01-01","Material",6505,"DROGAS E MEDICAMENTOS",1289,"SORO",394809,"TIPO: ANTILONÔMICO, CONCENTRAÇÃO: 3,5, FORMA FARMACÊUTICA: SOLUÇÃO INJETÁVEL","FR-AM",204.23,5000,1021150]
["258/2022","Aprovada","MS.SVS.DEIDT.CGPNI","BENS",250005,609634,"2023-01-02","2023-12-29",361,"MS.SVS.DEIDT.CGPNI","1291/2022",null,"2023-01-01","Material",6505,"DROGAS E MEDICAMENTOS",1289,"SORO",365018,"FORMA FARMACÊUTICA: SOLUÇÃO INJETÁVEL, TIPO: ANTI-BOTULÍNICO AB, CONCENTRAÇÃO: 375 UI + 275","FR-AM",3048.17,200,609634]
["259/2022","Aprovada","MS.SCTIE.DAF.CGAFME","BENS",250005,132500000,"2023-01-02","2023-12-29",361,"MS.SCTIE.DAF.CGAFME","1290/2022",null,"2023-05-30","Material",6505,"DROGAS E MEDICAMENTOS",30031,"NIRMATRELVIR",485448,"COMPOSIÇÃO: ASSOCIADO AO RITONAVIR, CONCENTRAÇÃO: 150 MG + 100","COMPR",1325,100000,132500000]
["260/2022","Aprovada","MS.SCTIE.DAF.CGAFME","BENS",250005,540312.5,"2023-01-02","2023-12-29",361,"MS.SCTIE.DAF.CGAFME","1287/2022",null,"2023-02-28","Material",6505,"DROGAS E MEDICAMENTOS",1930,"FOLINATO DE CÁLCIO",268292,"DOSAGEM: 15","COMPR",1.33,406250,540312.5]
["261/2022","Aprovada","MS.SCTIE.DAF.CGAFME","BENS",250005,3591597.04,"2023-01-02","2023-12-29",361,"MS.SCTIE.DAF.CGAFME","1286/2022",null,"2023-07-30","Material",6505,"DROGAS E MEDICAMENTOS",15247,"RETINOL",329507,"CONCENTRAÇÃO: 100.000 UI","CAPS",0.3523,1625496,572662.24]
["261/2022","Aprovada","MS.SCTIE.DAF.CGAFME","BENS",250005,3591597.04,"2023-01-02","2023-12-29",361,"MS.SCTIE.DAF.CGAFME","1286/2022",null,"2023-07-30","Material",6505,"DROGAS E MEDICAMENTOS",15247,"RETINOL",329508,"CONCENTRAÇÃO: 200.000 UI","CAPS",0.7047,4284000,3018934.8]
["262/2022","Aprovada","MS.SCTIE.DAF.CGAFME","BENS",250005,3267656.1,"2023-01-02","2023-12-29",361,"MS.SCTIE.DAF.CGAFME","1285/2022",null,"2023-08-30","Material",6505,"DROGAS E MEDICAMENTOS",12502,"TALIDOMIDA",272846,"DOSAGEM: 100","COMPR",1.71,1910910,3267656.1]
["263/2022","Aprovada","MS.SCTIE.DAF.CGAFME","BENS",250005,1812195,"2023-01-02","2023-12-29",361,"MS.SCTIE.DAF.CGAFME","1284/2022",null,"2023-01-30","Material",6505,"DROGAS E MEDICAMENTOS",12320,"AMICACINA SULFATO",268381,"INDICAÇÃO: SOLUÇÃO INJETÁVEL, DOSAGEM: 250","AM",7,258885,1812195]
["264/2022","Aprovada","MS.SCTIE.DAF.CGAFME","BENS",250005,573721.5,"2023-01-02","2023-12-29",361,"MS.SCTIE.DAF.CGAFME","1280/2022",null,"2023-04-30","Material",6505,"DROGAS E MEDICAMENTOS",12314,"SULFADIAZINA",267765,"DOSAGEM: 500","COMPR",0.1914,2997500,573721.5]
["265/2022","Aprovada","MS.SCTIE.DAF.CGAFME","BENS",250005,921842.55,"2023-01-02","2023-12-29",361,"MS.SCTIE.DAF.CGAFME","1277/2022",null,"2023-01-28","Material",6505,"DROGAS E MEDICAMENTOS",11746,"RIFAMPICINA",272837,"DOSAGEM: 300","COMPR",0.4425,2083260,921842.55]
["266/2022","Aprovada","MS.SCTIE.DAF.CGAFME","BENS",250005,648450,"2023-01-02","2023-12-29",361,"MS.SCTIE.DAF.CGAFME","1274/2022",null,"2023-03-31","Material",6505,"DROGAS E MEDICAMENTOS",11146,"PRAZIQUANTEL",268954,"DOSAGEM: 600","COMPR",1.31,495000,648450]
["267/2022","Aprovada","MS.SCTIE.DAF.CGAFME","BENS",250005,35541.52,"2023-01-02","2023-12-29",361,"MS.SCTIE.DAF.CGAFME","1272/2022",null,"2023-06-30","Material",6505,"DROGAS E MEDICAMENTOS",10768,"PIRIMETAMINA",268158,"DOSAGEM: 25","COMPR",0.08,444269,35541.52]
["268/2022","Aprovada","MS.SCTIE.DAF.CGAFME","BENS",250005,181586.97,"2023-01-02","2023-12-29",361,"MS.SCTIE.DAF.CGAFME","1271/2022",null,"2023-05-30","Material",6505,"DROGAS E MEDICAMENTOS",10761,"PIRAZINAMIDA",272822,"DOSAGEM: 500","COMPR",0.2443,743295,181586.97]
["269/2022","Aprovada","MS.SCTIE.DAF.CGAFME","BENS",250005,57380.4,"2023-01-02","2023-12-29",361,"MS.SCTIE.DAF.CGAFME","1270/2022",null,"2023-05-30","Material",6505,"DROGAS E MEDICAMENTOS",10761,"PIRAZINAMIDA",466430,"FORMA FARMACEUTICA: COMPRIMIDO DISPERSÍVEL, CONCENTRAÇÃO: 150","COMPR",0.92,62370,57380.4]
["270/2022","Aprovada","MS.SCTIE.DAF.CGAFME","BENS",250005,93243.3,"2023-01-02","2023-12-29",361,"MS.SCTIE.DAF.CGAFME","1269/2022",null,"2023-08-30","Material",6505,"DROGAS E MEDICAMENTOS",10633,"PENTOXIFILINA",268159,"DOSAGEM: 400","COMPR",0.47,198390,93243.3]
["271/2022","Aprovada","MS.SCTIE.DAF.CGAFME","BENS",250005,140728634.2,"2023-01-02","2023-12-29",361,"MS.SCTIE.DAF.CGAFME","1263/2022",null,"2023-11-30","Material",6505,"DROGAS E MEDICAMENTOS",18814,"PALIVIZUMABE",446467,"FORMA FARMACÊUTICA: SOLUÇÃO INJETÁVEL, CONCENTRAÇÃO: 100","FR-AM",2173.42,64750,140728634.2]
["272/2022","Aprovada","MS.SCTIE.DAF.CGAFME","BENS",250005,233082,"2023-01-02","2023-12-29",361,"MS.SCTIE.DAF.CGAFME","1262/2022",null,"2023-03-30","Material",6505,"DROGAS E MEDICAMENTOS",10156,"OFLOXACINO",268297,"DOSAGEM: 400","COMPR",0.5067,460000,233082]
["273/2022","Aprovada","MS.SCTIE.DAF.CGAFME","BENS",250005,1031250,"2023-01-02","2023-12-29",361,"MS.SCTIE.DAF.CGAFME","1261/2022",null,"2023-10-30","Material",6505,"DROGAS E MEDICAMENTOS",14793,"NICOTINA",287481,"APLICAÇÃO: GOMA DE MASCAR, DOSAGEM NICOTINA: 2","UN",1.65,625000,1031250]
["274/2022","Aprovada","MS.SCTIE.DAF.CGAFME","BENS",250005,5920953.12,"2023-01-02","2023-12-29",361,"MS.SCTIE.DAF.CGAFME","1260/2022",null,"2023-01-31","Material",6505,"DROGAS E MEDICAMENTOS",14793,"NICOTINA",376105,"FORMA FARMACÊUTICA: ADESIVO TRANSDÉRMICO, CONCENTRAÇÃO: LIBERAÇÃO DE 7 MG EM 24 HORAS","UN",2.22,2667096,5920953.12]
["275/2022","Aprovada","MS.SCTIE.DAF.CGAFME","BENS",250005,9097282.8,"2023-01-02","2023-12-29",361,"MS.SCTIE.DAF.CGAFME","1259/2022",null,"2023-01-31","Material",6505,"DROGAS E MEDICAMENTOS",14793,"NICOTINA",376106,"FORMA FARMACÊUTICA: ADESIVO TRANSDÉRMICO, CONCENTRAÇÃO: LIBERAÇÃO DE 14 MG  EM 24 HORAS","UN",2.7,3369364,9097282.8]
["276/2022","Aprovada","MS.SCTIE.DAF.CGAFME","BENS",250005,12379536,"2023-01-02","2023-12-29",361,"MS.SCTIE.DAF.CGAFME","1258/2022",null,"2023-01-31","Material",6505,"DROGAS E MEDICAMENTOS",14793,"NICOTINA",376107,"FORMA FARMACÊUTICA: ADESIVO TRANSDÉRMICO, CONCENTRAÇÃO: LIBERAÇÃO DE 21 MG EM 24 HORAS","UN",3.12,3967800,12379536]
["277/2022","Aprovada","MS.SCTIE.DAF.CGAFME","BENS",250005,9500000,"2023-01-02","2023-12-29",361,"MS.SCTIE.DAF.CGAFME","1257/2022",null,"2023-01-31","Material",6505,"DROGAS E MEDICAMENTOS",15398,"MULTIVITAMINAS",440604,"COMPOSIÇÃO VITAMINAS: VITAMINAS A, B1, B2, B5, B6, B12, C, D3, E, COMPOSIÇÃO SAIS MINERAIS: MINERAIS: COBRE E ZINCO, ADICIONAL: ÁCIDO FÓLICO","SAC",0.095,100000000,9500000]
["278/2022","Aprovada","MS.SCTIE.DAF.CGAFME","BENS",250005,12000,"2023-01-02","2023-12-29",361,"MS.SCTIE.DAF.CGAFME","1256/2022",null,"2023-10-30","Material",6505,"DROGAS E MEDICAMENTOS",8857,"LINEZOLIDA",273413,"TIPO MEDICAMENTO: SOLUÇÃO INJETÁVEL, DOSAGEM: 2","BOL",30,400,12000]
["279/2022","Aprovada","MS.SCTIE.DAF.CGAFME","BENS",250005,148691.48,"2023-01-02","2023-12-29",361,"MS.SCTIE.DAF.CGAFME","1255/2022",null,"2023-10-30","Material",6505,"DROGAS E MEDICAMENTOS",8807,"LEVOFLOXACINO",305270,"DOSAGEM: 500","COMPR",0.49,303452,148691.48]
["280/2022","Aprovada","\tMS.SCTIE.DAF.CGAFME","BENS",250005,277200,"2023-01-02","2023-12-29",361,"MS.SCTIE.DAF.CGAFME","1254/2022",null,"2023-05-30","Material",6505,"DROGAS E MEDICAMENTOS",8514,"ITRACONAZOL",268861,"DOSAGEM: 100","CAPS",0.9,308000,277200]
["281/2022","Aprovada","MS.SCTIE.DAF.CGAFME","BENS",250005,17273780.28,"2023-01-02","2023-12-29",361,"MS.SCTIE.DAF.CGAFME","1248/2022",null,"2023-02-28","Material",6505,"DROGAS E MEDICAMENTOS",11746,"RIFAMPICINA",364037,"CARACTERÍSTICA ADICIONAL: DOSE FIXA COMBINADA 4X1, COMPOSIÇÃO: ASSOCIADA À ISONIAZIDA, PIRAZINAMIDA E ETAMBUTOL, CONCENTRAÇÃO: 150 MG + 75 MG + 400 MG + 275","COMPR",0.54,31988482,17273780.28]
["282/2022","Aprovada","MS.SCTIE.DAF.CGAFME","BENS",250005,4744638.6,"2023-01-02","2023-12-29",361,"MS.SCTIE.DAF.CGAFME","1247/2022",null,"2023-02-28","Material",6505,"DROGAS E MEDICAMENTOS",11746,"RIFAMPICINA",374155,"CARACTERÍSTICA ADICIONAL: DOSE FIXA COMBINADA 2X1, COMPOSIÇÃO: ASSOCIADA À ISONIAZIDA, CONCENTRAÇÃO: 150 MG + 75","COMPR",0.26,18248610,4744638.6]
["283/2022","Aprovada","MS.SCTIE.DAF.CGAFME","BENS",250005,362770.34,"2023-01-02","2023-12-29",361,"MS.SCTIE.DAF.CGAFME","1244/2022",null,"2023-02-28","Material",6505,"DROGAS E MEDICAMENTOS",8501,"ISONIAZIDA",387488,"CONCENTRAÇÃO: 300","COMPR",0.1938,1871880,362770.34]
["284/2022","Aprovada","MS.SCTIE.DAF.CGAFME","BENS",250005,2790958.86,"2023-01-02","2023-12-29",361,"MS.SCTIE.DAF.CGAFME","1243/2022",null,"2023-12-30","Material",6505,"DROGAS E MEDICAMENTOS",8501,"ISONIAZIDA",292205,"DOSAGEM: 100","COMPR",0.129,21635340,2790958.86]
["285/2022","Aprovada","MS.SCTIE.DAF.CGAFME","BENS",250005,480337.2,"2023-01-02","2023-12-29",361,"MS.SCTIE.DAF.CGAFME","1242/2022",null,"2023-12-30","Material",6505,"DROGAS E MEDICAMENTOS",10627,"PENTAMIDINA ISETIONATO",308874,"FORMA FARMACÊUTICA: PÓ LIÓFILO P/ INJETÁVEL, DOSAGEM: 300","FR-AM",80.0562,6000,480337.2]
["286/2022","Aprovada","MS.SCTIE.DAF.CGAFME","BENS",250005,36855000,"2023-01-02","2023-12-29",361,"MS.SCTIE.DAF.CGAFME","1240/2022",null,"2023-04-30","Material",6505,"DROGAS E MEDICAMENTOS",18689,"OSELTAMIVIR FOSFATO",306947,"CONCENTRAÇÃO: 75","CAPS",5.265,7000000,36855000]
["287/2022","Aprovada","MS.SCTIE.DAF.CGAFME","BENS",250005,2400840,"2023-01-02","2023-12-29",361,"MS.SCTIE.DAF.CGAFME","1239/2022",null,"2023-04-30","Material",6505,"DROGAS E MEDICAMENTOS",18689,"OSELTAMIVIR FOSFATO",379962,"CONCENTRAÇAO: 45","CAPS",4.0014,600000,2400840]
["288/2022","Aprovada","\tMS.SCTIE.DAF.CGAFME","BENS",250005,6086129.4,"2023-01-02","2023-12-29",361,"MS.SCTIE.DAF.CGAFME","1238/2022",null,"2023-04-30","Material",6505,"DROGAS E MEDICAMENTOS",18689,"OSELTAMIVIR FOSFATO",379902,"CONCENTRAÇAO: 30","CAPS",2.7378,2223000,6086129.4]
["289/2022","Aprovada","\tMS.SCTIE.DAF.CGAFME","BENS",250005,511852.95,"2023-01-02","2023-12-29",361,"MS.SCTIE.DAF.CGAFME","1237/2022",null,"2023-08-30","Material",6505,"DROGAS E MEDICAMENTOS",7215,"ETAMBUTOL DICLORIDRATO",299766,"DOSAGEM: 400","COMPR",0.35,1462437,511852.95]
["290/2022","Aprovada","MS.SCTIE.DAF.CGAFME","BENS",250005,11368614.4,"2023-01-02","2023-12-29",361,"MS.SCTIE.DAF.CGAFME","1236/2022",null,"2023-12-30","Material",6505,"DROGAS E MEDICAMENTOS",7021,"ESPIRAMICINA",343494,"CONCENTRAÇÃO: 1.500.000","COMPR",2.86,3975040,11368614.4]
["291/2022","Aprovada","MS.SCTIE.DAF.CGAFME","BENS",250005,200610,"2023-01-02","2023-12-29",361,"MS.SCTIE.DAF.CGAFME","1235/2022",null,"2023-08-30","Material",6505,"DROGAS E MEDICAMENTOS",6397,"DOXICICLINA",271036,"DOSAGEM: 100 MG","COMPR",0.2229,900000,200610]
["292/2022","Aprovada","MS.SCTIE.DAF.CGAFME","BENS",250005,97350,"2023-01-02","2023-12-29",361,"MS.SCTIE.DAF.CGAFME","1234/2022",null,"2023-10-30","Material",6505,"DROGAS E MEDICAMENTOS",11210,"PRIMAQUINA DIFOSFATO",272827,"DOSAGEM: 5","COMPR",0.11,885000,97350]
["293/2022","Aprovada","MS.SCTIE.DAF.CGAFME","BENS",250005,847476.12,"2023-01-02","2023-12-29",361,"MS.SCTIE.DAF.CGAFME","1233/2022",null,"2023-10-30","Material",6505,"DROGAS E MEDICAMENTOS",11210,"PRIMAQUINA DIFOSFATO",272828,"DOSAGEM: 15","COMPR",0.163,5199240,847476.12]
["294/2022","Aprovada","MS.SCTIE.DAF.CGAFME","BENS",250005,222456,"2023-01-02","2023-12-29",361,"MS.SCTIE.DAF.CGAFME","1232/2022",null,"2023-10-30","Material",6505,"DROGAS E MEDICAMENTOS",11944,"SAPROPTERINA DICLORIDRATO",396086,"FORMA FARMACÊUTICA: COMPRIMIDO SOLÚVEL, CONCENTRAÇÃO: 100","COMPR",92.69,2400,222456]
["295/2022","Aprovada","MS.SCTIE.DAF.CGAFME","BENS",250005,842898.47,"2023-01-02","2023-12-29",361,"MS.SCTIE.DAF.CGAFME","1231/2022",null,"2023-02-28","Material",6505,"DROGAS E MEDICAMENTOS",19890,"DELAMANIDA",475936,"CONCENTRAÇÃO: 50","COMPR",15.7669,53460,842898.47]
["296/2022","Aprovada","MS.SCTIE.DAF.CGAFME","BENS",250005,192510,"2023-01-02","2023-12-29",361,"MS.SCTIE.DAF.CGAFME","1230/2022",null,"2023-05-30","Material",6505,"DROGAS E MEDICAMENTOS",5272,"CLOROQUINA",272780,"DOSAGEM: 150","COMPR",0.069,2790000,192510]
["297/2022","Aprovada","MS.SCTIE.DAF.CGAFME","BENS",250005,64081.5,"2023-01-02","2023-12-29",361,"MS.SCTIE.DAF.CGAFME","1229/2022",null,"2023-05-30","Material",6505,"DROGAS E MEDICAMENTOS",6078,"PIRIDOXINA",448583,"COMPOSIÇÃO: CLORIDRATO, CONCENTRAÇÃO: 50","COMPR",0.1,640815,64081.5]
["298/2022","Aprovada","MS.SCTIE.DAF.CGAFME","BENS",250005,475898.5,"2023-01-02","2023-12-29",361,"MS.SCTIE.DAF.CGAFME","1228/2022",null,"2023-02-28","Material",6505,"DROGAS E MEDICAMENTOS",15654,"MOXIFLOXACINO",273450,"DOSAGEM: 400","COMPR",4.7,101255,475898.5]
["299/2022","Aprovada","MS.SCTIE.DAF.CGAFME","BENS",250005,134064.8,"2023-01-02","2023-12-29",361,"MS.SCTIE.DAF.CGAFME","1227/2022",null,"2023-06-30","Material",6505,"DROGAS E MEDICAMENTOS",5211,"MINOCICLINA CLORIDRATO",268163,"DOSAGEM: 100","COMPR",2.06,65080,134064.8]
["300/2022","Aprovada","MS.SCTIE.DAF.CGAFME","BENS",250005,2418948,"2023-01-02","2023-12-29",361,"MS.SCTIE.DAF.CGAFME","1226/2022",null,"2023-01-30","Material",6505,"DROGAS E MEDICAMENTOS",5145,"BUPROPIONA CLORIDRATO",268994,"DOSAGEM: 150","COMPR",0.25,9675792,2418948]
["301/2022","Aprovada","MS.SCTIE.DAF.CGAFME","BENS",250005,734985,"2023-01-02","2023-12-29",361,"MS.SCTIE.DAF.CGAFME","1224/2022",null,"2023-09-30","Material",6505,"DROGAS E MEDICAMENTOS",5085,"CLOFAZIMINA",299129,"DOSAGEM: 100","CAPS",3,244995,734985]
["302/2022","Aprovada","MS.SCTIE.DAF.CGAFME","BENS",250005,551761.25,"2023-01-02","2023-12-29",361,"MS.SCTIE.DAF.CGAFME","1223/2022",null,"2023-01-30","Material",6505,"DROGAS E MEDICAMENTOS",5070,"CLARITROMICINA",268439,"DOSAGEM: 500","COMPR",1.55,355975,551761.25]
["303/2022","Aprovada","MS.SCTIE.DAF.CGAFME","BENS",250005,296384,"2023-01-02","2023-12-29",361,"MS.SCTIE.DAF.CGAFME","1222/2022",null,"2023-01-30","Material",6505,"DROGAS E MEDICAMENTOS",1252,"BENZNIDAZOL",268953,"DOSAGEM: 100","COMPR",0.44,673600,296384]
["304/2022","Aprovada","MS.SCTIE.DAF.CGAFME","BENS",250005,560250,"2023-01-02","2023-12-29",361,"MS.SCTIE.DAF.CGAFME","1220/2022",null,"2023-04-30","Material",6505,"DROGAS E MEDICAMENTOS",365,"BENZILPENICILINA",270616,"USO: INJETÁVEL, APRESENTAÇÃO: POTÁSSICA, DOSAGEM: 5.000.000UI","FR-AM",7.47,75000,560250]
["305/2022","Aprovada","MS.SCTIE.DAF.CGAFME","BENS",250005,9540000,"2023-01-02","2023-12-29",361,"MS.SCTIE.DAF.CGAFME","1219/2022",null,"2023-07-30","Material",6505,"DROGAS E MEDICAMENTOS",365,"BENZILPENICILINA",270612,"USO: INJETÁVEL, APRESENTAÇÃO: BENZATINA, DOSAGEM: 1.200.000UI","FR-AM",3.975,2400000,9540000]
["306/2022","Aprovada","MS.SCTIE.DAF.CGAFME","BENS",250005,2462349.55,"2023-01-02","2023-12-29",361,"MS.SCTIE.DAF.CGAFME","1218/2022",null,"2023-05-31","Material",6505,"DROGAS E MEDICAMENTOS",19889,"BEDAQUILINA",475935,"CONCENTRAÇÃO: 100","COMPR",8.3959,293280,2462349.55]
["307/2022","Aprovada","MS.SCTIE.DAF.CGAFME","BENS",250005,196714.35,"2023-01-02","2023-12-29",361,"MS.SCTIE.DAF.CGAFME","1217/2022",null,"2023-05-31","Material",6505,"DROGAS E MEDICAMENTOS",17668,"ARTESUNATO DE SÓDIO",370119,"COMPOSIÇÃO: ASSOCIADO A MEFLOQUINA CLORIDRATO, CONCENTRAÇÃO: 25 MG + 55","COMPR",13.79,14265,196714.35]
["308/2022","Aprovada","MS.SCTIE.DAF.CGAFME","BENS",250005,5387.93,"2023-01-02","2023-12-29",361,"MS.SCTIE.DAF.CGAFME","1216/2022",null,"2023-01-02","Material",6505,"DROGAS E MEDICAMENTOS",17668,"ARTESUNATO DE SÓDIO",370119,"COMPOSIÇÃO: ASSOCIADO A MEFLOQUINA CLORIDRATO, CONCENTRAÇÃO: 25 MG + 55","COMPR",0.1456,37005,5387.93]
["309/2022","Aprovada","MS.SCTIE.DAF.CGAFME","BENS",250005,43569.54,"2023-01-02","2023-12-29",361,"MS.SCTIE.DAF.CGAFME","1210/2022",null,"2023-06-30","Material",6505,"DROGAS E MEDICAMENTOS",17668,"ARTESUNATO DE SÓDIO",370120,"COMPOSIÇÃO: ASSOCIADO A MEFLOQUINA CLORIDRATO, CONCENTRAÇÃO: 100 MG + 220","COMPR",0.687,63420,43569.54]
["310/2022","Aprovada","MS.SCTIE.DAF.CGAFME","BENS",250005,233032.8,"2023-01-02","2023-12-29",361,"MS.SCTIE.DAF.CGAFME","1275/2022",null,"2023-07-30","Material",6505,"DROGAS E MEDICAMENTOS",11154,"PREDNISONA",267743,"DOSAGEM: 20 MG","COMPR",0.13,1792560,233032.8]
["311/2022","Aprovada","MS.SCTIE.DAF.CGAFME","BENS",250005,5995850,"2023-01-02","2023-12-29",361,"MS.SCTIE.DAF.CGAFME","1208/2022",null,"2023-02-28","Material",6505,"DROGAS E MEDICAMENTOS",17669,"MEGLUMINA ANTIMONIATO",272737,"APRESENTAÇÃO: SOLUÇÃO INJETÁVEL, DOSAGEM: 300","AM",4.63,1295000,5995850]
["312/2022","Aprovada","MS.SCTIE.DAF.CGAFME","BENS",250005,10080000,"2023-01-02","2023-12-29",361,"MS.SCTIE.DAF.CGAFME","1207/2022",null,"2023-11-30","Material",6505,"DROGAS E MEDICAMENTOS",2517,"ANFOTERICINA B",268394,"APLICAÇÃO: INJETÁVEL, CARACTERÍSTICAS ADICIONAIS: LIPOSOMAL, DOSAGEM: 50","FR-AM",96,105000,10080000]
["313/2022","Aprovada","MS.SCTIE.DAF.CGAFME","BENS",250005,67980390,"2023-01-02","2023-12-29",361,"MS.SCTIE.DAF.CGAFME","1206/2022",null,"2023-09-30","Material",6505,"DROGAS E MEDICAMENTOS",2517,"ANFOTERICINA B",324358,"FORMA FARMACÊUTICA: SUSPENSÃO INJETÁVEL, DOSAGEM: 5","FR-AM",569.35,119400,67980390]
["314/2022","Aprovada","MS.SCTIE.DAF.CGAFME","BENS",250005,445606.2,"2023-01-02","2023-12-29",361,"MS.SCTIE.DAF.CGAFME","1205/2022",null,"2023-11-30","Material",6505,"DROGAS E MEDICAMENTOS",1916,"ÁCIDO PARAMINOSSALICÍLICO",374313,"FORMA FARMACÊUTICA: GRANULADO PARA USO ORAL, CONCENTRAÇÃO: 4","SAC",8.22,54210,445606.2]
["315/2022","Aprovada","MS.SCTIE.DAF.CGAFB","BENS",250005,27674397.84,"2023-01-02","2023-12-29",361,"MS.SCTIE.DAF.CGAFB","1204/2022",1,"2023-03-01","Material",6505,"DROGAS E MEDICAMENTOS",1838,"ALGESTONA ACETOFENIDA",295605,"PRINCÍPIO ATIVO: ASSOCIADO COM ESTRADIOL ENANTATO, FORMA FARMACÊUTICA: SOLUÇÃO INJETÁVEL, DOSAGEM: 150 MG + 10","AM",6.64,4167831,27674397.84]
["316/2022","Aprovada","MS.SCTIE.DAF.CGAFB","BENS",250005,4150742.4,"2023-01-02","2023-12-29",361,"MS.SCTIE.DAF.CGAFB","1203/2022",1,"2023-03-01","Material",6505,"DROGAS E MEDICAMENTOS",361,"MEDROXIPROGESTERONA ACETATO",416731,"FORMA FARMACEUTICA: SUSPENSÃO INJETÁVEL, COMPOSIÇÃO: ASSOCIADA AO ESTRADIOL CIPIONATO, CONCENTRAÇÃO: 50 MG + 10","AM",12.6,329424,4150742.4]
["317/2022","Aprovada","MS.SCTIE.DAF.CGAFB","BENS",250005,6041080.55,"2023-01-02","2023-12-29",361,"MS.SCTIE.DAF.CGAFB","1196/2022",1,"2023-01-02","Material",6505,"DROGAS E MEDICAMENTOS",10120,"NORETISTERONA",448808,"CONCENTRAÇAO: 0,35, CARACTERÍSTICAS ADICIONAIS: EM BLISTER CALENDÁRIO","BLIS",2.829,2135412,6041080.55]
["318/2022","Aprovada","MS.SCTIE.DAF.CGAFB","BENS",250005,19861629.1,"2023-01-02","2023-12-29",361,"MS.SCTIE.DAF.CGAFB","1189/2022",1,"2023-12-01","Material",6505,"DROGAS E MEDICAMENTOS",9785,"MISOPROSTOL",358755,"FORMA FARMACÊUTICA: COMPRIMIDO VAGINAL, CONCENTRAÇAO: 200","COMPR",36.5,468745,17109192.5]
["318/2022","Aprovada","MS.SCTIE.DAF.CGAFB","BENS",250005,19861629.1,"2023-01-02","2023-12-29",361,"MS.SCTIE.DAF.CGAFB","1189/2022",2,"2023-12-01","Material",6505,"DROGAS E MEDICAMENTOS",9785,"MISOPROSTOL",358753,"FORMA FARMACÊUTICA: COMPRIMIDO VAGINAL, CONCENTRAÇAO: 25","COMPR",8.2,335663,2752436.6]
["319/2022","Aprovada","MS.SCTIE.DAF.CGAFB","BENS",250005,670165.07,"2023-01-02","2023-12-29",361,"MS.SCTIE.DAF.CGAFB","1188/2022",1,"2023-02-01","Material",6505,"DROGAS E MEDICAMENTOS",8810,"LEVONORGESTREL",268956,"DOSAGEM: 0,75","BLIS",0.59,1135873,670165.07]
["320/2022","Aprovada","MS.SCTIE.DAF.CGAFB","BENS",250005,6491838.96,"2023-01-02","2023-12-29",361,"MS.SCTIE.DAF.CGAFB","1187/2022",1,"2023-12-01","Material",6505,"DROGAS E MEDICAMENTOS",8810,"LEVONORGESTREL",448804,"CARACTERÍSTICAS ADICIONAIS: EM BLISTER CALENDÁRIO, COMPOSIÇÃO: ASSOCIADO AO ETINILESTRADIOL, CONCENTRAÇÃO: 0,15 MG + 0,03","BLIS",0.81,8014616,6491838.96]
["321/2022","Aprovada","MS.SCTIE.DAF.CGAFB","BENS",250005,97167587.92,"2023-01-02","2023-12-29",361,"MS.SCTIE.DAF.CGAFB","1183/2022",1,"2023-08-01","Material",6505,"DROGAS E MEDICAMENTOS",7178,"ESTRADIOL",270846,"USO: INJETÁVEL, APRESENTAÇÃO: VALERATO ASSOCIADO COM NORETISTERONA ENANTATO, DOSAGEM: 5MG + 50MG/1ML","AM",13.39,7256728,97167587.92]
["322/2022","Aprovada","MS.SCTIE.DAF.CGAFB","BENS",250005,51450404,"2023-01-02","2023-12-29",361,"MS.SCTIE.DAF.CGAFB","1172/2022",1,"2023-12-01","Material",6505,"DROGAS E MEDICAMENTOS",361,"MEDROXIPROGESTERONA ACETATO",398702,"FORMA FARMACEUTICA: SUSPENSÃO INJETÁVEL, CONCENTRAÇÃO: 150","FR-AM",7.6,6769790,51450404]
["323/2022","Aprovada","MS.SCTIE.DAF.CGAFB","BENS",250005,641575599.21,"2023-01-02","2023-12-29",361,"MS.SCTIE.DAF.CGAFB","1170/2022",1,"2023-06-01","Material",6505,"DROGAS E MEDICAMENTOS",8428,"INSULINA",271154,"APLICAÇÃO: INJETÁVEL, TIPO: REGULAR, DOSAGEM: 100U/ML, ORIGEM: HUMANA","TBTE",10.17,11440655,116351461.35]
["323/2022","Aprovada","MS.SCTIE.DAF.CGAFB","BENS",250005,641575599.21,"2023-01-02","2023-12-29",361,"MS.SCTIE.DAF.CGAFB","1170/2022",2,"2023-06-01","Material",6505,"DROGAS E MEDICAMENTOS",8428,"INSULINA",271157,"APLICAÇÃO: INJETÁVEL, TIPO: NPH, DOSAGEM: 100U/ML, ORIGEM: HUMANA","TBTE",10.17,51644458,525224137.86]
["324/2022","Aprovada","MS.SCTIE.DAF.CGAFB","BENS",250005,93288056.85,"2023-01-02","2023-12-29",361,"MS.SCTIE.DAF.CGAFB","1169/2022",1,"2023-12-01","Material",6505,"DROGAS E MEDICAMENTOS",8428,"INSULINA",271157,"APLICAÇÃO: INJETÁVEL, TIPO: NPH, DOSAGEM: 100U/ML, ORIGEM: HUMANA","FR",11.49,6646646,76369962.54]
["324/2022","Aprovada","MS.SCTIE.DAF.CGAFB","BENS",250005,93288056.85,"2023-01-02","2023-12-29",361,"MS.SCTIE.DAF.CGAFB","1169/2022",2,"2023-12-01","Material",6505,"DROGAS E MEDICAMENTOS",8428,"INSULINA",271154,"APLICAÇÃO: INJETÁVEL, TIPO: REGULAR, DOSAGEM: 100U/ML, ORIGEM: HUMANA","FR",11.49,1472419,16918094.31]
["325/2022","Aprovada","MS.SCTIE.DAF.CGAFB","BENS",250005,66710.28,"2023-01-02","2023-12-29",361,"MS.SCTIE.DAF.CGAFB","1168/2022",1,"2023-07-03","Material",6505,"DROGAS E MEDICAMENTOS",5077,"CLINDAMICINA",268436,"DOSAGEM: 300","CAPS",1.23,54236,66710.28]
["326/2022","Aprovada","MS.SCTIE.DAF.CGAFB","BENS",250005,946860,"2023-01-02","2023-12-29",361,"MS.SCTIE.DAF.CGAFB","1166/2022",1,"2023-03-01","Material",6505,"DROGAS E MEDICAMENTOS",353,"ÁCIDO ACETILSALICÍLICO",267502,"DOSAGEM: 100","COMPR",0.05,100000,5000]
["326/2022","Aprovada","MS.SCTIE.DAF.CGAFB","BENS",250005,946860,"2023-01-02","2023-12-29",361,"MS.SCTIE.DAF.CGAFB","1166/2022",2,"2023-03-01","Material",6505,"DROGAS E MEDICAMENTOS",350,"ALBENDAZOL",267506,"DOSAGEM: 400","COMPR",0.37,100000,37000]
["326/2022","Aprovada","MS.SCTIE.DAF.CGAFB","BENS",250005,946860,"2023-01-02","2023-12-29",361,"MS.SCTIE.DAF.CGAFB","1166/2022",3,"2023-03-01","Material",6505,"DROGAS E MEDICAMENTOS",2436,"AMOXICILINA",271089,"CONCENTRAÇÃO: 500MG","COMPR",0.19,300000,57000]
["326/2022","Aprovada","MS.SCTIE.DAF.CGAFB","BENS",250005,946860,"2023-01-02","2023-12-29",361,"MS.SCTIE.DAF.CGAFB","1166/2022",4,"2023-03-01","Material",6505,"DROGAS E MEDICAMENTOS",2436,"AMOXICILINA",271111,"APRESENTAÇÃO: PÓ PARA SUSPENSÃO ORAL, CONCENTRAÇÃO: 50MG/ML","FR-AM",2.5,50000,125000]
["326/2022","Aprovada","MS.SCTIE.DAF.CGAFB","BENS",250005,946860,"2023-01-02","2023-12-29",361,"MS.SCTIE.DAF.CGAFB","1166/2022",5,"2023-03-01","Material",6505,"DROGAS E MEDICAMENTOS",2436,"AMOXICILINA",448841,"PRINCÍPIO ATIVO: ASSOCIADA COM CLAVULANATO DE POTÁSSIO, FORMA FARMACÊUTICA: SUSPENSÃO ORAL, CONCENTRAÇÃO: 50 MG/ML + 12,5","FR",11.1,4000,44400]
["326/2022","Aprovada","MS.SCTIE.DAF.CGAFB","BENS",250005,946860,"2023-01-02","2023-12-29",361,"MS.SCTIE.DAF.CGAFB","1166/2022",6,"2023-03-01","Material",6505,"DROGAS E MEDICAMENTOS",6240,"BECLOMETASONA DIPROPIONATO",267581,"CARACTERÍSTICAS ADICIONAIS: FRASCO DOSEADOR COM BOCAL AEROGADOR, APRESENTAÇÃO: SPRAY ORAL, DOSAGEM: 250MCG/DOSE","FR",19.85,6000,119100]
["326/2022","Aprovada","MS.SCTIE.DAF.CGAFB","BENS",250005,946860,"2023-01-02","2023-12-29",361,"MS.SCTIE.DAF.CGAFB","1166/2022",7,"2023-03-01","Material",6505,"DROGAS E MEDICAMENTOS",365,"BENZILPENICILINA",270614,"USO: INJETÁVEL, APRESENTAÇÃO: POTÁSSICA, COMPOSIÇÃO: ASSOCIADA À PENICILINA PROCAINADA, DOSAGEM: 100.000UI + 300.000UI","FR-AM",4.99,20000,99800]
["326/2022","Aprovada","MS.SCTIE.DAF.CGAFB","BENS",250005,946860,"2023-01-02","2023-12-29",361,"MS.SCTIE.DAF.CGAFB","1166/2022",8,"2023-03-01","Material",6505,"DROGAS E MEDICAMENTOS",4505,"CAPTOPRIL",267613,"CONCENTRAÇÃO: 25","COMPR",0.02,100000,2000]
["326/2022","Aprovada","MS.SCTIE.DAF.CGAFB","BENS",250005,946860,"2023-01-02","2023-12-29",361,"MS.SCTIE.DAF.CGAFB","1166/2022",9,"2023-03-01","Material",6505,"DROGAS E MEDICAMENTOS",5118,"CLORETO DE SÓDIO",268236,"PRINCÍPIO ATIVO: 0,9%_ SOLUÇÃO INJETÁVEL, APLICAÇÃO: SISTEMA FECHADO","BOL",2.51,10000,25100]
["326/2022","Aprovada","MS.SCTIE.DAF.CGAFB","BENS",250005,946860,"2023-01-02","2023-12-29",361,"MS.SCTIE.DAF.CGAFB","1166/2022",10,"2023-03-01","Material",6505,"DROGAS E MEDICAMENTOS",5118,"CLORETO DE SÓDIO",268236,"PRINCÍPIO ATIVO: 0,9%_ SOLUÇÃO INJETÁVEL, APLICAÇÃO: SISTEMA FECHADO","BOL",2.91,20000,58200]
["326/2022","Aprovada","MS.SCTIE.DAF.CGAFB","BENS",250005,946860,"2023-01-02","2023-12-29",361,"MS.SCTIE.DAF.CGAFB","1166/2022",11,"2023-03-01","Material",6505,"DROGAS E MEDICAMENTOS",5118,"CLORETO DE SÓDIO",268236,"PRINCÍPIO ATIVO: 0,9%_ SOLUÇÃO INJETÁVEL, APLICAÇÃO: SISTEMA FECHADO","AM",0.36,80000,28800]
["326/2022","Aprovada","MS.SCTIE.DAF.CGAFB","BENS",250005,946860,"2023-01-02","2023-12-29",361,"MS.SCTIE.DAF.CGAFB","1166/2022",12,"2023-03-01","Material",6505,"DROGAS E MEDICAMENTOS",9038,"ENALAPRIL MALEATO",267651,"DOSAGEM: 10","COMPR",0.02,600000,12000]
["326/2022","Aprovada","MS.SCTIE.DAF.CGAFB","BENS",250005,946860,"2023-01-02","2023-12-29",361,"MS.SCTIE.DAF.CGAFB","1166/2022",13,"2023-03-01","Material",6505,"DROGAS E MEDICAMENTOS",9702,"METOCLOPRAMIDA CLORIDRATO",267312,"DOSAGEM: 10 MG","COMPR",0.06,20000,1200]
["326/2022","Aprovada","MS.SCTIE.DAF.CGAFB","BENS",250005,946860,"2023-01-02","2023-12-29",361,"MS.SCTIE.DAF.CGAFB","1166/2022",14,"2023-03-01","Material",6505,"DROGAS E MEDICAMENTOS",5235,"PROPRANOLOL CLORIDRATO",267772,"DOSAGEM: 40","COMPR",0.02,240000,4800]
["326/2022","Aprovada","MS.SCTIE.DAF.CGAFB","BENS",250005,946860,"2023-01-02","2023-12-29",361,"MS.SCTIE.DAF.CGAFB","1166/2022",15,"2023-03-01","Material",6505,"DROGAS E MEDICAMENTOS",6143,"DEXAMETASONA",267643,"APRESENTAÇÃO: CREME, DOSAGEM: 0,1%","BIS",1.12,20000,22400]
["326/2022","Aprovada","MS.SCTIE.DAF.CGAFB","BENS",250005,946860,"2023-01-02","2023-12-29",361,"MS.SCTIE.DAF.CGAFB","1166/2022",16,"2023-03-01","Material",6505,"DROGAS E MEDICAMENTOS",8000,"GLIBENCLAMIDA",267671,"DOSAGEM: 5 MG","COMPR",0.02,400000,8000]
["326/2022","Aprovada","MS.SCTIE.DAF.CGAFB","BENS",250005,946860,"2023-01-02","2023-12-29",361,"MS.SCTIE.DAF.CGAFB","1166/2022",17,"2023-03-01","Material",6505,"DROGAS E MEDICAMENTOS",8007,"GLICOSE",270092,"INDICAÇÃO: SOLUÇÃO INJETÁVEL, CARACTERÍSTICAS ADICIONAIS: SISTEMA FECHADO, CONCENTRAÇÃO: 5%","FR",2.07,10000,20700]
["326/2022","Aprovada","MS.SCTIE.DAF.CGAFB","BENS",250005,946860,"2023-01-02","2023-12-29",361,"MS.SCTIE.DAF.CGAFB","1166/2022",18,"2023-03-01","Material",6505,"DROGAS E MEDICAMENTOS",8220,"HIDROCLOROTIAZIDA",267674,"DOSAGEM: 25","COMPR",0.01,500000,5000]
["326/2022","Aprovada","MS.SCTIE.DAF.CGAFB","BENS",250005,946860,"2023-01-02","2023-12-29",361,"MS.SCTIE.DAF.CGAFB","1166/2022",19,"2023-03-01","Material",6505,"DROGAS E MEDICAMENTOS",8275,"IBUPROFENO",267676,"DOSAGEM: 600","COMPR",0.18,200000,36000]
["326/2022","Aprovada","MS.SCTIE.DAF.CGAFB","BENS",250005,946860,"2023-01-02","2023-12-29",361,"MS.SCTIE.DAF.CGAFB","1166/2022",20,"2023-03-01","Material",6505,"DROGAS E MEDICAMENTOS",5206,"METFORMINA CLORIDRATO",267691,"DOSAGEM: 850","COMPR",0.06,500000,30000]
["326/2022","Aprovada","MS.SCTIE.DAF.CGAFB","BENS",250005,946860,"2023-01-02","2023-12-29",361,"MS.SCTIE.DAF.CGAFB","1166/2022",21,"2023-03-01","Material",6505,"DROGAS E MEDICAMENTOS",9712,"METRONIDAZOL",267717,"DOSAGEM: 250 MG","COMPR",0.15,40000,6000]
["326/2022","Aprovada","MS.SCTIE.DAF.CGAFB","BENS",250005,946860,"2023-01-02","2023-12-29",361,"MS.SCTIE.DAF.CGAFB","1166/2022",22,"2023-03-01","Material",6505,"DROGAS E MEDICAMENTOS",10216,"OMEPRAZOL",267712,"CONCENTRAÇÃO: 20","CAPS",0.05,100000,5000]
["326/2022","Aprovada","MS.SCTIE.DAF.CGAFB","BENS",250005,946860,"2023-01-02","2023-12-29",361,"MS.SCTIE.DAF.CGAFB","1166/2022",23,"2023-03-01","Material",6505,"DROGAS E MEDICAMENTOS",10422,"PARACETAMOL",267778,"DOSAGEM COMPRIMIDO: 500","COMPR",0.03,200000,6000]
["326/2022","Aprovada","MS.SCTIE.DAF.CGAFB","BENS",250005,946860,"2023-01-02","2023-12-29",361,"MS.SCTIE.DAF.CGAFB","1166/2022",24,"2023-03-01","Material",6505,"DROGAS E MEDICAMENTOS",10422,"PARACETAMOL",267777,"DOSAGEM SOLUÇÃO ORAL: 200, APRESENTAÇÃO: SOLUÇÃO ORAL","FR",0.62,20000,12400]
["326/2022","Aprovada","MS.SCTIE.DAF.CGAFB","BENS",250005,946860,"2023-01-02","2023-12-29",361,"MS.SCTIE.DAF.CGAFB","1166/2022",25,"2023-03-01","Material",6505,"DROGAS E MEDICAMENTOS",10676,"PERMETRINA",363597,"FORMA FARMACEUTICA: LOÇÃO, CONCENTRAÇÃO: 50","FR",1.22,10000,12200]
["326/2022","Aprovada","MS.SCTIE.DAF.CGAFB","BENS",250005,946860,"2023-01-02","2023-12-29",361,"MS.SCTIE.DAF.CGAFB","1166/2022",26,"2023-03-01","Material",6505,"DROGAS E MEDICAMENTOS",11912,"SAIS PARA REIDRATAÇÃO ORAL",446104,"FORMA FARMACÊUTICA: SOLUÇÃO ORAL, COMPOSIÇÃO: SÓDIO, POTÁSSIO, CLORETO, CITRATO E GLICOSE, CONCENTRAÇÃO: 60 MEQ/L + 20 MEQ/L + 60 MEQ/L + 20 MEQ/L + 110","ENV",0.445,140000,62300]
["326/2022","Aprovada","MS.SCTIE.DAF.CGAFB","BENS",250005,946860,"2023-01-02","2023-12-29",361,"MS.SCTIE.DAF.CGAFB","1166/2022",27,"2023-03-01","Material",6505,"DROGAS E MEDICAMENTOS",11750,"RINGER",303292,"CARACTERÍSTICA ADICIONAL: SISTEMA FECHADO, FORMA FARMACÊUTICA: SOLUÇÃO INJETÁVEL, COMPOSIÇÃO: ASSOCIADO COM LACTATO DE SÓDIO","FR",3.64,10000,36400]
["326/2022","Aprovada","MS.SCTIE.DAF.CGAFB","BENS",250005,946860,"2023-01-02","2023-12-29",361,"MS.SCTIE.DAF.CGAFB","1166/2022",28,"2023-03-01","Material",6505,"DROGAS E MEDICAMENTOS",12315,"SULFAMETOXAZOL",308884,"FORMA FARMACÊUTICA: SUSPENSÃO ORAL, COMPOSIÇÃO: ASSOCIADO À TRIMETOPRIMA, CONCENTRAÇÃO: 40MG + 8MG/ML","FR",4,10000,40000]
["326/2022","Aprovada","MS.SCTIE.DAF.CGAFB","BENS",250005,946860,"2023-01-02","2023-12-29",361,"MS.SCTIE.DAF.CGAFB","1166/2022",29,"2023-03-01","Material",6505,"DROGAS E MEDICAMENTOS",12315,"SULFAMETOXAZOL",308882,"COMPOSIÇÃO: ASSOCIADO À TRIMETOPRIMA, CONCENTRAÇÃO: 400MG + 80MG","COMPR",0.18,100000,18000]
["326/2022","Aprovada","MS.SCTIE.DAF.CGAFB","BENS",250005,946860,"2023-01-02","2023-12-29",361,"MS.SCTIE.DAF.CGAFB","1166/2022",30,"2023-03-01","Material",6505,"DROGAS E MEDICAMENTOS",11917,"SALBUTAMOL",294887,"FORMA FARMACÊUTICA: AEROSOL ORAL, DOSAGEM: 100MCG/DOSE","FR",3.53,2000,7060]
["327/2022","Aprovada","MS.SCTIE.DAF.CGCEAF","BENS",250005,18985152.6,"2023-01-02","2023-12-29",361,"MS.SCTIE.DAF.CGCEAF","1163/2022",1,"2023-01-02","Material",6505,"DROGAS E MEDICAMENTOS",8428,"INSULINA",468664,"ADICIONAIS: C/ SISTEMA DE APLICAÇÃO, FORMA FARMACEUTICA: SOLUÇÃO INJETÁVEL, TIPO: ANÁLOGA DE AÇÃO PROLONGADA, CONCENTRAÇÃO: 100","TBTE",10.17,1866780,18985152.6]
["328/2022","Aprovada","MS.SCTIE.DAF.CGCEAF","BENS",250005,40221782,"2023-01-02","2023-12-29",361,"MS.SCTIE.DAF.CGCEAF","1161/2022",1,"2023-01-02","Material",6505,"DROGAS E MEDICAMENTOS",19411,"VEDOLIZUMABE",436461,"CONCENTRAÇÃO: 300, FORMA FARMACÊUTICA: PÓ LIÓFILO P/ INJETÁVEL","FR-AM",3218,12499,40221782]
["329/2022","Aprovada","MS.SCTIE.DAF.CGCEAF","BENS",250005,30893845.28,"2023-01-02","2023-12-29",361,"MS.SCTIE.DAF.CGCEAF","1160/2022",1,"2023-01-02","Material",6505,"DROGAS E MEDICAMENTOS",13187,"USTEQUINUMABE",400563,"CONCENTRAÇÃO: 90, FORMA FARMACÊUTICA: SOLUÇÃO INJETÁVEL","FR-AM",3866.08,7991,30893845.28]
["330/2022","Aprovada","MS.SCTIE.DAF.CGCEAF","BENS",250005,22261363.2,"2023-01-02","2023-12-29",361,"MS.SCTIE.DAF.CGCEAF","1159/2022",1,"2023-01-02","Material",6505,"DROGAS E MEDICAMENTOS",19899,"UPADACITINIBE",477410,"CONCENTRAÇÃO: 15, CARACTERÍSTICAS ADICIONAIS: LIBERAÇÃO PROLONGADA","COMPR",41.52,536160,22261363.2]
["331/2022","Aprovada","MS.SCTIE.DAF.CGCEAF","BENS",250005,2044830.72,"2023-01-02","2023-12-29",361,"MS.SCTIE.DAF.CGCEAF","1158/2022",1,"2023-01-02","Material",6505,"DROGAS E MEDICAMENTOS",12998,"TRIPTORRELINA",475000,"COMPOSIÇÃO: SAL EMBONATO, CONCENTRAÇÃO: 22,5, FORMA FARMACEUTICA: PÓ LIÓFILO P/ INJETÁVEL + DILUENTE, CARACTERÍSTICAS ADICIONAIS: LIBERAÇÃO PROLONGADA","FR-AM",4156.16,492,2044830.72]
["332/2022","Aprovada","MS.SCTIE.DAF.CGCEAF","BENS",250005,7850103.32,"2023-01-02","2023-12-29",361,"MS.SCTIE.DAF.CGCEAF","1157/2022",1,"2023-01-02","Material",6505,"DROGAS E MEDICAMENTOS",17690,"TRIENTINA CLORIDRATO",278264,"DOSAGEM: 250","CAPS",214.93,36524,7850103.32]
["333/2022","Aprovada","MS.SCTIE.DAF.CGCEAF","BENS",250005,147293300,"2023-01-02","2023-12-29",361,"MS.SCTIE.DAF.CGCEAF","1156/2022",1,"2023-01-02","Material",6505,"DROGAS E MEDICAMENTOS",18503,"TRASTUZUMABE",295303,"CONCENTRAÇÃO: 150, FORMA FARMACÊUTICA: PÓ LIOFILO INJETÁVEL","FR-AM",370,398090,147293300]
["334/2022","Aprovada","MS.SCTIE.DAF.CGCEAF","BENS",250005,98578407.08,"2023-01-02","2023-12-29",361,"MS.SCTIE.DAF.CGCEAF","1155/2022",1,"2023-01-02","Material",6505,"DROGAS E MEDICAMENTOS",12852,"TOXINA BOTULÍNICA",292372,"PRINCÍPIO ATIVO: TIPO A, DOSAGEM: 100 U, APRESENTAÇÃO: INJETÁVEL","FR-AM",228.8,46519,10643547.2]
["334/2022","Aprovada","MS.SCTIE.DAF.CGCEAF","BENS",250005,98578407.08,"2023-01-02","2023-12-29",361,"MS.SCTIE.DAF.CGCEAF","1155/2022",2,"2023-01-02","Material",6505,"DROGAS E MEDICAMENTOS",12852,"TOXINA BOTULÍNICA",292373,"PRINCÍPIO ATIVO: TIPO A, DOSAGEM: 500 U, APRESENTAÇÃO: INJETÁVEL","FR-AM",925.26,95038,87934859.88]
["335/2022","Aprovada","MS.SCTIE.DAF.CGCEAF","BENS",250005,117878560.8,"2023-01-02","2023-12-29",361,"MS.SCTIE.DAF.CGCEAF","1154/2022",1,"2023-01-02","Material",6505,"DROGAS E MEDICAMENTOS",15122,"TOFACITINIBE",434872,"COMPOSIÇÃO*: SAL CITRATO, CONCENTRAÇÃO: 5","COMPR",13.9,8480472,117878560.8]
["336/2022","Aprovada","MS.SCTIE.DAF.CGCEAF","BENS",250005,45200315.75,"2023-01-02","2023-12-29",361,"MS.SCTIE.DAF.CGCEAF","1153/2022",1,"2023-01-02","Material",6505,"DROGAS E MEDICAMENTOS",15846,"TOCILIZUMABE",388383,"CONCENTRAÇÃO: 20, FORMA FARMACÊUTICA: SOLUÇÃO INJETÁVEL","FR-AM",164.75,274357,45200315.75]
["337/2022","Aprovada","MS.SCTIE.DAF.CGCEAF","BENS",250005,6678584.66,"2023-01-02","2023-12-29",361,"MS.SCTIE.DAF.CGCEAF","1152/2022",1,"2023-01-02","Material",6505,"DROGAS E MEDICAMENTOS",12795,"TOBRAMICINA",460924,"CONCENTRAÇAO: 300, FORMA FARMACEUTICA: SOLUÇÃO PARA INALAÇÃO","UN",23.21,287746,6678584.66]
["338/2022","Aprovada","MS.SCTIE.DAF.CGCEAF","BENS",250005,2234425,"2023-01-02","2023-12-29",361,"MS.SCTIE.DAF.CGCEAF","1151/2022",1,"2023-01-02","Material",6505,"DROGAS E MEDICAMENTOS",13913,"TERIFLUNOMIDA",430630,"CONCENTRAÇÃO: 14","COMPR",5,446885,2234425]
["339/2022","Aprovada","MS.SCTIE.DAF.CGCEAF","BENS",250005,64882631.88,"2023-01-02","2023-12-29",361,"MS.SCTIE.DAF.CGCEAF","1150/2022",1,"2023-01-02","Material",6505,"DROGAS E MEDICAMENTOS",15443,"TAFAMIDIS",417811,"CONCENTRAÇÃO: 20","CAPS",469.47,138204,64882631.88]
["340/2022","Aprovada","MS.SCTIE.DAF.CGCEAF","BENS",250005,624637,"2023-01-02","2023-12-29",361,"MS.SCTIE.DAF.CGCEAF","1149/2022",1,"2023-01-02","Material",6505,"DROGAS E MEDICAMENTOS",14471,"TACROLIMO",268098,"DOSAGEM: 1","CAPS",1,624637,624637]
["341/2022","Aprovada","MS.SCTIE.DAF.CGCEAF","BENS",250005,52060598.12,"2023-01-02","2023-12-29",361,"MS.SCTIE.DAF.CGCEAF","1148/2022",1,"2023-01-02","Material",6505,"DROGAS E MEDICAMENTOS",12269,"SOMATROPINA",446832,"COMPOSIÇÃO: SOMATOTROFINA HUMANA RECOMBINANTE, CONCENTRAÇÃO: 4, FORMA FARMACEUTICA: INJETÁVEL","UI",4.49,4274332,19191750.68]
["341/2022","Aprovada","MS.SCTIE.DAF.CGCEAF","BENS",250005,52060598.12,"2023-01-02","2023-12-29",361,"MS.SCTIE.DAF.CGCEAF","1148/2022",2,"2023-01-02","Material",6505,"DROGAS E MEDICAMENTOS",12269,"SOMATROPINA",446831,"COMPOSIÇÃO: SOMATOTROFINA HUMANA RECOMBINANTE, CONCENTRAÇÃO: 12 A 30, FORMA FARMACEUTICA: INJETÁVEL","UI",4.49,7320456,32868847.44]
["342/2022","Aprovada","MS.SCTIE.DAF.CGCEAF","BENS",250005,35052276.35,"2023-01-02","2023-12-29",361,"MS.SCTIE.DAF.CGCEAF","1147/2022",1,"2023-01-02","Material",6505,"DROGAS E MEDICAMENTOS",14024,"SIROLIMO",285817,"DOSAGEM: 1","DRAG",6.95,4042725,28096938.75]
["342/2022","Aprovada","MS.SCTIE.DAF.CGCEAF","BENS",250005,35052276.35,"2023-01-02","2023-12-29",361,"MS.SCTIE.DAF.CGCEAF","1147/2022",2,"2023-01-02","Material",6505,"DROGAS E MEDICAMENTOS",14024,"SIROLIMO",285818,"DOSAGEM: 2","DRAG",13.9,500384,6955337.6]
["343/2022","Aprovada","MS.SCTIE.DAF.CGCEAF","BENS",250005,178409555.25,"2023-01-02","2023-12-29",361,"MS.SCTIE.DAF.CGCEAF","1146/2022",1,"2023-01-02","Material",6505,"DROGAS E MEDICAMENTOS",19431,"SECUQUINUMABE",437083,"CONCENTRAÇÃO: 150, FORMA FARMACÊUTICA: SOLUÇÃO INJETÁVEL, ADICIONAL: COM CANETA APLICADORA","SER",590.25,302261,178409555.25]
["344/2022","Aprovada","MS.SCTIE.DAF.CGCEAF","BENS",250005,47442975.6,"2023-01-02","2023-12-29",361,"MS.SCTIE.DAF.CGCEAF","1145/2022",1,"2023-01-02","Material",6505,"DROGAS E MEDICAMENTOS",19806,"RISANQUIZUMABE",465427,"CONCENTRAÇÃO: 90, FORMA FARMACÊUTICA: SOLUÇÃO INJETÁVEL, CARACTERÍSTICAS ADICIONAIS: SERINGA PREENCHIDA","SER",2425.51,19560,47442975.6]
["345/2022","Aprovada","MS.SCTIE.DAF.CGCEAF","BENS",250005,22192539.6,"2023-01-02","2023-12-29",361,"MS.SCTIE.DAF.CGCEAF","1144/2022",1,"2023-01-02","Material",6505,"DROGAS E MEDICAMENTOS",14552,"RIVASTIGMINA",362057,"CONCENTRAÇÃO: 9 MG EQUIVALENTE A 4,6 MG/DIA, FORMA FARMACEUTICA: ADESIVO TRANSDÉRMICO","SAC",3.5,195756,685146]
["345/2022","Aprovada","MS.SCTIE.DAF.CGCEAF","BENS",250005,22192539.6,"2023-01-02","2023-12-29",361,"MS.SCTIE.DAF.CGCEAF","1144/2022",2,"2023-01-02","Material",6505,"DROGAS E MEDICAMENTOS",14552,"RIVASTIGMINA",362058,"CONCENTRAÇÃO: 18 MG EQUIVALENTE A 9,5 MG/DIA, FORMA FARMACEUTICA: ADESIVO TRANSDÉRMICO","SAC",4.08,5271420,21507393.6]
["346/2022","Aprovada","MS.SCTIE.DAF.CGCEAF","BENS",250005,7511974.61,"2023-01-02","2023-12-29",361,"MS.SCTIE.DAF.CGCEAF","1143/2022",1,"2023-01-02","Material",6505,"DROGAS E MEDICAMENTOS",14552,"RIVASTIGMINA",267896,"DOSAGEM: 1,5 MG","CAPS",0.74,1199074,887314.76]
["346/2022","Aprovada","MS.SCTIE.DAF.CGCEAF","BENS",250005,7511974.61,"2023-01-02","2023-12-29",361,"MS.SCTIE.DAF.CGCEAF","1143/2022",2,"2023-01-02","Material",6505,"DROGAS E MEDICAMENTOS",14552,"RIVASTIGMINA",267894,"DOSAGEM: 3 MG","CAPS",1.29,1934671,2495725.59]
["346/2022","Aprovada","MS.SCTIE.DAF.CGCEAF","BENS",250005,7511974.61,"2023-01-02","2023-12-29",361,"MS.SCTIE.DAF.CGCEAF","1143/2022",3,"2023-01-02","Material",6505,"DROGAS E MEDICAMENTOS",14552,"RIVASTIGMINA",267897,"DOSAGEM: 4,5 MG","CAPS",1.77,778199,1377412.23]
["346/2022","Aprovada","MS.SCTIE.DAF.CGCEAF","BENS",250005,7511974.61,"2023-01-02","2023-12-29",361,"MS.SCTIE.DAF.CGCEAF","1143/2022",4,"2023-01-02","Material",6505,"DROGAS E MEDICAMENTOS",14552,"RIVASTIGMINA",267895,"DOSAGEM: 6 MG","CAPS",1.59,1730517,2751522.03]
["347/2022","Aprovada","MS.SCTIE.DAF.CGCEAF","BENS",250005,8216298.6,"2023-01-02","2023-12-29",361,"MS.SCTIE.DAF.CGCEAF","1142/2022",1,"2023-01-02","Material",6505,"DROGAS E MEDICAMENTOS",11761,"RITUXIMABE",268520,"DOSAGEM: 10MG/ML, INDICAÇÃO: SOLUÇÃO INJETÁVEL","FR",264.99,7379,1955361.21]
["347/2022","Aprovada","MS.SCTIE.DAF.CGCEAF","BENS",250005,8216298.6,"2023-01-02","2023-12-29",361,"MS.SCTIE.DAF.CGCEAF","1142/2022",2,"2023-01-02","Material",6505,"DROGAS E MEDICAMENTOS",11761,"RITUXIMABE",268520,"DOSAGEM: 10MG/ML, INDICAÇÃO: SOLUÇÃO INJETÁVEL","FR",999.99,6261,6260937.39]
["348/2022","Aprovada","MS.SCTIE.DAF.CGCEAF","BENS",250005,17437920,"2023-01-02","2023-12-29",361,"MS.SCTIE.DAF.CGCEAF","1141/2022",1,"2023-01-02","Material",6505,"DROGAS E MEDICAMENTOS",19918,"RISDIPLAM",478939,"CONCENTRAÇÃO: 0,75, FORMA FARMACÊUTICA: PÓ PARA SOLUÇÃO ORAL","FR",21370,816,17437920]
["349/2022","Aprovada","MS.SCTIE.DAF.CGCEAF","BENS",250005,98344847.49,"2023-01-02","2023-12-29",361,"MS.SCTIE.DAF.CGCEAF","1140/2022",1,"2023-01-02","Material",6505,"DROGAS E MEDICAMENTOS",17689,"QUETIAPINA",272831,"DOSAGEM: 25","COMPR",0.255,30121661,7681023.56]
["349/2022","Aprovada","MS.SCTIE.DAF.CGCEAF","BENS",250005,98344847.49,"2023-01-02","2023-12-29",361,"MS.SCTIE.DAF.CGCEAF","1140/2022",2,"2023-01-02","Material",6505,"DROGAS E MEDICAMENTOS",17689,"QUETIAPINA",272832,"DOSAGEM: 100","COMPR",0.78,50879624,39686106.72]
["349/2022","Aprovada","MS.SCTIE.DAF.CGCEAF","BENS",250005,98344847.49,"2023-01-02","2023-12-29",361,"MS.SCTIE.DAF.CGCEAF","1140/2022",3,"2023-01-02","Material",6505,"DROGAS E MEDICAMENTOS",17689,"QUETIAPINA",272833,"DOSAGEM: 200","COMPR",1.51,32218402,48649787.02]
["349/2022","Aprovada","MS.SCTIE.DAF.CGCEAF","BENS",250005,98344847.49,"2023-01-02","2023-12-29",361,"MS.SCTIE.DAF.CGCEAF","1140/2022",4,"2023-01-02","Material",6505,"DROGAS E MEDICAMENTOS",17689,"QUETIAPINA",449243,"CONCENTRAÇÃO: 300","COMPR",0.765,3043046,2327930.19]
["350/2022","Aprovada","MS.SCTIE.DAF.CGCEAF","BENS",250005,219511683.04,"2023-01-02","2023-12-29",361,"MS.SCTIE.DAF.CGCEAF","1139/2022",1,"2023-01-02","Material",6505,"DROGAS E MEDICAMENTOS",3960,"PERTUZUMABE",427532,"CONCENTRAÇÃO: 30, FORMA FARMACÊUTICA: SOLUÇÃO INJETÁVEL","FR",3948.62,55592,219511683.04]
["351/2022","Aprovada","MS.SCTIE.DAF.CGCEAF","BENS",250005,45355753.17,"2023-01-02","2023-12-29",361,"MS.SCTIE.DAF.CGCEAF","1138/2022",1,"2023-01-02","Material",6505,"DROGAS E MEDICAMENTOS",17756,"PARICALCITOL",400476,"CONCENTRAÇÃO: 5, FORMA FARMACÊUTICA: SOLUÇÃO INJETÁVEL","AM",17.01,2666417,45355753.17]
["352/2022","Aprovada","MS.SCTIE.DAF.CGCEAF","BENS",250005,34822616.54,"2023-01-02","2023-12-29",361,"MS.SCTIE.DAF.CGCEAF","1137/2022",1,"2023-01-02","Material",6505,"DROGAS E MEDICAMENTOS",10161,"OLANZAPINA",271620,"DOSAGEM: 5","COMPR",0.39,25833496,10075063.44]
["352/2022","Aprovada","MS.SCTIE.DAF.CGCEAF","BENS",250005,34822616.54,"2023-01-02","2023-12-29",361,"MS.SCTIE.DAF.CGCEAF","1137/2022",2,"2023-01-02","Material",6505,"DROGAS E MEDICAMENTOS",10161,"OLANZAPINA",271621,"DOSAGEM: 10","COMPR",0.58,42668195,24747553.1]
["353/2022","Aprovada","MS.SCTIE.DAF.CGCEAF","BENS",250005,48048793.39,"2023-01-02","2023-12-29",361,"MS.SCTIE.DAF.CGCEAF","1136/2022",1,"2023-01-02","Material",6505,"DROGAS E MEDICAMENTOS",10144,"OCTREOTIDA",342980,"COMPOSIÇÃO: SAL ACETATO, CONCENTRAÇÃO: 20, FORMA FARMACEUTICA: PÓ LIÓFILO P/ INJETÁVEL, CARACTERÍSTICA ADICIONAL: C/ SISTEMA DE APLICAÇÃO","FR-AM",2628.05,9600,25229280]
["353/2022","Aprovada","MS.SCTIE.DAF.CGCEAF","BENS",250005,48048793.39,"2023-01-02","2023-12-29",361,"MS.SCTIE.DAF.CGCEAF","1136/2022",2,"2023-01-02","Material",6505,"DROGAS E MEDICAMENTOS",10144,"OCTREOTIDA",342981,"COMPOSIÇÃO: SAL ACETATO, CONCENTRAÇÃO: 30, FORMA FARMACEUTICA: PÓ LIÓFILO P/ INJETÁVEL, CARACTERÍSTICA ADICIONAL: C/ SISTEMA DE APLICAÇÃO","FR-AM",3550.57,6427,22819513.39]
["354/2022","Aprovada","MS.SCTIE.DAF.CGCEAF","BENS",250005,139520000,"2023-01-02","2023-12-29",361,"MS.SCTIE.DAF.CGCEAF","1135/2022",1,"2023-01-02","Material",6505,"DROGAS E MEDICAMENTOS",19479,"NUSINERSENA",439252,"CONCENTRAÇÃO: 2,4, FORMA FARMACÊUTICA: SOLUÇÃO INJETÁVEL","FR",160000,872,139520000]
["355/2022","Aprovada","MS.SCTIE.DAF.CGCEAF","BENS",250005,65921644.06,"2023-01-02","2023-12-29",361,"MS.SCTIE.DAF.CGCEAF","1134/2022",1,"2023-01-02","Material",6505,"DROGAS E MEDICAMENTOS",10080,"NILOTINIBE",374967,"CONCENTRAÇÃO: 200","CAPS",20.59,3201634,65921644.06]
["356/2022","Aprovada","MS.SCTIE.DAF.CGCEAF","BENS",250005,5271695,"2023-01-02","2023-12-29",361,"MS.SCTIE.DAF.CGCEAF","1133/2022",1,"2023-01-02","Material",6505,"DROGAS E MEDICAMENTOS",3917,"NATALIZUMABE",367664,"CONCENTRAÇÃO: 20, FORMA FARMACÊUTICA: SOLUÇÃO INJETÁVEL","FR",1843.25,2860,5271695]
["357/2022","Aprovada","MS.SCTIE.DAF.CGCEAF","BENS",250005,1524278.14,"2023-01-02","2023-12-29",361,"MS.SCTIE.DAF.CGCEAF","1132/2022",1,"2023-01-02","Material",6505,"DROGAS E MEDICAMENTOS",19125,"MIGLUSTATE",345001,"CONCENTRAÇÃO: 100","CAPS",81.07,18802,1524278.14]
["358/2022","Aprovada","MS.SCTIE.DAF.CGCEAF","BENS",250005,26156039.07,"2023-01-02","2023-12-29",361,"MS.SCTIE.DAF.CGCEAF","1131/2022",1,"2023-01-02","Material",6505,"DROGAS E MEDICAMENTOS",9716,"MICOFENOLATO",448576,"COMPOSIÇÃO: DE SÓDIO, CONCENTRAÇÃO: 180","COMPR",0.84,1254825,1054053]
["358/2022","Aprovada","MS.SCTIE.DAF.CGCEAF","BENS",250005,26156039.07,"2023-01-02","2023-12-29",361,"MS.SCTIE.DAF.CGCEAF","1131/2022",2,"2023-01-02","Material",6505,"DROGAS E MEDICAMENTOS",9716,"MICOFENOLATO",448577,"COMPOSIÇÃO: DE SÓDIO, CONCENTRAÇÃO: 360","COMPR",1.47,17076181,25101986.07]
["359/2022","Aprovada","MS.SCTIE.DAF.CGCEAF","SERVICOS",250005,46068043.56,"2023-01-02","2023-12-29",361,"MS.SCTIE.DAF.CGCEAF","1130/2022",1,"2023-01-02","Material",6505,"DROGAS E MEDICAMENTOS",9716,"MICOFENOLATO",448579,"COMPOSIÇÃO: MOFETILA, CONCENTRAÇÃO: 500","COMPR",1.32,34900033,46068043.56]
["360/2022","Aprovada","MS.SCTIE.DAF.CGCEAF","BENS",250005,4504630,"2023-01-02","2023-12-29",361,"MS.SCTIE.DAF.CGCEAF","1129/2022",1,"2023-01-02","Material",6505,"DROGAS E MEDICAMENTOS",9705,"METOTREXATO",292249,"DOSAGEM: 25, FORMA FARMACÊUTICA: SOLUÇÃO INJETÁVEL","FR-AM",10,450463,4504630]
["361/2022","Aprovada","MS.SCTIE.DAF.CGCEAF","BENS",250005,12444910.38,"2023-01-02","2023-12-29",361,"MS.SCTIE.DAF.CGCEAF","1128/2022",1,"2023-01-02","Material",6505,"DROGAS E MEDICAMENTOS",9705,"METOTREXATO",270436,"DOSAGEM: 2,5","COMPR",0.63,19753826,12444910.38]
["362/2022","Aprovada","MS.SCTIE.DAF.CGCEAF","BENS",250005,5957793.6,"2023-01-02","2023-12-29",361,"MS.SCTIE.DAF.CGCEAF","1127/2022",1,"2023-01-02","Material",6505,"DROGAS E MEDICAMENTOS",5633,"RASAGILINA",389779,"CONCENTRAÇÃO: 1","COMPR",2.65,2248224,5957793.6]
["363/2022","Aprovada","MS.SCTIE.DAF.CGCEAF","BENS",250005,21996359.76,"2023-01-02","2023-12-29",361,"MS.SCTIE.DAF.CGCEAF","1126/2022",1,"2023-01-02","Material",6505,"DROGAS E MEDICAMENTOS",13788,"IMATINIBE MESILATO",273317,"DOSAGEM: 100","COMPR",2.28,816303,1861170.84]
["363/2022","Aprovada","MS.SCTIE.DAF.CGCEAF","BENS",250005,21996359.76,"2023-01-02","2023-12-29",361,"MS.SCTIE.DAF.CGCEAF","1126/2022",2,"2023-01-02","Material",6505,"DROGAS E MEDICAMENTOS",13788,"IMATINIBE MESILATO",274704,"DOSAGEM: 400","COMPR",4.99,4035108,20135188.92]
["364/2022","Aprovada","MS.SCTIE.DAF.CGCEAF","BENS",250005,235825349.13,"2023-01-02","2023-12-29",361,"MS.SCTIE.DAF.CGCEAF","1125/2022",1,"2023-01-02","Material",6505,"DROGAS E MEDICAMENTOS",19676,"MEPOLIZUMABE",457885,"CONCENTRAÇÃO: 100, FORMA FARMACÊUTICA: INJETÁVEL","FR-AM",2907.87,81099,235825349.13]
["365/2022","Aprovada","MS.SCTIE.DAF.CGCEAF","BENS",250005,1371467.76,"2023-01-02","2023-12-29",361,"MS.SCTIE.DAF.CGCEAF","1124/2022",1,"2023-01-02","Material",6505,"DROGAS E MEDICAMENTOS",17851,"MEMANTINA",273221,"COMPOSIÇÃO: SAL CLORIDRATO, CONCENTRAÇÃO: 10","COMPR",0.13,10549752,1371467.76]
["366/2022","Aprovada","MS.SCTIE.DAF.CGCEAF","BENS",250005,86448827.47,"2023-01-02","2023-12-29",361,"MS.SCTIE.DAF.CGCEAF","1123/2022",1,"2023-01-02","Material",6505,"DROGAS E MEDICAMENTOS",18311,"LEVETIRACETAM",285965,"CONCENTRAÇÃO: 250","COMPR",0.826,7752995,6403973.87]
["366/2022","Aprovada","MS.SCTIE.DAF.CGCEAF","BENS",250005,86448827.47,"2023-01-02","2023-12-29",361,"MS.SCTIE.DAF.CGCEAF","1123/2022",2,"2023-01-02","Material",6505,"DROGAS E MEDICAMENTOS",18311,"LEVETIRACETAM",285966,"CONCENTRAÇÃO: 500","COMPR",2.5,10478420,26196050]
["366/2022","Aprovada","MS.SCTIE.DAF.CGCEAF","BENS",250005,86448827.47,"2023-01-02","2023-12-29",361,"MS.SCTIE.DAF.CGCEAF","1123/2022",3,"2023-01-02","Material",6505,"DROGAS E MEDICAMENTOS",18311,"LEVETIRACETAM",437284,"CONCENTRAÇÃO: 750","COMPR",1.8,2334602,4202283.6]
["366/2022","Aprovada","MS.SCTIE.DAF.CGCEAF","BENS",250005,86448827.47,"2023-01-02","2023-12-29",361,"MS.SCTIE.DAF.CGCEAF","1123/2022",4,"2023-01-02","Material",6505,"DROGAS E MEDICAMENTOS",18311,"LEVETIRACETAM",429678,"CONCENTRAÇÃO: 1","COMPR",5,9929304,49646520]
["367/2022","Aprovada","MS.SCTIE.DAF.CGCEAF","BENS",250005,4939394.84,"2023-01-02","2023-12-29",361,"MS.SCTIE.DAF.CGCEAF","1122/2022",1,"2023-01-02","Material",6505,"DROGAS E MEDICAMENTOS",18311,"LEVETIRACETAM",352933,"CONCENTRAÇÃO: 100, FORMA FARMACÊUTICA: SOLUÇÃO ORAL","ML",0.29,17032396,4939394.84]
["368/2022","Aprovada","MS.SCTIE.DAF.CGCEAF","BENS",250005,29765072.34,"2023-01-02","2023-12-29",361,"MS.SCTIE.DAF.CGCEAF","1121/2022",1,"2023-01-02","Material",6505,"DROGAS E MEDICAMENTOS",18727,"LARONIDASE",310761,"CONCENTRAÇÃO: 0,58, FORMA FARMACÊUTICA: SOLUÇÃO INJETÁVEL","FR",1088.82,27337,29765072.34]
["369/2022","Aprovada","MS.SCTIE.DAF.CGCEAF","BENS",250005,18952253.1,"2023-01-02","2023-12-29",361,"MS.SCTIE.DAF.CGCEAF","1120/2022",1,"2023-01-02","Material",6505,"DROGAS E MEDICAMENTOS",17666,"LANREOTIDA ACETATO",446524,"CONCENTRAÇÃO: 120, FORMA FARMACEUTICA: SOLUÇÃO INJETÁVEL, CARACTERÍSTICAS ADICIONAIS: LIBERAÇÃO PROLONGADA","SER",1931.69,288,556326.72]
["369/2022","Aprovada","MS.SCTIE.DAF.CGCEAF","BENS",250005,18952253.1,"2023-01-02","2023-12-29",361,"MS.SCTIE.DAF.CGCEAF","1120/2022",2,"2023-01-02","Material",6505,"DROGAS E MEDICAMENTOS",17666,"LANREOTIDA ACETATO",443639,"CONCENTRAÇÃO: 180, FORMA FARMACEUTICA: SOLUÇÃO INJETÁVEL, CARACTERÍSTICAS ADICIONAIS: LIBERAÇÃO PROLONGADA","SER",2047.86,2066,4230878.76]
["369/2022","Aprovada","MS.SCTIE.DAF.CGCEAF","BENS",250005,18952253.1,"2023-01-02","2023-12-29",361,"MS.SCTIE.DAF.CGCEAF","1120/2022",3,"2023-01-02","Material",6505,"DROGAS E MEDICAMENTOS",17666,"LANREOTIDA ACETATO",443640,"CONCENTRAÇÃO: 240, FORMA FARMACEUTICA: SOLUÇÃO INJETÁVEL, CARACTERÍSTICAS ADICIONAIS: LIBERAÇÃO PROLONGADA","SER",2047.86,6917,14165047.62]
["370/2022","Aprovada","MS.SCTIE.DAF.CGCEAF","BENS",250005,10843746.9,"2023-01-02","2023-12-29",361,"MS.SCTIE.DAF.CGCEAF","1119/2022",1,"2023-01-02","Material",6505,"DROGAS E MEDICAMENTOS",4399,"IVACAFTOR",448290,"CONCENTRAÇÃO: 150","COMPR",876.05,12378,10843746.9]
["371/2022","Aprovada","MS.SCTIE.DAF.CGCEAF","BENS",250005,29262938.55,"2023-01-02","2023-12-29",361,"MS.SCTIE.DAF.CGCEAF","1118/2022",1,"2023-01-02","Material",6505,"DROGAS E MEDICAMENTOS",8428,"INSULINA",440255,"TIPO: ANÁLOGA DE AÇÃO RÁPIDA, CONCENTRAÇÃO: 100, FORMA FARMACEUTICA: SOLUÇÃO INJETÁVEL, ADICIONAIS: C/ SISTEMA DE APLICAÇÃO","TBTE",15.55,1881861,29262938.55]
["372/2022","Aprovada","MS.SCTIE.DAF.CGCEAF","BENS",250005,206550000,"2023-01-02","2023-12-29",361,"MS.SCTIE.DAF.CGCEAF","1117/2022",1,"2023-01-02","Material",6505,"DROGAS E MEDICAMENTOS",6234,"INFLIXIMABE",333447,"DOSAGEM: 100, FORMA FARMACÊUTICA: PÓ LIÓFILO P/INJETÁVEL","FR-AM",600,344250,206550000]
["373/2022","Aprovada","MS.SCTIE.DAF.CGCEAF","BENS",250005,425066162.4,"2023-01-02","2023-12-29",361,"MS.SCTIE.DAF.CGCEAF","1116/2022",1,"2023-01-02","Material",6505,"DROGAS E MEDICAMENTOS",8325,"IMUNOGLOBULINA HUMANA",455199,"CONCENTRAÇÃO: 5, FORMA FARMACEUTICA: INJETÁVEL","FR-AM",1035.6,410454,425066162.4]
["374/2022","Aprovada","MS.SCTIE.DAF.CGCEAF","BENS",250005,187638288,"2023-01-02","2023-12-29",361,"MS.SCTIE.DAF.CGCEAF","1115/2022",1,"2023-01-02","Material",6505,"DROGAS E MEDICAMENTOS",17685,"IMIGLUCERASE",383272,"CONCENTRAÇÃO: 400, FORMA FARMACEUTICA: PÓ LIÓFILO P/INJETÁVEL","FR-AM",2256,83173,187638288]
["375/2022","Aprovada","MS.SCTIE.DAF.CGCEAF","BENS",250005,108506585.88,"2023-01-02","2023-12-29",361,"MS.SCTIE.DAF.CGCEAF","1114/2022",1,"2023-01-02","Material",6505,"DROGAS E MEDICAMENTOS",18999,"IDURSULFASE",332383,"CONCENTRAÇÃO: 2, FORMA FARMACÊUTICA: SOLUÇÃO P/ INFUSÃO VENOSA","FR",5239.08,20711,108506585.88]
["376/2022","Aprovada","MS.SCTIE.DAF.CGCEAF","BENS",250005,50851421.78,"2023-01-02","2023-12-29",361,"MS.SCTIE.DAF.CGCEAF","1113/2022",1,"2023-01-02","Material",6505,"DROGAS E MEDICAMENTOS",17665,"GLATIRÂMER",452607,"COMPOSIÇÃO: ACETATO, CONCENTRAÇÃO: 40, FORMA FARMACEUTICA: SOLUÇÃO INJETÁVEL, CARACTERÍSTICAS ADICIONAIS 1: SERINGA PREENCHIDA","SER",117.83,431566,50851421.78]
["377/2022","Aprovada","MS.SCTIE.DAF.CGCEAF","BENS",250005,281504136.54,"2023-01-02","2023-12-29",361,"MS.SCTIE.DAF.CGCEAF","1112/2022",1,"2023-01-02","Material",6505,"DROGAS E MEDICAMENTOS",18971,"GALSULFASE",330537,"CONCENTRAÇÃO: 1, FORMA FARMACÊUTICA: CONCENTRADO PARA PERFUSÃO INJETÁVEL","FR",4551.18,61853,281504136.54]
["378/2022","Aprovada","MS.SCTIE.DAF.CGCEAF","BENS",250005,20158793.16,"2023-01-02","2023-12-29",361,"MS.SCTIE.DAF.CGCEAF","1111/2022",1,"2023-01-02","Material",6505,"DROGAS E MEDICAMENTOS",17994,"GALANTAMINA",276388,"COMPOSIÇÃO: SAL BROMIDRATO, CONCENTRAÇÃO: 8","CAPS",3.39,1318947,4471230.33]
["378/2022","Aprovada","MS.SCTIE.DAF.CGCEAF","BENS",250005,20158793.16,"2023-01-02","2023-12-29",361,"MS.SCTIE.DAF.CGCEAF","1111/2022",2,"2023-01-02","Material",6505,"DROGAS E MEDICAMENTOS",17994,"GALANTAMINA",315735,"COMPOSIÇÃO: SAL BROMIDRATO, CONCENTRAÇÃO: 16","CAPS",3.67,1696650,6226705.5]
["378/2022","Aprovada","MS.SCTIE.DAF.CGCEAF","BENS",250005,20158793.16,"2023-01-02","2023-12-29",361,"MS.SCTIE.DAF.CGCEAF","1111/2022",3,"2023-01-02","Material",6505,"DROGAS E MEDICAMENTOS",17994,"GALANTAMINA",315734,"COMPOSIÇÃO: SAL BROMIDRATO, CONCENTRAÇÃO: 24","CAPS",3.89,2432097,9460857.33]
["379/2022","Aprovada","MS.SCTIE.DAF.CGCEAF","BENS",250005,18422265.47,"2023-01-02","2023-12-29",361,"MS.SCTIE.DAF.CGCEAF","1110/2022",1,"2023-01-02","Material",6505,"DROGAS E MEDICAMENTOS",19449,"FUMARATO DE DIMETILA",437869,"CONCENTRAÇÃO: 120, CARACTERÍSTICAS ADICIONAIS: LIBERAÇÃO CONTROLADA","CAPS",3.19,17669,56364.11]
["379/2022","Aprovada","MS.SCTIE.DAF.CGCEAF","BENS",250005,18422265.47,"2023-01-02","2023-12-29",361,"MS.SCTIE.DAF.CGCEAF","1110/2022",2,"2023-01-02","Material",6505,"DROGAS E MEDICAMENTOS",19449,"FUMARATO DE DIMETILA",437870,"CONCENTRAÇÃO: 240, CARACTERÍSTICAS ADICIONAIS: LIBERAÇÃO CONTROLADA","CAPS",4.98,3687932,18365901.36]
["380/2022","Aprovada","MS.SCTIE.DAF.CGCEAF","BENS",250005,19880300.67,"2023-01-02","2023-12-29",361,"MS.SCTIE.DAF.CGCEAF","1109/2022",1,"2023-01-02","Material",6505,"DROGAS E MEDICAMENTOS",12255,"FINGOLIMODE CLORIDRATO",412094,"CONCENTRAÇÃO: 0,5","CAPS",27.49,723183,19880300.67]
["381/2022","Aprovada","MS.SCTIE.DAF.CGCEAF","BENS",250005,3961629,"2023-01-02","2023-12-29",361,"MS.SCTIE.DAF.CGCEAF","1108/2022",1,"2023-01-02","Material",6505,"DROGAS E MEDICAMENTOS",7427,"FILGRASTIM",268118,"APRESENTAÇÃO: 300MCG, TIPO USO: INJETÁVEL","MCG",0.0959,41310000,3961629]
["382/2022","Aprovada","MS.SCTIE.DAF.CGCEAF","BENS",250005,20139857.11,"2023-01-02","2023-12-29",361,"MS.SCTIE.DAF.CGCEAF","1107/2022",null,"2023-01-02","Material",6505,"DROGAS E MEDICAMENTOS",1972,"EVEROLIMO",369176,"CONCENTRAÇÃO: 0,50","COMPR",2.97,1571155,4666330.35]
["382/2022","Aprovada","MS.SCTIE.DAF.CGCEAF","BENS",250005,20139857.11,"2023-01-02","2023-12-29",361,"MS.SCTIE.DAF.CGCEAF","1107/2022",null,"2023-01-02","Material",6505,"DROGAS E MEDICAMENTOS",1972,"EVEROLIMO",369178,"CONCENTRAÇÃO: 0,75","COMPR",4.34,831174,3607295.16]
["382/2022","Aprovada","MS.SCTIE.DAF.CGCEAF","BENS",250005,20139857.11,"2023-01-02","2023-12-29",361,"MS.SCTIE.DAF.CGCEAF","1107/2022",null,"2023-01-02","Material",6505,"DROGAS E MEDICAMENTOS",1972,"EVEROLIMO",369179,"CONCENTRAÇÃO: 1","COMPR",5.8,2045902,11866231.6]
["383/2022","Aprovada","MS.SCTIE.DAF.CGCEAF","BENS",250005,46809950.4,"2023-01-02","2023-12-29",361,"MS.SCTIE.DAF.CGCEAF","1106/2022",1,"2023-01-02","Material",6505,"DROGAS E MEDICAMENTOS",17999,"ETANERCEPTE",448702,"CONCENTRAÇAO: 50, FORMA FARMACEUTICA: SOLUÇÃO INJETÁVEL, CARACTERÍSTICAS ADICIONAIS: SERINGA PREENCHIDA","FR-AM",265.05,176608,46809950.4]
["384/2022","Aprovada","MS.SCTIE.DAF.CGCEAF","BENS",250005,32930866,"2023-01-02","2023-12-29",361,"MS.SCTIE.DAF.CGCEAF","1105/2022",1,"2023-01-02","Material",6505,"DROGAS E MEDICAMENTOS",17999,"ETANERCEPTE",448657,"CONCENTRAÇAO: 25, FORMA FARMACEUTICA: PÓ LIÓFILO P/ INJETÁVEL + DILUENTE, CARACTERÍSTICAS ADICIONAIS: C/ CONJUNTO DE APLICAÇÃO","FR-AM",139,32670,4541130]
["384/2022","Aprovada","MS.SCTIE.DAF.CGCEAF","BENS",250005,32930866,"2023-01-02","2023-12-29",361,"MS.SCTIE.DAF.CGCEAF","1105/2022",2,"2023-01-02","Material",6505,"DROGAS E MEDICAMENTOS",17999,"ETANERCEPTE",448702,"CONCENTRAÇAO: 50, FORMA FARMACEUTICA: SOLUÇÃO INJETÁVEL, CARACTERÍSTICAS ADICIONAIS: SERINGA PREENCHIDA","FR-AM",160.75,176608,28389736]
["385/2022","Aprovada","MS.SCTIE.DAF.CGCEAF","BENS",250005,25452119.7,"2023-01-02","2023-12-29",361,"MS.SCTIE.DAF.CGCEAF","1104/2022",1,"2023-01-02","Material",6505,"DROGAS E MEDICAMENTOS",17680,"ENTACAPONA",272653,"DOSAGEM: 200","COMPR",1.89,13466730,25452119.7]
["386/2022","Aprovada","MS.SCTIE.DAF.CGCEAF","BENS",250005,47937633.12,"2023-01-02","2023-12-29",361,"MS.SCTIE.DAF.CGCEAF","1103/2022",1,"2023-01-02","Material",6505,"DROGAS E MEDICAMENTOS",6577,"ENOXAPARINA",448982,"CONCENTRAÇÃO: 100, FORMA FARMACEUTICA: SOLUÇÃO INJETÁVEL, CARACTERÍSTICAS ADICIONAIS 1: SERINGA PREENCHIDA","SER",16.23,2533384,41116822.32]
["386/2022","Aprovada","MS.SCTIE.DAF.CGCEAF","BENS",250005,47937633.12,"2023-01-02","2023-12-29",361,"MS.SCTIE.DAF.CGCEAF","1103/2022",2,"2023-01-02","Material",6505,"DROGAS E MEDICAMENTOS",6577,"ENOXAPARINA",448982,"CONCENTRAÇÃO: 100, FORMA FARMACEUTICA: SOLUÇÃO INJETÁVEL, CARACTERÍSTICAS ADICIONAIS 1: SERINGA PREENCHIDA","SER",22.9,297852,6820810.8]
["387/2022","Aprovada","MS.SCTIE.DAF.CGCEAF","BENS",250005,62887479.84,"2023-01-02","2023-12-29",361,"MS.SCTIE.DAF.CGCEAF","1102/2022",1,"2023-01-02","Material",6505,"DROGAS E MEDICAMENTOS",2594,"ELTROMBOPAG OLAMINA",410020,"CONCENTRAÇÃO: 50","COMPR",276.93,227088,62887479.84]
["388/2022","Aprovada","MS.SCTIE.DAF.CGCEAF","BENS",250005,527108542.8,"2023-01-02","2023-12-29",361,"MS.SCTIE.DAF.CGCEAF","1101/2022",1,"2023-01-02","Material",6505,"DROGAS E MEDICAMENTOS",2554,"ECULIZUMABE",368694,"CONCENTRAÇÃO: 10, FORMA FARMACÊUTICA: SOLUÇÃO INJETÁVEL","FR",12806.33,41160,527108542.8]
["389/2022","Aprovada","MS.SCTIE.DAF.CGCEAF","BENS",250005,2665579.2,"2023-01-02","2023-12-29",361,"MS.SCTIE.DAF.CGCEAF","1100/2022",1,"2023-01-02","Material",6505,"DROGAS E MEDICAMENTOS",17678,"DONEPEZILA",272785,"DOSAGEM: 5","COMPR",0.115,5065255,582504.33]
["389/2022","Aprovada","MS.SCTIE.DAF.CGCEAF","BENS",250005,2665579.2,"2023-01-02","2023-12-29",361,"MS.SCTIE.DAF.CGCEAF","1100/2022",2,"2023-01-02","Material",6505,"DROGAS E MEDICAMENTOS",17678,"DONEPEZILA",272786,"DOSAGEM: 10","COMPR",0.175,11903285,2083074.88]
["390/2022","Aprovada","MS.SCTIE.DAF.CGCEAF","BENS",250005,6534161.37,"2023-01-02","2023-12-29",361,"MS.SCTIE.DAF.CGCEAF","1099/2022",1,"2023-01-02","Material",6505,"DROGAS E MEDICAMENTOS",6106,"DESMOPRESSINA ACETATO",268074,"DOSAGEM: 0,1, APRESENTAÇÃO: SOLUÇÃO NASAL","FR",42.79,152703,6534161.37]
["391/2022","Aprovada","MS.SCTIE.DAF.CGCEAF","BENS",250005,137273.4,"2023-01-02","2023-12-29",361,"MS.SCTIE.DAF.CGCEAF","1098/2022",1,"2023-01-02","Material",6505,"DROGAS E MEDICAMENTOS",6106,"DESMOPRESSINA ACETATO",268573,"DOSAGEM: 0,1","COMPR",0.99,109620,108523.8]
["391/2022","Aprovada","MS.SCTIE.DAF.CGCEAF","BENS",250005,137273.4,"2023-01-02","2023-12-29",361,"MS.SCTIE.DAF.CGCEAF","1098/2022",2,"2023-01-02","Material",6505,"DROGAS E MEDICAMENTOS",6106,"DESMOPRESSINA ACETATO",268572,"DOSAGEM: 0,2","COMPR",1.98,14520,28749.6]
["392/2022","Aprovada","MS.SCTIE.DAF.CGCEAF","BENS",250005,9643784.42,"2023-01-02","2023-12-29",361,"MS.SCTIE.DAF.CGCEAF","1097/2022",1,"2023-01-02","Material",6505,"DROGAS E MEDICAMENTOS",18908,"DEFERASIROX",325838,"CONCENTRAÇÃO: 125, FORMA FARMACÊUTICA: COMPRIMIDO DISPERSÍVEL","COMPR",8,25109,200872]
["392/2022","Aprovada","MS.SCTIE.DAF.CGCEAF","BENS",250005,9643784.42,"2023-01-02","2023-12-29",361,"MS.SCTIE.DAF.CGCEAF","1097/2022",2,"2023-01-02","Material",6505,"DROGAS E MEDICAMENTOS",18908,"DEFERASIROX",325836,"CONCENTRAÇÃO: 250, FORMA FARMACÊUTICA: COMPRIMIDO DISPERSÍVEL","COMPR",6.86,142760,979333.6]
["392/2022","Aprovada","MS.SCTIE.DAF.CGCEAF","BENS",250005,9643784.42,"2023-01-02","2023-12-29",361,"MS.SCTIE.DAF.CGCEAF","1097/2022",3,"2023-01-02","Material",6505,"DROGAS E MEDICAMENTOS",18908,"DEFERASIROX",325838,"CONCENTRAÇÃO: 125, FORMA FARMACÊUTICA: COMPRIMIDO DISPERSÍVEL","COMPR",5.79,1461758,8463578.82]
["393/2022","Aprovada","MS.SCTIE.DAF.CGCEAF","BENS",250005,65141655.22,"2023-01-02","2023-12-29",361,"MS.SCTIE.DAF.CGCEAF","1096/2022",1,"2023-01-02","Material",6505,"DROGAS E MEDICAMENTOS",16536,"DASATINIBE",359135,"CONCENTRAÇÃO: 20","COMPR",14.57,509230,7419481.1]
["393/2022","Aprovada","MS.SCTIE.DAF.CGCEAF","BENS",250005,65141655.22,"2023-01-02","2023-12-29",361,"MS.SCTIE.DAF.CGCEAF","1096/2022",2,"2023-01-02","Material",6505,"DROGAS E MEDICAMENTOS",16536,"DASATINIBE",412031,"CONCENTRAÇÃO: 100","COMPR",72.89,791908,57722174.12]
["394/2022","Aprovada","MS.SCTIE.DAF.CGCEAF","BENS",250005,911661.24,"2023-01-02","2023-12-29",361,"MS.SCTIE.DAF.CGCEAF","1095/2022",1,"2023-01-02","Material",6505,"DROGAS E MEDICAMENTOS",16639,"COLISTIMETATO DE SÓDIO",438633,"CONCENTRAÇÃO: 1.000.000, FORMA FARMACÊUTICA: PÓ LIÓFILO P/ INJETÁVEL","FR-AM",10.55,43176,455506.8]
["394/2022","Aprovada","MS.SCTIE.DAF.CGCEAF","BENS",250005,911661.24,"2023-01-02","2023-12-29",361,"MS.SCTIE.DAF.CGCEAF","1095/2022",2,"2023-01-02","Material",6505,"DROGAS E MEDICAMENTOS",16639,"COLISTIMETATO DE SÓDIO",433853,"CONCENTRAÇÃO: 2.000.000, FORMA FARMACÊUTICA: PÓ LIÓFILO P/ INJETÁVEL","FR-AM",21.13,21588,456154.44]
["395/2022","Aprovada","MS.SCTIE.DAF.CGCEAF","BENS",250005,61220911.99,"2023-01-02","2023-12-29",361,"MS.SCTIE.DAF.CGCEAF","1094/2022",1,"2023-01-02","Material",6505,"DROGAS E MEDICAMENTOS",17677,"CLOZAPINA",272429,"DOSAGEM: 25","COMPR",0.38,3201158,1216440.04]
["395/2022","Aprovada","MS.SCTIE.DAF.CGCEAF","BENS",250005,61220911.99,"2023-01-02","2023-12-29",361,"MS.SCTIE.DAF.CGCEAF","1094/2022",2,"2023-01-02","Material",6505,"DROGAS E MEDICAMENTOS",17677,"CLOZAPINA",272431,"DOSAGEM: 100","COMPR",1.35,44447757,60004471.95]
["396/2022","Aprovada","MS.SCTIE.DAF.CGCEAF","BENS",250005,472253.76,"2023-01-02","2023-12-29",361,"MS.SCTIE.DAF.CGCEAF","1093/2022",1,"2023-01-02","Material",6505,"DROGAS E MEDICAMENTOS",17872,"SILDENAFILA",273820,"COMPOSIÇÃO: SAL CITRATO, CONCENTRAÇÃO: 25","COMPR",0.48,662244,317877.12]
["396/2022","Aprovada","MS.SCTIE.DAF.CGCEAF","BENS",250005,472253.76,"2023-01-02","2023-12-29",361,"MS.SCTIE.DAF.CGCEAF","1093/2022",2,"2023-01-02","Material",6505,"DROGAS E MEDICAMENTOS",17872,"SILDENAFILA",273821,"COMPOSIÇÃO: SAL CITRATO, CONCENTRAÇÃO: 50","COMPR",0.48,321618,154376.64]
["397/2022","Aprovada","MS.SCTIE.DAF.CGCEAF","BENS",250005,15563625.96,"2023-01-02","2023-12-29",361,"MS.SCTIE.DAF.CGCEAF","1092/2022",1,"2023-01-02","Material",6505,"DROGAS E MEDICAMENTOS",18659,"CINACALCETE",304788,"CONCENTRAÇÃO: 30","COMPR",1.08,9818659,10604151.72]
["397/2022","Aprovada","MS.SCTIE.DAF.CGCEAF","BENS",250005,15563625.96,"2023-01-02","2023-12-29",361,"MS.SCTIE.DAF.CGCEAF","1092/2022",2,"2023-01-02","Material",6505,"DROGAS E MEDICAMENTOS",18659,"CINACALCETE",304790,"CONCENTRAÇÃO: 60","COMPR",2.17,2285472,4959474.24]
["398/2022","Aprovada","MS.SCTIE.DAF.CGCEAF","BENS",250005,149305919.89,"2023-01-02","2023-12-29",361,"MS.SCTIE.DAF.CGCEAF","1091/2022",1,"2023-01-02","Material",6505,"DROGAS E MEDICAMENTOS",15388,"CERTOLIZUMABE PEGOL",414435,"CONCENTRAÇÃO: 200, FORMA FARMACÊUTICA: SOLUÇÃO INJETÁVEL, CARACTERÍSTICA ADICIONAL: SERINGA PREENCHIDA, COM LENÇO UMIDECIDO","SER",491.23,303943,149305919.89]
["399/2022","Aprovada","MS.SCTIE.DAF.CGCEAF","BENS",250005,152633544.24,"2023-01-02","2023-12-29",361,"MS.SCTIE.DAF.CGCEAF","1090/2022",1,"2023-01-02","Material",6505,"DROGAS E MEDICAMENTOS",19688,"BUROSUMABE",458858,"CONCENTRAÇÃO: 10, FORMA FARMACÊUTICA: SOLUÇÃO INJETÁVEL","FR-AM",10167.42,1800,18301356]
["399/2022","Aprovada","MS.SCTIE.DAF.CGCEAF","BENS",250005,152633544.24,"2023-01-02","2023-12-29",361,"MS.SCTIE.DAF.CGCEAF","1090/2022",2,"2023-01-02","Material",6505,"DROGAS E MEDICAMENTOS",19688,"BUROSUMABE",458859,"CONCENTRAÇÃO: 20, FORMA FARMACÊUTICA: SOLUÇÃO INJETÁVEL","FR-AM",20334.88,4428,90042848.64]
["399/2022","Aprovada","MS.SCTIE.DAF.CGCEAF","BENS",250005,152633544.24,"2023-01-02","2023-12-29",361,"MS.SCTIE.DAF.CGCEAF","1090/2022",3,"2023-01-02","Material",6505,"DROGAS E MEDICAMENTOS",19688,"BUROSUMABE",458860,"CONCENTRAÇÃO: 30, FORMA FARMACÊUTICA: SOLUÇÃO INJETÁVEL","FR-AM",30502.3,1452,44289339.6]
["400/2022","Aprovada","MS.SCTIE.DAF.CGCEAF","BENS",250005,3616149.9,"2023-01-02","2023-12-29",361,"MS.SCTIE.DAF.CGCEAF","1089/2022",1,"2023-01-02","Material",6505,"DROGAS E MEDICAMENTOS",18092,"BOSENTANA",280115,"DOSAGEM: 125","COMPR",8.83,378114,3338746.62]
["400/2022","Aprovada","MS.SCTIE.DAF.CGCEAF","BENS",250005,3616149.9,"2023-01-02","2023-12-29",361,"MS.SCTIE.DAF.CGCEAF","1089/2022",2,"2023-01-02","Material",6505,"DROGAS E MEDICAMENTOS",18092,"BOSENTANA",280116,"DOSAGEM: 62,5","COMPR",8.83,31416,277403.28]
["401/2022","Aprovada","MS.SCTIE.DAF.CGCEAF","BENS",250005,97010.4,"2023-01-02","2023-12-29",361,"MS.SCTIE.DAF.CGCEAF","1088/2022",1,"2023-01-02","Material",6505,"DROGAS E MEDICAMENTOS",10035,"BIOTINA",439450,"CONCENTRAÇÃO: 2,5","CAPS",0.8,121263,97010.4]
["402/2022","Aprovada","MS.SCTIE.DAF.CGCEAF","BENS",250005,9861309.3,"2023-01-02","2023-12-29",361,"MS.SCTIE.DAF.CGCEAF","1087/2022",1,"2023-01-02","Material",6505,"DROGAS E MEDICAMENTOS",15156,"BIMATOPROSTA",271848,"DOSAGEM: 0,3 MG/ML, APRESENTAÇÃO: SOLUÇÃO OFTÁLMICA","FR",10.95,304718,3336662.1]
["402/2022","Aprovada","MS.SCTIE.DAF.CGCEAF","BENS",250005,9861309.3,"2023-01-02","2023-12-29",361,"MS.SCTIE.DAF.CGCEAF","1087/2022",2,"2023-01-02","Material",6505,"DROGAS E MEDICAMENTOS",14546,"LATANOPROSTA",294417,"CONCENTRAÇÃO: 50, FORMA FARMACÊUTICA: SOLUÇÃO OFTÁLMICA","FR",8.7,493656,4294807.2]
["402/2022","Aprovada","MS.SCTIE.DAF.CGCEAF","BENS",250005,9861309.3,"2023-01-02","2023-12-29",361,"MS.SCTIE.DAF.CGCEAF","1087/2022",3,"2023-01-02","Material",6505,"DROGAS E MEDICAMENTOS",17746,"TRAVOPROSTA",268005,"DOSAGEM: 0,04, APRESENTAÇÃO: SOLUÇÃO OFTÁLMICA","FR",7.5,297312,2229840]
["403/2022","Aprovada","MS.SCTIE.DAF.CGCEAF","BENS",250005,9412496.99,"2023-01-02","2023-12-29",361,"MS.SCTIE.DAF.CGCEAF","1086/2022",1,"2023-01-02","Material",6505,"DROGAS E MEDICAMENTOS",17686,"INTERFERONA",394316,"COMPOSIÇÃO: BETA 1B, CONCENTRAÇÃO: 9.600.000, FORMA FARMACEUTICA: PÓ LIÓFILO P/ INJETÁVEL, C/ SISTEMA DE APLICAÇÃO","FR-AM",98.93,95143,9412496.99]
["404/2022","Aprovada","MS.SCTIE.DAF.CGCEAF","BENS",250005,6267838.6,"2023-01-02","2023-12-29",361,"MS.SCTIE.DAF.CGCEAF","1085/2022",1,"2023-01-02","Material",6505,"DROGAS E MEDICAMENTOS",17686,"INTERFERONA",448990,"COMPOSIÇÃO: BETA 1A, CONCENTRAÇÃO: 44, FORMA FARMACEUTICA: SOLUÇÃO INJETÁVEL, CARACTERÍSTICAS ADICIONAIS: SERINGA PREENCHIDA","FR-AM",343.82,18230,6267838.6]
["405/2022","Aprovada","MS.SCTIE.DAF.CGCEAF","BENS",250005,3984872,"2023-01-02","2023-12-29",361,"MS.SCTIE.DAF.CGCEAF","1084/2022",1,"2023-01-02","Material",6505,"DROGAS E MEDICAMENTOS",19858,"BARICITINIBE",472278,"CONCENTRAÇÃO: 4","COMPR",32.8,121490,3984872]
["406/2022","Aprovada","MS.SCTIE.DAF.CGCEAF","BENS",250005,20388576.6,"2023-01-02","2023-12-29",361,"MS.SCTIE.DAF.CGCEAF","1083/2022",1,"2023-01-02","Material",6505,"DROGAS E MEDICAMENTOS",19620,"ALFAVESTRONIDASE",451638,"CONCENTRAÇÃO: 2, FORMA FARMACÊUTICA: SOLUÇÃO INJETÁVEL","FR",6269.55,3252,20388576.6]
["407/2022","Aprovada","MS.SCTIE.DAF.CGCEAF","BENS",250005,1926144,"2023-01-02","2023-12-29",361,"MS.SCTIE.DAF.CGCEAF","1082/2022",1,"2023-01-02","Material",6505,"DROGAS E MEDICAMENTOS",15796,"ALFAVELAGLICERASE",394678,"CONCENTRAÇÃO: 400 U, FORMA FARMACÊUTICA: PÓ LIÓFILO P/ INJETÁVEL","FR-AM",4.18,460800,1926144]
["408/2022","Aprovada","MS.SCTIE.DAF.CGCEAF","BENS",250005,277441863.02,"2023-01-02","2023-12-29",361,"MS.SCTIE.DAF.CGCEAF","1081/2022",1,"2023-01-02","Material",6505,"DROGAS E MEDICAMENTOS",6869,"ALFAEPOETINA",465316,"CONCENTRAÇÃO: 1.000, FORMA FARMACEUTICA: INJETÁVEL","FR-AM",25.7,22657,582284.9]
["408/2022","Aprovada","MS.SCTIE.DAF.CGCEAF","BENS",250005,277441863.02,"2023-01-02","2023-12-29",361,"MS.SCTIE.DAF.CGCEAF","1081/2022",2,"2023-01-02","Material",6505,"DROGAS E MEDICAMENTOS",6869,"ALFAEPOETINA",465317,"CONCENTRAÇÃO: 2.000, FORMA FARMACEUTICA: INJETÁVEL","FR-AM",12.97,245321,3181813.37]
["408/2022","Aprovada","MS.SCTIE.DAF.CGCEAF","BENS",250005,277441863.02,"2023-01-02","2023-12-29",361,"MS.SCTIE.DAF.CGCEAF","1081/2022",3,"2023-01-02","Material",6505,"DROGAS E MEDICAMENTOS",6869,"ALFAEPOETINA",465318,"CONCENTRAÇÃO: 3.000, FORMA FARMACEUTICA: INJETÁVEL","FR-AM",18.05,725731,13099444.55]
["408/2022","Aprovada","MS.SCTIE.DAF.CGCEAF","BENS",250005,277441863.02,"2023-01-02","2023-12-29",361,"MS.SCTIE.DAF.CGCEAF","1081/2022",4,"2023-01-02","Material",6505,"DROGAS E MEDICAMENTOS",6869,"ALFAEPOETINA",465319,"CONCENTRAÇÃO: 4.000, FORMA FARMACEUTICA: INJETÁVEL","FR-AM",17.65,13575292,239603903.8]
["408/2022","Aprovada","MS.SCTIE.DAF.CGCEAF","BENS",250005,277441863.02,"2023-01-02","2023-12-29",361,"MS.SCTIE.DAF.CGCEAF","1081/2022",5,"2023-01-02","Material",6505,"DROGAS E MEDICAMENTOS",6869,"ALFAEPOETINA",465320,"CONCENTRAÇÃO: 10.000, FORMA FARMACEUTICA: INJETÁVEL","FR-AM",23.8,881278,20974416.4]
["409/2022","Aprovada","MS.SCTIE.DAF.CGCEAF","BENS",250005,68052891.28,"2023-01-02","2023-12-29",361,"MS.SCTIE.DAF.CGCEAF","1080/2022",1,"2023-01-02","Material",6505,"DROGAS E MEDICAMENTOS",8502,"ELOSULFASE ALFA",428790,"CONCENTRAÇÃO: 1, FORMA FARMACÊUTICA: SOLUÇÃO INJETÁVEL","FR",2742.52,24814,68052891.28]
["410/2022","Aprovada","MS.SCTIE.DAF.CGCEAF","BENS",250005,88847953.92,"2023-01-02","2023-12-29",361,"MS.SCTIE.DAF.CGCEAF","1079/2022",1,"2023-01-02","Material",6505,"DROGAS E MEDICAMENTOS",6389,"ALFADORNASE",272787,"DOSAGEM: 1, APRESENTAÇÃO: SOLUÇÃO PARA INALAÇÃO","AM",97.38,912384,88847953.92]
["411/2022","Aprovada","MS.SCTIE.DAF.CGCEAF","BENS",250005,16551676.05,"2023-01-02","2023-12-29",361,"MS.SCTIE.DAF.CGCEAF","1078/2022",1,"2023-01-02","Material",6505,"DROGAS E MEDICAMENTOS",19627,"CERLIPONASE",452495,"COMPOSIÇÃO: ALFA, CONCENTRAÇÃO: 30, FORMA FARMACÊUTICA: SOLUÇÃO INJETÁVEL","FR",84880.39,195,16551676.05]
["412/2022","Aprovada","MS.SCTIE.DAF.CGCEAF","BENS",250005,40698504,"2023-01-02","2023-12-29",361,"MS.SCTIE.DAF.CGCEAF","1077/2022",1,"2023-01-02","Material",6505,"DROGAS E MEDICAMENTOS",1769,"ALFA-ALGLICOSIDASE",359903,"CONCENTRAÇÃO: 50, FORMA FARMACÊUTICA: PÓ LIÓFILO P/ INJETÁVEL","FR-AM",1386,29364,40698504]
["413/2022","Aprovada","MS.SCTIE.DAF.CGCEAF","BENS",250005,6435576.18,"2023-01-02","2023-12-29",361,"MS.SCTIE.DAF.CGCEAF","1076/2022",1,"2023-01-02","Material",6505,"DROGAS E MEDICAMENTOS",6245,"ALENTUZUMABE",388865,"CONCENTRAÇÃO: 10, FORMA FARMACÊUTICA: SOLUÇÃO INJETÁVEL","FR",9648.54,667,6435576.18]
["414/2022","Aprovada","MS.SCTIE.DAF.CGCEAF","BENS",250005,102848554.56,"2023-01-02","2023-12-29",361,"MS.SCTIE.DAF.CGCEAF","1075/2022",1,"2023-01-02","Material",6505,"DROGAS E MEDICAMENTOS",18377,"ADALIMUMABE",290058,"CONCENTRAÇÃO: 40, APRESENTAÇÃO: SOLUÇÃO INJETÁVEL","SER",134.34,765584,102848554.56]
["415/2022","Aprovada","MS.SCTIE.DAF.CGCEAF","BENS",250005,876418.65,"2023-01-02","2023-12-29",361,"MS.SCTIE.DAF.CGCEAF","1074/2022",1,"2023-01-02","Material",6505,"DROGAS E MEDICAMENTOS",1605,"ABATACEPTE",365451,"CONCENTRAÇÃO: 250, FORMA FARMACÊUTICA: PÓ LIÓFILO P/ INJETÁVEL, CARACTERÍSTICA ADICIONAL: C/ SERINGA DESCARTÁVEL","FR-AM",351.27,2495,876418.65]
["416/2022","Aprovada","MS.SCTIE.DAF.CGCEAF","BENS",250005,59095104.56,"2023-01-02","2023-12-29",361,"MS.SCTIE.DAF.CGCEAF","1073/2022",1,"2023-01-02","Material",6505,"DROGAS E MEDICAMENTOS",1605,"ABATACEPTE",434765,"CONCENTRAÇÃO: 125, FORMA FARMACÊUTICA: SOLUÇÃO INJETÁVEL, CARACTERÍSTICA ADICIONAL: SERINGA PREENCHIDA","SER",244.52,241678,59095104.56]
["417/2022","Aprovada","MS.SVS.DCCI.CGAHV","BENS",250005,72551432.52,"2023-01-02","2023-12-29",361,"MS.SVS.DCCI.CGAHV","144/2022",null,"2023-01-31","Material",6505,"DROGAS E MEDICAMENTOS",18640,"SOFOSBUVIR",477885,"COMPOSIÇÃO: ASSOCIADO AO VELPATASVIR E VOXILAPREVIR, CONCENTRAÇÃO: 400 MG + 100 MG + 100","COMPR",112.785,643272,72551432.52]
["418/2022","Aprovada","MS.SVS.DCCI.CGAHV","BENS",250005,3165645,"2022-12-05","2023-12-29",389,"MS.SVS.DCCI.CGAHV","143/2022",null,"2023-01-31","Material",6505,"DROGAS E MEDICAMENTOS",17686,"INTERFERONA",448989,"FORMA FARMACEUTICA: SOLUÇÃO INJETÁVEL, CARACTERÍSTICAS ADICIONAIS: SERINGA PREENCHIDA, COMPOSIÇÃO: ALFA PEGUILADO 2A, CONCENTRAÇÃO: 360","FR-AM",602.98,5250,3165645]
["419/2022","Aprovada","MS.SVS.DCCI.CGAHV","BENS",250005,3889770,"2023-01-02","2023-12-29",361,"MS.SVS.DCCI.CGAHV","142/2022",null,"2023-01-31","Material",6505,"DROGAS E MEDICAMENTOS",8325,"IMUNOGLOBULINA HUMANA",273567,"TIPO: HIPER IMUNI PARA HEPATITE B, APRESENTAÇÃO: SOLUÇÃO INJETÁVEL, DOSAGEM: 200","AM",870,4471,3889770]
["420/2022","Aprovada","MS.SVS.DCCI.CGAHV","BENS",250005,31315200,"2023-01-02","2023-12-29",361,"MS.SVS.DCCI.CGAHV","141/2022",null,"2023-01-31","Material",6505,"DROGAS E MEDICAMENTOS",18640,"SOFOSBUVIR",477885,"COMPOSIÇÃO: ASSOCIADO AO VELPATASVIR E VOXILAPREVIR, CONCENTRAÇÃO: 400 MG + 100 MG + 100","COMPR",372.8,84000,31315200]
["421/2022","Aprovada","MS.SVS.DCCI.CGAHV","BENS",250005,18235192.5,"2023-01-02","2023-12-29",361,"MS.SVS.DCCI.CGAHV","140/2022",null,"2023-01-31","Material",6505,"DROGAS E MEDICAMENTOS",19822,"TENOFOVIR ALAFENAMIDA",467108,"CONCENTRAÇÃO: 25","COMPR",15.75,1157790,18235192.5]
["422/2022","Aprovada","MS.SVS.DCCI.CGAHV","BENS",250005,49665000,"2023-01-02","2023-12-29",361,"MS.SVS.DCCI.CGAHV","137/2022",null,"2023-01-31","Material",6505,"DROGAS E MEDICAMENTOS",18786,"ENTECAVIR",315088,"CONCENTRAÇÃO: 0,5","COMPR",9.03,5500000,49665000]
["423/2022","Aprovada","MS.SVS.DCCI.CGAHV","BENS",250005,400929744.6,"2023-01-02","2023-12-29",361,"MS.SVS.DCCI.CGAHV","139/2022",null,"2023-01-31","Material",6505,"DROGAS E MEDICAMENTOS",18640,"SOFOSBUVIR",449569,"COMPOSIÇÃO: ASSOCIADO AO VELPATASVIR, CONCENTRAÇÃO: 400 MG + 100","COMPR",91.41,4386060,400929744.6]
["424/2022","Aprovada","MS.SVS.DCCI.CGAHV","BENS",250005,2204198.92,"2023-01-02","2023-12-29",361,"MS.SVS.DCCI.CGAHV","136/2022",null,"2023-01-31","Material",6505,"DROGAS E MEDICAMENTOS",18640,"SOFOSBUVIR",431599,"CONCENTRAÇÃO: 400","COMPR",38.27,57596,2204198.92]
["425/2022","Aprovada","MS.SVS.DCCI.CGAHV","BENS",250005,1777061527.73,"2023-01-02","2023-12-29",361,"MS.SVS.DCCI.CGAHV","102/2022",1,"2023-01-31","Material",6505,"DROGAS E MEDICAMENTOS",3196,"ETRAVIRINA",357657,"CONCENTRAÇÃO: 100","COMPR",5.25,8400,44100]
["425/2022","Aprovada","MS.SVS.DCCI.CGAHV","BENS",250005,1777061527.73,"2023-01-02","2023-12-29",361,"MS.SVS.DCCI.CGAHV","102/2022",2,"2023-01-31","Material",6505,"DROGAS E MEDICAMENTOS",3196,"ETRAVIRINA",436711,"CONCENTRAÇÃO: 200","COMPR",10.5,1806000,18963000]
["425/2022","Aprovada","MS.SVS.DCCI.CGAHV","BENS",250005,1777061527.73,"2023-01-02","2023-12-29",361,"MS.SVS.DCCI.CGAHV","102/2022",3,"2023-01-31","Material",6505,"DROGAS E MEDICAMENTOS",8639,"LAMIVUDINA",268345,"DOSAGEM: 150","COMPR",0.67,36000000,24120000]
["425/2022","Aprovada","MS.SVS.DCCI.CGAHV","BENS",250005,1777061527.73,"2023-01-02","2023-12-29",361,"MS.SVS.DCCI.CGAHV","102/2022",4,"2023-01-31","Material",6505,"DROGAS E MEDICAMENTOS",10079,"NEVIRAPINA",268353,"DOSAGEM: 200","COMPR",1.1784,900000,1060560]
["425/2022","Aprovada","MS.SVS.DCCI.CGAHV","BENS",250005,1777061527.73,"2023-01-02","2023-12-29",361,"MS.SVS.DCCI.CGAHV","102/2022",5,"2023-01-31","Material",6505,"DROGAS E MEDICAMENTOS",10079,"NEVIRAPINA",268816,"DOSAGEM: 10, APRESENTAÇÃO: SUSPENSÃO ORAL","FR",16.1195,1500,24179.25]
["425/2022","Aprovada","MS.SVS.DCCI.CGAHV","BENS",250005,1777061527.73,"2023-01-02","2023-12-29",361,"MS.SVS.DCCI.CGAHV","102/2022",6,"2023-01-31","Material",6505,"DROGAS E MEDICAMENTOS",19163,"RALTEGRAVIR",428080,"CONCENTRAÇÃO: 100","COMPR",4.3054,180000,774972]
["425/2022","Aprovada","MS.SVS.DCCI.CGAHV","BENS",250005,1777061527.73,"2023-01-02","2023-12-29",361,"MS.SVS.DCCI.CGAHV","102/2022",7,"2023-01-31","Material",6505,"DROGAS E MEDICAMENTOS",19163,"RALTEGRAVIR",353332,"CONCENTRAÇÃO: 400","COMPR",8.3945,2007480,16851790.86]
["425/2022","Aprovada","MS.SVS.DCCI.CGAHV","BENS",250005,1777061527.73,"2023-01-02","2023-12-29",361,"MS.SVS.DCCI.CGAHV","102/2022",8,"2023-01-31","Material",6505,"DROGAS E MEDICAMENTOS",11760,"RITONAVIR",427509,"CONCENTRAÇÃO: 100","COMPR",1.0117,42030000,42521751]
["425/2022","Aprovada","MS.SVS.DCCI.CGAHV","BENS",250005,1777061527.73,"2023-01-02","2023-12-29",361,"MS.SVS.DCCI.CGAHV","102/2022",9,"2023-01-31","Material",6505,"DROGAS E MEDICAMENTOS",11760,"RITONAVIR",449803,"CONCENTRAÇÃO: 100, FORMA FARMACEUTICA: PÓ PARA SUSPENSÃO ORAL","ENV",38.625,616,23793]
["425/2022","Aprovada","MS.SVS.DCCI.CGAHV","BENS",250005,1777061527.73,"2023-01-02","2023-12-29",361,"MS.SVS.DCCI.CGAHV","102/2022",10,"2023-01-31","Material",6505,"DROGAS E MEDICAMENTOS",17779,"TENOFOVIR",439142,"COMPOSIÇÃO: ASSOCIADA À ENTRICITABINA, CONCENTRAÇÃO: 300 MG + 200","COMPR",3.21,18300000,58743000]
["425/2022","Aprovada","MS.SVS.DCCI.CGAHV","BENS",250005,1777061527.73,"2023-01-02","2023-12-29",361,"MS.SVS.DCCI.CGAHV","102/2022",null,"2023-01-31","Material",6505,"DROGAS E MEDICAMENTOS",17779,"TENOFOVIR",268825,"DOSAGEM: 300","COMPR",0.91,8550000,7780500]
["425/2022","Aprovada","MS.SVS.DCCI.CGAHV","BENS",250005,1777061527.73,"2023-01-02","2023-12-29",361,"MS.SVS.DCCI.CGAHV","102/2022",null,"2023-01-31","Material",6505,"DROGAS E MEDICAMENTOS",17779,"TENOFOVIR",428423,"COMPOSIÇÃO: ASSOCIADA À LAMIVUDINA, CONCENTRAÇÃO: 300 MG + 300","COMPR",2.24,165000000,369600000]
["425/2022","Aprovada","MS.SVS.DCCI.CGAHV","BENS",250005,1777061527.73,"2023-01-02","2023-12-29",361,"MS.SVS.DCCI.CGAHV","102/2022",null,"2023-01-31","Material",6505,"DROGAS E MEDICAMENTOS",6425,"EFAVIRENZ",427335,"COMPOSIÇÃO: ASSOCIADO COM LAMIVUDINA E TENOFOVIR, CONCENTRAÇÃO: 600MG + 300MG + 300","COMPR",0.8755,26100000,22850550]
["425/2022","Aprovada","MS.SVS.DCCI.CGAHV","BENS",250005,1777061527.73,"2023-01-02","2023-12-29",361,"MS.SVS.DCCI.CGAHV","102/2022",null,"2023-01-31","Material",6505,"DROGAS E MEDICAMENTOS",13494,"ZIDOVUDINA",268359,"DOSAGEM: 100","COMPR",0.2883,600000,172980]
["425/2022","Aprovada","MS.SVS.DCCI.CGAHV","BENS",250005,1777061527.73,"2023-01-02","2023-12-29",361,"MS.SVS.DCCI.CGAHV","102/2022",null,"2023-01-31","Material",6505,"DROGAS E MEDICAMENTOS",13494,"ZIDOVUDINA",272094,"COMPOSIÇÃO: ASSOCIADA COM LAMIVUDINA, CONCENTRAÇÃO: 300MG + 150MG","COMPR",1.22,24000000,29280000]
["425/2022","Aprovada","MS.SVS.DCCI.CGAHV","BENS",250005,1777061527.73,"2023-01-02","2023-12-29",361,"MS.SVS.DCCI.CGAHV","102/2022",null,"2023-01-31","Material",6505,"DROGAS E MEDICAMENTOS",13494,"ZIDOVUDINA",268361,"DOSAGEM: 10, APRESENTAÇÃO: INJETÁVEL","FR",6.97,12000,83640]
["425/2022","Aprovada","MS.SVS.DCCI.CGAHV","BENS",250005,1777061527.73,"2023-01-02","2023-12-29",361,"MS.SVS.DCCI.CGAHV","102/2022",null,"2023-01-31","Material",6505,"DROGAS E MEDICAMENTOS",13494,"ZIDOVUDINA",308890,"CONCENTRAÇÃO: 10, FORMA FARMACÊUTICA: XAROPE","FR",44.084,40416,1781698.94]
["425/2022","Aprovada","MS.SVS.DCCI.CGAHV","BENS",250005,1777061527.73,"2023-01-02","2023-12-29",361,"MS.SVS.DCCI.CGAHV","102/2022",null,"2023-01-31","Material",6505,"DROGAS E MEDICAMENTOS",17764,"LOPINAVIR",380545,"COMPOSIÇÃO: ASSOCIADO COM RITONAVIR, CONCENTRAÇÃO: 100 MG + 25","COMPR",1.1989,776400,930825.96]
["425/2022","Aprovada","MS.SVS.DCCI.CGAHV","BENS",250005,1777061527.73,"2023-01-02","2023-12-29",361,"MS.SVS.DCCI.CGAHV","102/2022",null,"2023-01-31","Material",6505,"DROGAS E MEDICAMENTOS",17764,"LOPINAVIR",350587,"COMPOSIÇÃO: ASSOCIADO COM RITONAVIR, CONCENTRAÇÃO: 80MG + 20, FORMA FARMACEUTICA: SOLUÇÃO ORAL","FR",113.506,7497,850954.48]
["425/2022","Aprovada","MS.SVS.DCCI.CGAHV","BENS",250005,1777061527.73,"2023-01-02","2023-12-29",361,"MS.SVS.DCCI.CGAHV","102/2022",null,"2023-01-31","Material",6505,"DROGAS E MEDICAMENTOS",9031,"MARAVIROQUE",363933,"CONCENTRAÇÃO: 150","COMPR",21.0635,672900,14173629.15]
["425/2022","Aprovada","MS.SVS.DCCI.CGAHV","BENS",250005,1777061527.73,"2023-01-02","2023-12-29",361,"MS.SVS.DCCI.CGAHV","102/2022",null,"2023-01-31","Material",6505,"DROGAS E MEDICAMENTOS",9572,"DOLUTEGRAVIR",433687,"CONCENTRAÇÃO: 50","COMPR",4.399,180000000,791820000]
["425/2022","Aprovada","MS.SVS.DCCI.CGAHV","BENS",250005,1777061527.73,"2023-01-02","2023-12-29",361,"MS.SVS.DCCI.CGAHV","102/2022",null,"2023-01-31","Material",6505,"DROGAS E MEDICAMENTOS",18797,"ENFUVIRTIDA",336183,"CONCENTRAÇÃO: 108, FORMA FARMACÊUTICA: PÓ LIÓFILO P/ INJETÁVEL","CJ",3698.49,750,2773867.5]
["425/2022","Aprovada","MS.SVS.DCCI.CGAHV","BENS",250005,1777061527.73,"2023-01-02","2023-12-29",361,"MS.SVS.DCCI.CGAHV","102/2022",null,"2023-01-31","Material",6505,"DROGAS E MEDICAMENTOS",19163,"RALTEGRAVIR",465547,"CONCENTRAÇÃO: 100, FORMA FARMACÊUTICA: GRANULADO PARA SUSPENSÃO ORAL, CARACTERÍSTICAS ADICIONAIS: SACHÊ, COM SERINGAS DOSEADORAS E COPOS","CJ",1331.79,2000,2663580]
["425/2022","Aprovada","MS.SVS.DCCI.CGAHV","BENS",250005,1777061527.73,"2023-01-02","2023-12-29",361,"MS.SVS.DCCI.CGAHV","102/2022",null,"2023-01-31","Material",6505,"DROGAS E MEDICAMENTOS",19009,"DARUNAVIR",467031,"CONCENTRAÇÃO: 800","COMPR",7.91,18000000,142380000]
["425/2022","Aprovada","MS.SVS.DCCI.CGAHV","BENS",250005,1777061527.73,"2023-01-02","2023-12-29",361,"MS.SVS.DCCI.CGAHV","102/2022",null,"2023-01-31","Material",6505,"DROGAS E MEDICAMENTOS",9572,"DOLUTEGRAVIR",480862,"CONCENTRAÇÃO: 5, FORMA FARMACÊUTICA: P/ SUSPENSÃO ORAL","COMPR",6.6435,1350000,8968725]
["425/2022","Aprovada","MS.SVS.DCCI.CGAHV","BENS",250005,1777061527.73,"2023-01-02","2023-12-29",361,"MS.SVS.DCCI.CGAHV","102/2022",null,"2023-01-31","Material",6505,"DROGAS E MEDICAMENTOS",8639,"LAMIVUDINA",328810,"DOSAGEM: 10, FORMA FARMACÊUTICA: SOLUÇÃO ORAL","FR",29.99,67892,2036081.08]
["425/2022","Aprovada","MS.SVS.DCCI.CGAHV","BENS",250005,1777061527.73,"2023-01-02","2023-12-29",361,"MS.SVS.DCCI.CGAHV","102/2022",null,"2023-01-31","Material",6505,"DROGAS E MEDICAMENTOS",1601,"ABACAVIR SULFATO",268315,"DOSAGEM: 300","COMPR",1.6995,3260760,5541661.62]
["425/2022","Aprovada","MS.SVS.DCCI.CGAHV","BENS",250005,1777061527.73,"2023-01-02","2023-12-29",361,"MS.SVS.DCCI.CGAHV","102/2022",null,"2023-01-31","Material",6505,"DROGAS E MEDICAMENTOS",1601,"ABACAVIR SULFATO",268317,"DOSAGEM: 20, APRESENTAÇÃO: SOLUÇÃO ORAL","FR",115.8235,7920,917322.12]
["425/2022","Aprovada","MS.SVS.DCCI.CGAHV","BENS",250005,1777061527.73,"2023-01-02","2023-12-29",361,"MS.SVS.DCCI.CGAHV","102/2022",null,"2023-01-31","Material",6505,"DROGAS E MEDICAMENTOS",17778,"ATAZANAVIR SULFATO",363843,"CONCENTRAÇÃO: 300","CAPS",6.2431,15600000,97392360]
["425/2022","Aprovada","MS.SVS.DCCI.CGAHV","BENS",250005,1777061527.73,"2023-01-02","2023-12-29",361,"MS.SVS.DCCI.CGAHV","102/2022",null,"2023-01-31","Material",6505,"DROGAS E MEDICAMENTOS",19009,"DARUNAVIR",393781,"CONCENTRAÇÃO: 150","COMPR",1.52,100800,153216]
["425/2022","Aprovada","MS.SVS.DCCI.CGAHV","BENS",250005,1777061527.73,"2023-01-02","2023-12-29",361,"MS.SVS.DCCI.CGAHV","102/2022",null,"2023-01-31","Material",6505,"DROGAS E MEDICAMENTOS",19009,"DARUNAVIR",393780,"CONCENTRAÇÃO: 600","COMPR",5.82,18000000,104760000]
["425/2022","Aprovada","MS.SVS.DCCI.CGAHV","BENS",250005,1777061527.73,"2023-01-02","2023-12-29",361,"MS.SVS.DCCI.CGAHV","102/2022",null,"2023-01-31","Material",6505,"DROGAS E MEDICAMENTOS",19009,"DARUNAVIR",393779,"CONCENTRAÇÃO: 75","COMPR",0.76,47040,35750.4]
["425/2022","Aprovada","MS.SVS.DCCI.CGAHV","BENS",250005,1777061527.73,"2023-01-02","2023-12-29",361,"MS.SVS.DCCI.CGAHV","102/2022",null,"2023-01-31","Material",6505,"DROGAS E MEDICAMENTOS",6425,"EFAVIRENZ",268337,"DOSAGEM: 200","COMPR",0.618,70020,43272.36]
["425/2022","Aprovada","MS.SVS.DCCI.CGAHV","BENS",250005,1777061527.73,"2023-01-02","2023-12-29",361,"MS.SVS.DCCI.CGAHV","102/2022",null,"2023-01-31","Material",6505,"DROGAS E MEDICAMENTOS",6425,"EFAVIRENZ",268808,"DOSAGEM: 30, APRESENTAÇÃO: SOLUÇÃO ORAL","FR",72.51,2500,181275]
["425/2022","Aprovada","MS.SVS.DCCI.CGAHV","BENS",250005,1777061527.73,"2023-01-02","2023-12-29",361,"MS.SVS.DCCI.CGAHV","102/2022",null,"2023-01-31","Material",6505,"DROGAS E MEDICAMENTOS",6425,"EFAVIRENZ",268812,"DOSAGEM: 600","COMPR",1.7077,3960000,6762492]
["426/2022","Aprovada","MS.SCTIE.DAF.CGAFME","BENS",250005,249600,"2023-01-02","2023-12-29",361,"MS.SCTIE.DAF.CGAFME","1276/2022",null,"2023-01-28","Material",6505,"DROGAS E MEDICAMENTOS",11154,"PREDNISONA",267741,"DOSAGEM: 5 MG","COMPR",0.08,3120000,249600]
["427/2022","Aprovada","MS.SCTIE.DAF.CGAFME","BENS",250005,515575.25,"2023-01-02","2023-12-29",361,"MS.SCTIE.DAF.CGAFME","1209/2022",null,"2023-09-30","Material",6505,"DROGAS E MEDICAMENTOS",17667,"ARTEMÉTER",400564,"COMPOSIÇÃO: ASSOCIADO À LUMEFANTRINA, CONCENTRAÇÃO: 20 MG + 120","COMPR",3.2469,158790,515575.25]